中国内地及港澳所有地铁站,但只要答对一个字就算对 - Statistics

General Stats
  • This quiz has been taken 46 times
  • The average score is 6342 of 7200
Answer Stats
城市 线路 站点 % Correct
北京 1号线八通线 八角游乐园
100%
北京 1号线八通线 玉泉路
100%
北京 1号线八通线 万寿路
100%
北京 1号线八通线 南礼士路
100%
北京 1号线八通线 天安门东
100%
北京 1号线八通线 东单
100%
北京 1号线八通线 大望路
100%
北京 1号线八通线 四惠东
100%
北京 1号线八通线 通州北苑
100%
北京 2号线 鼓楼大街
100%
北京 2号线 东直门
100%
北京 2号线 东四十条
100%
北京 2号线 北京站
100%
北京 2号线 车公庄
100%
北京 3号线 东四十条
100%
北京 3号线 朝阳公园
100%
北京 3号线 东坝南
100%
北京 3号线 东坝
100%
北京 3号线 东坝北
100%
北京 4号线大兴线 黄村火车站
100%
北京 4号线大兴线 黄村西大街
100%
北京 4号线大兴线 清源路
100%
北京 4号线大兴线 北京南站
100%
北京 4号线大兴线 北京大学东门
100%
北京 5号线 天坛东门
100%
北京 5号线 东单
100%
北京 5号线 东四
100%
北京 5号线 张自忠路
100%
北京 5号线 大屯路东
100%
北京 5号线 北苑路北
100%
北京 6号线 东夏园
100%
北京 6号线 北运河东
100%
北京 6号线 物资学院路
100%
北京 6号线 青年路
100%
北京 6号线 金台路
100%
北京 6号线 东大桥
100%
北京 6号线 东四
100%
北京 6号线 车公庄
100%
北京 6号线 车公庄西
100%
北京 6号线 海淀五路居
100%
北京 6号线 廖公庄
100%
北京 7号线 万盛东
100%
北京 7号线 南楼梓庄
100%
北京 7号线 广渠门外
100%
北京 7号线 广渠门内
100%
北京 7号线 广安门内
100%
北京 7号线 北京西站
100%
北京 8号线 东高地
100%
北京 8号线 大红门南
100%
北京 8号线 鼓楼大街
100%
北京 8号线 奥林匹克公园
100%
北京 8号线 森林公园南门
100%
北京 8号线 回龙观东大街
100%
北京 8号线 育知路
100%
北京 9号线 郭公庄
100%
北京 9号线 科怡路
100%
北京 9号线 丰台南路
100%
北京 9号线 丰台东大街
100%
北京 9号线 六里桥东
100%
北京 9号线 北京西站
100%
北京 10号线 知春路
100%
北京 10号线 大红门
100%
北京 10号线 角门东
100%
北京 12号线 东坝北
100%
北京 12号线 东坝西
100%
北京 12号线 将台西
100%
北京 12号线 北太平庄
100%
北京 13号线 知春路
100%
北京 13号线 清河站
100%
北京 13号线 西二旗
100%
北京 13号线 东直门
100%
北京 14号线 东湖渠
100%
北京 14号线 东风北桥
100%
北京 14号线 朝阳公园
100%
北京 14号线 金台路
100%
北京 14号线 大望路
100%
北京 14号线 北工大西门
100%
北京 14号线 北京南站
100%
北京 14号线 西铁营
100%
北京 14号线 东管头
100%
北京 15号线 望京东
100%
北京 15号线 大屯路东
100%
北京 15号线 安立路
100%
北京 15号线 奥林匹克公园
100%
北京 15号线 六道口
100%
北京 15号线 清华东路西口
100%
北京 16号线 温阳路
100%
北京 16号线 稻香湖路
100%
北京 16号线 农大南路
100%
北京 16号线 玉渊潭东门
100%
北京 16号线 红莲南路
100%
北京 16号线 东管头南
100%
北京 16号线 丰台南路
100%
北京 17号线北段 天通苑东
100%
北京 19号线 北太平庄
100%
北京 昌平线 昌平东关
100%
北京 昌平线 沙河高教园
100%
北京 昌平线 西二旗
100%
北京 昌平线 清河站
100%
北京 昌平线 六道口
100%
北京 昌平线 学院桥
100%
北京 房山线 阎村东
100%
北京 房山线 良乡大学城西
100%
北京 房山线 良乡大学城北
100%
北京 房山线 郭公庄
100%
北京 房山线 花乡东桥
100%
北京 房山线 东管头南
100%
北京 首都机场线 东直门
100%
北京 西郊线 颐和园西门
100%
北京 燕房线 阎村东
100%
北京 燕房线 大石河东
100%
北京 亦庄线 荣京东街
100%
北京 亦庄线 荣昌东街
100%
北京 亦庄线 同济南路
100%
北京 亦庄线 经海路
100%
北京 亦庄线 亦庄火车站
100%
上海 1号线 外环路
100%
上海 1号线 莲花路
100%
上海 1号线 上海南站
100%
上海 1号线 漕宝路
100%
上海 1号线 衡山路
100%
上海 1号线 常熟路
100%
上海 1号线 陕西南路
100%
上海 1号线 一大会址·黄陂南路
100%
上海 1号线 新闸路
100%
上海 1号线 汉中路
100%
上海 1号线 上海火车站
100%
上海 1号线 中山北路
100%
上海 1号线 延长路
100%
上海 1号线 汶水路
100%
上海 1号线 共康路
100%
上海 1号线 呼兰路
100%
上海 1号线 宝安公路
100%
上海 1号线 友谊西路
100%
上海 1号线 富锦路
100%
上海 2号线 海天三路
100%
上海 2号线 远东大道
100%
上海 2号线 凌空路
100%
上海 2号线 华夏东路
100%
上海 2号线 创新中路
100%
上海 2号线 广兰路
100%
上海 2号线 金科路
100%
上海 2号线 龙阳路
100%
上海 2号线 世纪公园
100%
上海 2号线 浦东南路(原东昌路)
100%
上海 2号线 南京东路
100%
上海 2号线 南京西路
100%
上海 2号线 江苏路
100%
上海 2号线 中山公园
100%
上海 2号线 娄山关路
100%
上海 2号线 威宁路
100%
上海 2号线 淞虹路
100%
上海 3号线 江杨北路
100%
上海 3号线 铁力路
100%
上海 3号线 友谊路
100%
上海 3号线 宝杨路
100%
上海 3号线 水产路
100%
上海 3号线 淞滨路
100%
上海 3号线 淞发路
100%
上海 3号线 长江南路
100%
上海 3号线 殷高西路
100%
上海 3号线 赤峰路
100%
上海 3号线 东宝兴路
100%
上海 3号线 宝山路
100%
上海 3号线 上海火车站
100%
上海 3号线 中潭路
100%
上海 3号线 镇坪路
100%
上海 3号线 曹杨路
100%
上海 3号线 金沙江路
100%
上海 3号线 中山公园
100%
上海 3号线 延安西路
100%
上海 3号线 虹桥路
100%
上海 3号线 宜山路
100%
上海 3号线 漕溪路
100%
上海 3号线 龙漕路
100%
上海 3号线 石龙路
100%
上海 3号线 上海南站
100%
上海 4号线 宜山路
100%
上海 4号线 虹桥路
100%
上海 4号线 延安西路
100%
上海 4号线 中山公园
100%
上海 4号线 金沙江路
100%
上海 4号线 曹杨路
100%
上海 4号线 镇坪路
100%
上海 4号线 中潭路
100%
上海 4号线 上海火车站
100%
上海 4号线 宝山路
100%
上海 4号线 海伦路
100%
上海 4号线 临平路
100%
上海 4号线 大连路
100%
上海 4号线 杨树浦路
100%
上海 4号线 浦东大道
100%
上海 4号线 向城路
100%
上海 4号线 蓝村路
100%
上海 4号线 南浦大桥
100%
上海 4号线 西藏南路
100%
上海 4号线 鲁班路
100%
上海 4号线 大木桥路
100%
上海 4号线 东安路
100%
上海 5号线 春申路
100%
上海 5号线 银都路
100%
上海 5号线 剑川路
100%
上海 5号线 东川路
100%
上海 5号线 金平路
100%
上海 5号线 华宁路
100%
上海 5号线 文井路
100%
上海 5号线 春申路
100%
上海 5号线 银都路
100%
上海 5号线 剑川路
100%
上海 5号线 东川路
100%
上海 5号线 江川路
100%
上海 5号线 环城东路
100%
上海 5号线 望园路
100%
上海 5号线 金海湖
100%
上海 6号线 东方体育中心
100%
上海 6号线 灵岩南路
100%
上海 6号线 上南路
100%
上海 6号线 华夏西路
100%
上海 6号线 高青路
100%
上海 6号线 东明路
100%
上海 6号线 高科西路
100%
上海 6号线 上海儿童医学中心
100%
上海 6号线 蓝村路
100%
上海 6号线 浦电路
100%
上海 6号线 民生路
100%
上海 6号线 北洋泾路
100%
上海 6号线 德平路
100%
上海 6号线 云山路
100%
上海 6号线 金桥路
100%
上海 6号线 博兴路
100%
上海 6号线 五莲路
100%
上海 6号线 巨峰路
100%
上海 6号线 东靖路
100%
上海 6号线 五洲大道
100%
上海 6号线 洲海路
100%
上海 6号线 航津路
100%
上海 6号线 港城路
100%
上海 7号线 花木路
100%
上海 7号线 龙阳路
100%
上海 7号线 芳华路
100%
上海 7号线 锦绣路
100%
上海 7号线 杨高南路
100%
上海 7号线 高科西路
100%
上海 7号线 云台路
100%
上海 7号线 耀华路
100%
上海 7号线 长清路
100%
上海 7号线 龙华中路
100%
上海 7号线 东安路
100%
上海 7号线 肇嘉浜路
100%
上海 7号线 常熟路
100%
上海 7号线 昌平路
100%
上海 7号线 长寿路
100%
上海 7号线 镇坪路
100%
上海 7号线 岚皋路
100%
上海 7号线 新村路
100%
上海 7号线 大华三路
100%
上海 7号线 行知路
100%
上海 7号线 场中路
100%
上海 7号线 上大路
100%
上海 7号线 南陈路
100%
上海 7号线 上海大学
100%
上海 7号线 祁华路
100%
上海 7号线 顾村公园
100%
上海 7号线 潘广路
100%
上海 8号线 沈杜公路
100%
上海 8号线 联航路
100%
上海 8号线 江月路
100%
上海 8号线 芦恒路
100%
上海 8号线 东方体育中心
100%
上海 8号线 成山路
100%
上海 8号线 耀华路
100%
上海 8号线 西藏南路
100%
上海 8号线 陆家浜路
100%
上海 8号线 曲阜路
100%
上海 8号线 中兴路
100%
上海 8号线 西藏北路
100%
上海 8号线 曲阳路
100%
上海 8号线 四平路
100%
上海 8号线 江浦路
100%
上海 8号线 黄兴路
100%
上海 8号线 延吉中路
100%
上海 8号线 黄兴公园
100%
上海 8号线 翔殷路
100%
上海 8号线 嫩江路
100%
上海 8号线 市光路
100%
上海 9号线 曹路
100%
上海 9号线 民雷路
100%
上海 9号线 顾唐路
100%
上海 9号线 金海路
100%
上海 9号线 金吉路
100%
上海 9号线 台儿庄路
100%
上海 9号线 蓝天路
100%
上海 9号线 芳甸路
100%
上海 9号线 杨高中路
100%
上海 9号线 商城路
100%
上海 9号线 陆家浜路
100%
上海 9号线 马当路
100%
上海 9号线 嘉善路
100%
上海 9号线 肇嘉浜路
100%
上海 9号线 宜山路
100%
上海 9号线 桂林路
100%
上海 9号线 合川路
100%
上海 9号线 星中路
100%
上海 9号线 中春路
100%
上海 9号线 松江体育中心
100%
上海 10号线 基隆路
100%
上海 10号线 港城路
100%
上海 10号线 双江路
100%
上海 10号线 国帆路
100%
上海 10号线 殷高东路
100%
上海 10号线 三门路
100%
上海 10号线 国权路
100%
上海 10号线 四平路
100%
上海 10号线 海伦路
100%
上海 10号线 四川北路
100%
上海 10号线 天潼路
100%
上海 10号线 南京东路
100%
上海 10号线 一大会址·新天地
100%
上海 10号线 陕西南路
100%
上海 10号线 虹桥路
100%
上海 10号线 宋园路
100%
上海 10号线 伊犁路
100%
上海 10号线 水城路
100%
上海 10号线 龙溪路
100%
上海 10号线 紫藤路
100%
上海 10号线 航中路
100%
上海 10号线 基隆路
100%
上海 10号线 港城路
100%
上海 10号线 双江路
100%
上海 10号线 国帆路
100%
上海 10号线 殷高东路
100%
上海 10号线 三门路
100%
上海 10号线 国权路
100%
上海 10号线 四平路
100%
上海 10号线 海伦路
100%
上海 10号线 四川北路
100%
上海 10号线 天潼路
100%
上海 10号线 南京东路
100%
上海 10号线 一大会址·新天地
100%
上海 10号线 陕西南路
100%
上海 10号线 虹桥路
100%
上海 10号线 宋园路
100%
上海 10号线 伊犁路
100%
上海 10号线 水城路
100%
上海 10号线 龙溪路
100%
上海 10号线 上海动物园
100%
上海 11号线 白银路
100%
上海 11号线 陈翔公路
100%
上海 11号线 武威路
100%
上海 11号线 祁连山路
100%
上海 11号线 上海西站
100%
上海 11号线 枫桥路
100%
上海 11号线 曹杨路
100%
上海 11号线 隆德路
100%
上海 11号线 江苏路
100%
上海 11号线 云锦路
100%
上海 11号线 龙耀路
100%
上海 11号线 东方体育中心
100%
上海 11号线 三林东
100%
上海 11号线 浦三路
100%
上海 11号线 康恒路
100%
上海 11号线 罗山路
100%
上海 11号线 秀沿路
100%
上海 11号线 康新公路
100%
上海 11号线 康新公路
100%
上海 11号线 秀沿路
100%
上海 11号线 罗山路
100%
上海 11号线 康恒路
100%
上海 11号线 浦三路
100%
上海 11号线 三林东
100%
上海 11号线 东方体育中心
100%
上海 11号线 龙耀路
100%
上海 11号线 云锦路
100%
上海 11号线 江苏路
100%
上海 11号线 隆德路
100%
上海 11号线 曹杨路
100%
上海 11号线 枫桥路
100%
上海 11号线 上海西站
100%
上海 11号线 祁连山路
100%
上海 11号线 武威路
100%
上海 11号线 陈翔公路
100%
上海 11号线 昌吉东路
100%
上海 11号线 兆丰路
100%
上海 11号线 光明路
100%
上海 12号线 七莘路
100%
上海 12号线 虹莘路
100%
上海 12号线 顾戴路
100%
上海 12号线 东兰路
100%
上海 12号线 虹梅路
100%
上海 12号线 虹漕路
100%
上海 12号线 桂林公园
100%
上海 12号线 漕宝路
100%
上海 12号线 龙漕路
100%
上海 12号线 龙华中路
100%
上海 12号线 大木桥路
100%
上海 12号线 嘉善路
100%
上海 12号线 陕西南路
100%
上海 12号线 南京西路
100%
上海 12号线 汉中路
100%
上海 12号线 曲阜路
100%
上海 12号线 天潼路
100%
上海 12号线 大连路
100%
上海 12号线 江浦公园
100%
上海 12号线 宁国路
100%
上海 12号线 隆昌路
100%
上海 12号线 爱国路
100%
上海 12号线 东陆路
100%
上海 12号线 巨峰路
100%
上海 12号线 杨高北路
100%
上海 12号线 金京路
100%
上海 12号线 申江路
100%
上海 12号线 金海路
100%
上海 13号线 金运路
100%
上海 13号线 金沙江西路
100%
上海 13号线 祁连山南路
100%
上海 13号线 真北路
100%
上海 13号线 大渡河路
100%
上海 13号线 金沙江路
100%
上海 13号线 隆德路
100%
上海 13号线 武宁路
100%
上海 13号线 长寿路
100%
上海 13号线 江宁路
100%
上海 13号线 汉中路
100%
上海 13号线 南京西路
100%
上海 13号线 淮海中路
100%
上海 13号线 一大会址·新天地
100%
上海 13号线 马当路
100%
上海 13号线 长清路
100%
上海 13号线 成山路
100%
上海 13号线 东明路
100%
上海 13号线 华鹏路
100%
上海 13号线 下南路
100%
上海 13号线 陈春路
100%
上海 13号线 莲溪路
100%
上海 13号线 华夏中路
100%
上海 13号线 中科路
100%
上海 13号线 学林路
100%
上海 13号线 张江路
100%
上海 14号线 乐秀路
100%
上海 14号线 临洮路
100%
上海 14号线 嘉怡路
100%
上海 14号线 定边路
100%
上海 14号线 真光路
100%
上海 14号线 铜川路
100%
上海 14号线 中宁路
100%
上海 14号线 曹杨路
100%
上海 14号线 武宁路
100%
上海 14号线 武定路
100%
上海 14号线 一大会址·黄陂南路
100%
上海 14号线 浦东南路
100%
上海 14号线 浦东大道
100%
上海 14号线 源深路
100%
上海 14号线 昌邑路
100%
上海 14号线 歇浦路
100%
上海 14号线 云山路
100%
上海 14号线 蓝天路
100%
上海 14号线 黄杨路
100%
上海 14号线 云顺路
100%
上海 14号线 浦东足球场
100%
上海 14号线 金粤路
100%
上海 14号线 桂桥路
100%
上海 15号线 顾村公园
100%
上海 15号线 锦秋路
100%
上海 15号线 丰翔路
100%
上海 15号线 南大路
100%
上海 15号线 祁安路
100%
上海 15号线 古浪路
100%
上海 15号线 武威东路
100%
上海 15号线 上海西站
100%
上海 15号线 铜川路
100%
上海 15号线 梅岭北路
100%
上海 15号线 大渡河路
100%
上海 15号线 长风公园
100%
上海 15号线 娄山关路
100%
上海 15号线 红宝石路
100%
上海 15号线 姚虹路
100%
上海 15号线 吴中路
100%
上海 15号线 桂林路
100%
上海 15号线 桂林公园
100%
上海 15号线 上海南站
100%
上海 15号线 华东理工大学
100%
上海 15号线 罗秀路
100%
上海 15号线 朱梅路
100%
上海 15号线 虹梅南路
100%
上海 15号线 景西路
100%
上海 15号线 曙建路
100%
上海 15号线 双柏路
100%
上海 15号线 元江路
100%
上海 15号线 永德路
100%
上海 16号线 龙阳路
100%
上海 16号线 华夏中路
100%
上海 16号线 罗山路
100%
上海 16号线 周浦东
100%
上海 16号线 航头东
100%
上海 16号线 惠南东
100%
上海 17号线 蟠龙路
100%
上海 17号线 徐盈路
100%
上海 17号线 嘉松中路
100%
上海 17号线 汇金路
100%
上海 17号线 漕盈路
100%
上海 17号线 淀山湖大道
100%
上海 17号线 东方绿舟
100%
上海 18号线 长江南路
100%
上海 18号线 殷高路
100%
上海 18号线 上海财经大学
100%
上海 18号线 国权路
100%
上海 18号线 抚顺路
100%
上海 18号线 江浦路
100%
上海 18号线 江浦公园
100%
上海 18号线 平凉路
100%
上海 18号线 丹阳路
100%
上海 18号线 昌邑路
100%
上海 18号线 民生路
100%
上海 18号线 杨高中路
100%
上海 18号线 迎春路
100%
上海 18号线 龙阳路
100%
上海 18号线 芳芯路
100%
上海 18号线 北中路
100%
上海 18号线 莲溪路
100%
上海 18号线 繁荣路
100%
上海 18号线 沈梅路
100%
上海 18号线 鹤涛路
100%
上海 磁悬浮 龙阳路
100%
上海 浦江线 沈杜公路
100%
上海 浦江线 三鲁公路
100%
上海 浦江线 闵瑞路
100%
上海 浦江线 浦航路
100%
上海 浦江线 东城一路
100%
上海 浦江线 汇臻路
100%
上海 市域机场线 中春路
100%
上海 市域机场线 景洪路(市域机场线)
100%
上海 市域机场线 康桥东
100%
广州 1号线 长寿路
100%
广州 1号线 公园前
100%
广州 1号线 东山口
100%
广州 1号线 体育西路
100%
广州 1号线 广州东站
100%
广州 佛山2号线 广州南站
100%
广州 佛山2号线 魁奇路
100%
广州 佛山2号线 南庄
100%
广州 2号线 广州南站
100%
广州 2号线 东晓南
100%
广州 2号线 江泰路
100%
广州 2号线 海珠广场
100%
广州 2号线 公园前
100%
广州 2号线 越秀公园
100%
广州 2号线 广州火车站
100%
广州 2号线 飞翔公园
100%
广州 2号线 白云公园
100%
广州 3号线 海涌路
100%
广州 3号线 体育西路
100%
广州 3号线 天河客运站
100%
广州 3号线 白云大道北
100%
广州 3号线 京溪南方医院
100%
广州 3号线 广州东站
100%
广州 3号线 体育西路
100%
广州 4号线 大学城北
100%
广州 4号线 大学城南
100%
广州 4号线 东涌
100%
广州 5号线 中山八
100%
广州 5号线 广州火车站
100%
广州 5号线 科韵路
100%
广州 5号线 东圃
100%
广州 5号线 大沙东
100%
广州 6号线 天河客运站
100%
广州 6号线 东山口
100%
广州 6号线 东湖
100%
广州 6号线 团一大广场
100%
广州 6号线 北京路
100%
广州 6号线 海珠广场
100%
广州 6号线 一德路
100%
广州 6号线 文化公园
100%
广州 7号线 科丰路
100%
广州 7号线 大沙东
100%
广州 7号线 大学城南
100%
广州 7号线 广州南站
100%
广州 7号线 北滘公园
100%
广州 8号线 文化公园
100%
广州 8号线 新港东
100%
广州 9号线 马鞍山公园
100%
广州 9号线 花果山公园
100%
广州 9号线 花城路
100%
广州 9号线 广州北站
100%
广州 11号线 天河公园
100%
广州 11号线 华景路
100%
广州 11号线 大金钟路
100%
广州 11号线 中山八
100%
广州 11号线 鹤洞东
100%
广州 11号线 江泰路
100%
广州 11号线 逸景路
100%
广州 14号线 白云东平
100%
广州 14号线 东风
100%
广州 21号线 天河公园
100%
广州 21号线 棠东
100%
广州 21号线 大观南路
100%
广州 21号线 神舟路
100%
广州 22号线 广州南站
100%
广州 22号线 市广路
100%
广州 APM线 海心沙
100%
广州 APM线 体育中心南
100%
广州 广佛线 南桂路
100%
广州 广佛线 普君北路
100%
广州 广佛线 同济路
100%
广州 广佛线 魁奇路
100%
广州 广佛线 东平
100%
广州 广佛线 新城东
100%
深圳 1号线/罗宝线 华强路
100%
深圳 1号线/罗宝线 购物公园
100%
深圳 1号线/罗宝线 侨城东
100%
深圳 1号线/罗宝线 机场东
100%
深圳 坪山云巴1号线 站前路东
100%
深圳 坪山云巴1号线 坪山高铁站
100%
深圳 2号线/8号线 东角头
100%
深圳 2号线/8号线 仙湖路
100%
深圳 2号线/8号线 盐田路
100%
深圳 3号线/龙岗线 购物公园
100%
深圳 4号线/龙华线 深圳北站
100%
深圳 5号线/环中线 铁路公园
100%
深圳 5号线/环中线 前湾公园
100%
深圳 5号线/环中线 兴东
100%
深圳 5号线/环中线 深圳北站
100%
深圳 6号线/光明线 松岗公园
100%
深圳 6号线/光明线 科学公园
100%
深圳 6号线/光明线 光明大街
100%
深圳 6号线/光明线 阳台山东
100%
深圳 6号线/光明线 深圳北站
100%
深圳 7号线/西丽线 北大
100%
深圳 7号线/西丽线 西丽湖
100%
深圳 7号线/西丽线 深大丽湖
100%
深圳 9号线/梅林线 深大南
100%
深圳 9号线/梅林线 深圳湾公园
100%
深圳 10号线/坂田线 贝尔路
100%
深圳 12号线/南宝线 海上田园东
100%
深圳 12号线/南宝线 海上田园南
100%
深圳 12号线/南宝线 机场东
100%
深圳 12号线/南宝线 宝田一路
100%
深圳 12号线/南宝线 宝安客运站
100%
深圳 12号线/南宝线 新安公园
100%
深圳 12号线/南宝线 中山公园
100%
深圳 12号线/南宝线 左炮台东
100%
深圳 13号线/石岩线 人才公园
100%
深圳 14号线/东部快线 六约北
100%
深圳 14号线/东部快线 坪山广场
100%
深圳 14号线/东部快线 坪山中心
100%
深圳 16号线/龙坪线 龙城公园
100%
深圳 16号线/龙坪线 龙东
100%
深圳 16号线/龙坪线 东纵纪念馆
100%
武汉 1号线 二七路
100%
武汉 1号线 黄浦路
100%
武汉 1号线 三阳路
100%
武汉 1号线 大智路
100%
武汉 1号线 友谊路
100%
武汉 1号线 利济北路
100%
武汉 1号线 崇仁路
100%
武汉 1号线 硚口路
100%
武汉 1号线 汉西一路
100%
武汉 1号线 古田四路
100%
武汉 1号线 古田三路
100%
武汉 1号线 古田二路
100%
武汉 1号线 古田一路
100%
武汉 1号线 五环大道
100%
武汉 1号线 东吴大道
100%
武汉 1号线 码头潭公园
100%
武汉 2号线 藏龙东街
100%
武汉 2号线 黄龙山路
100%
武汉 2号线 武汉东站
100%
武汉 2号线 佳园路
100%
武汉 2号线 珞雄路
100%
武汉 2号线 中南路
100%
武汉 2号线 洪山广场
100%
武汉 2号线 江汉路
100%
武汉 2号线 中山公园
100%
武汉 2号线 青年路
100%
武汉 2号线 王家墩东
100%
武汉 2号线 汉口火车站
100%
武汉 2号线 长港路
100%
武汉 2号线 天河机场
100%
武汉 3号线 东风公司
100%
武汉 3号线 四新大道
100%
武汉 3号线 云飞路
100%
武汉 3号线 香港路
100%
武汉 3号线 惠济二路
100%
武汉 3号线 二七小路
100%
武汉 3号线 兴业路
100%
武汉 3号线 后湖大道
100%
武汉 4号线 凤凰路
100%
武汉 4号线 玉龙路
100%
武汉 4号线 汉阳火车站
100%
武汉 4号线 拦江路
100%
武汉 4号线 复兴路
100%
武汉 4号线 首义路
100%
武汉 4号线 武昌火车站
100%
武汉 4号线 中南路
100%
武汉 4号线 洪山广场
100%
武汉 4号线 东亭
100%
武汉 4号线 铁机路
100%
武汉 4号线 园林路
100%
武汉 4号线 仁和路
100%
武汉 4号线 工业四路
100%
武汉 4号线 武汉火车站
100%
武汉 5号线 黄家湖(武科大)
100%
武汉 5号线 白沙六路
100%
武汉 5号线 复兴路
100%
武汉 5号线 司门口黄鹤楼
100%
武汉 5号线 三角路
100%
武汉 5号线 杨园铁四院
100%
武汉 5号线 科普公园
100%
武汉 5号线 建设二路
100%
武汉 5号线 和平公园
100%
武汉 5号线 武汉站东广场
100%
武汉 6号线 新城十一路
100%
武汉 6号线 码头潭公园
100%
武汉 6号线 五环体育中心
100%
武汉 6号线 二雅路
100%
武汉 6号线 海口三路
100%
武汉 6号线 金银湖公园
100%
武汉 6号线 园博园北
100%
武汉 6号线 香港路
100%
武汉 6号线 苗栗路
100%
武汉 6号线 大智路
100%
武汉 6号线 江汉路
100%
武汉 6号线 武胜路
100%
武汉 6号线 马鹦路
100%
武汉 6号线 国博中心北
100%
武汉 6号线 国博中心南
100%
武汉 6号线 车城东路
100%
武汉 6号线 东风公司
100%
武汉 7号线 百泰路
100%
武汉 7号线 裕福路
100%
武汉 7号线 汤云海路
100%
武汉 7号线 园博园北
100%
武汉 7号线 王家墩东
100%
武汉 7号线 香港路
100%
武汉 7号线 三阳路
100%
武汉 7号线 湖北大学
100%
武汉 7号线 小东门
100%
武汉 7号线 武昌火车站
100%
武汉 7号线 湖工大
100%
武汉 7号线 新路村
100%
武汉 7号线 谭鑫培公园
100%
武汉 7号线 纸坊大街
100%
武汉 7号线 青龙山地铁小镇
100%
武汉 8号线 金潭路
100%
武汉 8号线 中一路
100%
武汉 8号线 黄浦路
100%
武汉 8号线 徐东
100%
武汉 8号线 中南医院
100%
武汉 8号线 洪山路
100%
武汉 8号线 文昌路
100%
武汉 11号线 江安路
100%
武汉 11号线 武昌站东广场
100%
武汉 11号线 关山大道
100%
武汉 11号线 武汉东站
100%
武汉 11号线 光谷四路
100%
武汉 11号线 光谷五路
100%
武汉 11号线 光谷六路
100%
武汉 11号线 光谷七路
100%
武汉 11号线 未来一路
100%
武汉 11号线 未来三路
100%
武汉 11号线 葛店南站
100%
武汉 16号线 国博中心南
100%
武汉 16号线 南太子湖
100%
武汉 16号线 大军山
100%
武汉 19号线 新月溪公园
100%
武汉 19号线 光谷五路
100%
武汉 19号线 武东
100%
武汉 19号线 武汉站西广场
100%
武汉 21号线(阳逻线) 后湖大道
100%
武汉 21号线(阳逻线) 百步亭花园路
100%
天津 1号线 本溪路
100%
天津 1号线 西站
100%
天津 1号线 二纬路
100%
天津 1号线 南楼
100%
天津 1号线 洪泥河东
100%
天津 1号线 国瑞路
100%
天津 1号线 东沽路
100%
天津 2号线 滨海国际机场
100%
天津 2号线 国山路
100%
天津 2号线 登州路
100%
天津 2号线 屿东城
100%
天津 2号线 靖江路
100%
天津 2号线 东南角
100%
天津 2号线 广开四马路
100%
天津 2号线 长虹公园
100%
天津 2号线 咸阳路
100%
天津 2号线 芥园西道
100%
天津 3号线 铁东路
100%
天津 3号线 北站
100%
天津 3号线 中山路
100%
天津 3号线 和平路
100%
天津 3号线 西康路
100%
天津 3号线 红旗南路
100%
天津 3号线 南站
100%
天津 4号线 东南角
100%
天津 4号线 和平路
100%
天津 4号线 六纬路
100%
天津 4号线 泰昌路
100%
天津 4号线 万东路
100%
天津 4号线 沙柳南路
100%
天津 4号线 登州南路
100%
天津 4号线 跃进北路
100%
天津 4号线 航双路
100%
天津 5号线 京华东道
100%
天津 5号线 李七庄南
100%
天津 5号线 中医一附院
100%
天津 5号线 昌凌路
100%
天津 5号线 凌宾路
100%
天津 5号线 西南楼
100%
天津 5号线 津塘路
100%
天津 5号线 靖江路
100%
天津 5号线 幸福公园
100%
天津 5号线 金钟河大街
100%
天津 5号线 思源路
100%
天津 5号线 志成路
100%
天津 5号线 北辰科技园北
100%
天津 6号线 南孙庄
100%
天津 6号线 南何庄
100%
天津 6号线 金钟河大街
100%
天津 6号线 北宁公园
100%
天津 6号线 北站
100%
天津 6号线 天泰路
100%
天津 6号线 西站
100%
天津 6号线 复兴路
100%
天津 6号线 长虹公园
100%
天津 6号线 一中心医院
100%
天津 6号线 红旗南路
100%
天津 6号线 水上公园东路
100%
天津 6号线 尖山路
100%
天津 6号线 医大二院
100%
天津 6号线 梅江公园
100%
天津 6号线 梅江会展中心
100%
天津 6号线 解放南路
100%
天津 6号线 洞庭路
100%
天津 6号线 梅林路
100%
天津 6号线 天津大学北洋园校区
100%
天津 6号线 海河教育园区
100%
天津 6号线 南开大学津南校区
100%
天津 6号线 和慧南路
100%
天津 9号线 东海路
100%
天津 9号线 太湖路
100%
天津 9号线 小东庄
100%
天津 9号线 东丽开发区
100%
天津 9号线 中山门
100%
天津 9号线 东兴路
100%
天津 9号线 十一经路
100%
天津 10号线 屿东城
100%
天津 10号线 沙柳南路
100%
天津 10号线 柳林路
100%
天津 10号线 微山路
100%
天津 10号线 春海路
100%
天津 10号线 友谊南路
100%
天津 10号线 江湾二支路
100%
天津 10号线 昌凌路
100%
天津 10号线 瑶环路
100%
天津 11号线 水上公园西路
100%
天津 11号线 南开大学八里台
100%
天津 11号线 医大二院
100%
天津 11号线 内江路
100%
天津 11号线 东江道
100%
天津 11号线 学苑北路
100%
天津 11号线 海河东路
100%
天津 11号线 雪莲南路
100%
天津 11号线 招远路
100%
天津 11号线 东丽文体中心
100%
天津 11号线 驯海路
100%
天津 11号线 东丽一经路
100%
天津 11号线 东丽三经路
100%
天津 11号线 东丽六经路
100%
天津 津静线 京华东道
100%
南京 S1号线(机场线) 翔宇路南
100%
南京 S1号线(机场线) 翔宇路北
100%
南京 S1号线(机场线) 正方中路
100%
南京 S1号线(机场线) 河海大学·佛城西路
100%
南京 S1号线(机场线) 南京南站
100%
南京 1号线 南京交院
100%
南京 1号线 南医大·江苏经贸学院
100%
南京 1号线 竹山路
100%
南京 1号线 胜太路
100%
南京 1号线 南京南站
100%
南京 1号线 中华门
100%
南京 1号线 珠江路
100%
南京 1号线 新模范马路
100%
南京 1号线 南京站
100%
南京 1号线 红山动物园
100%
南京 1号线 八卦洲大桥南
100%
南京 2号线 螺塘路
100%
南京 2号线 雨润大街
100%
南京 2号线 奥体东
100%
南京 2号线 兴隆大街
100%
南京 2号线 集庆门大街
100%
南京 2号线 云锦路
100%
南京 2号线 汉中门
100%
南京 2号线 上海路
100%
南京 2号线 金马路
100%
南京 2号线 学则路
100%
南京 2号线 羊山公园
100%
南京 2号线 南大仙林校区
100%
南京 2号线 经天路
100%
南京 S3号线(宁和线) 高庙路
100%
南京 S3号线(宁和线) 平良大街
100%
南京 S3号线(宁和线) 永初路
100%
南京 S3号线(宁和线) 春江路
100%
南京 S3号线(宁和线) 南京南站
100%
南京 3号线 秣周东路
100%
南京 3号线 东大九龙湖校区
100%
南京 3号线 天元西路
100%
南京 3号线 胜太西路
100%
南京 3号线 南京南站
100%
南京 3号线 大明路
100%
南京 3号线 南京林业大学·新庄
100%
南京 3号线 南京站
100%
南京 3号线 五塘广场
100%
南京 3号线 柳洲东路
100%
南京 3号线 泰冯路
100%
南京 3号线 东大成贤学院
100%
南京 3号线 星火路
100%
南京 4号线 草场门·南艺·二师
100%
南京 4号线 云南路
100%
南京 4号线 金马路
100%
南京 4号线 汇通路
100%
南京 4号线 东流
100%
南京 5号线 九龙湖南
100%
南京 5号线 科宁路
100%
南京 5号线 竹山路
100%
南京 5号线 新亭路
100%
南京 5号线 东山
100%
南京 5号线 文靖路
100%
南京 S6号线 东郊小镇
100%
南京 S6号线 泉都大街
100%
南京 S7号线(宁溧线) 中山湖
100%
南京 7号线 仙新路
100%
南京 7号线 丁家庄南
100%
南京 7号线 五塘广场
100%
南京 7号线 幕府西路
100%
南京 7号线 钟阜路·市第二医院
100%
南京 7号线 福建路
100%
南京 7号线 草场门·南艺·二师
100%
南京 7号线 南湖
100%
南京 7号线 应天大街
100%
南京 7号线 梦都大街东
100%
南京 7号线 嘉陵江东街
100%
南京 7号线 永初路
100%
南京 7号线 太清路
100%
南京 7号线 螺塘路
100%
南京 S8号线(宁天线) 长江大桥北
100%
南京 S8号线(宁天线) 毛纺厂路
100%
南京 S8号线(宁天线) 泰冯路
100%
南京 S8号线(宁天线) 凤凰山公园
100%
南京 S9号线(宁高线) 翔宇路南
100%
南京 10号线 梦都大街
100%
南京 10号线 临江·青奥体育公园
100%
南京 10号线 南京工业大学
100%
南京 10号线 龙华路
100%
南京 10号线 文德路
100%
南京 10号线 雨山路
100%
香港 东铁线 旺角东
100%
香港 东铁线 旺角东
100%
香港 东涌线 东涌
100%
香港 港岛线 香港大学
100%
香港 南港岛线 海洋公园
100%
香港 南港岛线 利东
100%
香港 屯马线 锦上路
100%
香港 屯马线 尖东
100%
香港 屯马线 第一城
100%
重庆 1号线 两路口
100%
重庆 1号线 石油路
100%
重庆 轨道交通3号线(空港线) 观月路
100%
重庆 3号线 鱼胡路
100%
重庆 3号线 大山村
100%
重庆 3号线 岔路口
100%
重庆 3号线 六公里
100%
重庆 3号线 两路口
100%
重庆 3号线 嘉州路
100%
重庆 3号线 重庆北站南广场
100%
重庆 3号线 金童路
100%
重庆 3号线 长福路
100%
重庆 4号线 重庆北站北广场
100%
重庆 5号线 悦港北路
100%
重庆 5号线 中央公园西
100%
重庆 5号线 湖霞街
100%
重庆 5号线 和睦路
100%
重庆 5号线 大龙山
100%
重庆 5号线 石新路
100%
重庆 5号线 凤西路
100%
重庆 5号线 重庆西站
100%
重庆 5号线 华成路
100%
重庆 5号线 中梁山
100%
重庆 5号线 金建路
100%
重庆 6号线 大龙山
100%
重庆 6号线 西南大学
100%
重庆 9号线 天梨路
100%
重庆 9号线 富华路
100%
重庆 9号线 上湾路
100%
重庆 9号线 中央公园东
100%
重庆 10号线 兰花路
100%
重庆 10号线 南湖
100%
重庆 10号线 万寿路
100%
重庆 10号线 龙头寺公园
100%
重庆 10号线 重庆北站南广场
100%
重庆 10号线 重庆北站北广场
100%
重庆 10号线 上湾路
100%
重庆 10号线 环山公园
100%
重庆 10号线 中央公园东
100%
重庆 10号线 中央公园
100%
重庆 10号线 中央公园西
100%
重庆 18号线 巴滨路湿地公园
100%
重庆 18号线 李家沱大桥
100%
重庆 18号线 富华路
100%
重庆 环线 体育公园
100%
重庆 环线 动步公园
100%
重庆 环线 洪湖东路
100%
重庆 环线 重庆北站南广场
100%
重庆 环线 南湖
100%
重庆 环线 海峡路
100%
重庆 环线 重庆西站
100%
重庆 江跳线 九龙园
100%
重庆 璧铜线 大路
100%
杭州 1号线 滨康路
100%
杭州 1号线 滨和路
100%
杭州 1号线 江陵路
100%
杭州 1号线 婺江路
100%
杭州 1号线 定安路
100%
杭州 1号线 凤起路
100%
杭州 1号线 西湖文化广场
100%
杭州 1号线 火车东站
100%
杭州 1号线 九和路
100%
杭州 1号线 高沙路
100%
杭州 1号线 文泽路
100%
杭州 1号线 文海南路
100%
杭州 1号线 向阳路
100%
杭州 1号线 萧山国际机场
100%
杭州 1号线 滨康路
100%
杭州 1号线 滨和路
100%
杭州 1号线 江陵路
100%
杭州 1号线 婺江路
100%
杭州 1号线 定安路
100%
杭州 1号线 凤起路
100%
杭州 1号线 西湖文化广场
100%
杭州 1号线 火车东站
100%
杭州 1号线 九和路
100%
杭州 1号线 临平南高铁站
100%
杭州 绍兴1号线 西沙路
100%
杭州 绍兴1号线 鉴水路
100%
杭州 绍兴1号线 镜水路
100%
杭州 绍兴1号线 梅山广场
100%
杭州 绍兴1号线 城南大道
100%
杭州 2号线 人民路
100%
杭州 2号线 建设一路
100%
杭州 2号线 建设三路
100%
杭州 2号线 振宁路
100%
杭州 2号线 飞虹路
100%
杭州 2号线 盈丰路
100%
杭州 2号线 钱江路
100%
杭州 2号线 庆菱路
100%
杭州 2号线 建国北路
100%
杭州 2号线 中河北路
100%
杭州 2号线 凤起路
100%
杭州 2号线 学院路
100%
杭州 2号线 古翠路
100%
杭州 2号线 丰潭路
100%
杭州 3号线 火车西站
100%
杭州 3号线 龙舟北路
100%
杭州 3号线 文一西路
100%
杭州 3号线 绿汀路
100%
杭州 3号线 高教路
100%
杭州 3号线 联胜路
100%
杭州 3号线 东岳
100%
杭州 3号线 古墩路
100%
杭州 3号线 西湖文化广场
100%
杭州 3号线 潮王路
100%
杭州 3号线 华丰路
100%
杭州 3号线 同协路
100%
杭州 3号线 桃花湖公园
100%
杭州 3号线 桃花湖公园
100%
杭州 3号线 同协路
100%
杭州 3号线 华丰路
100%
杭州 3号线 潮王路
100%
杭州 3号线 西湖文化广场
100%
杭州 3号线 古墩路
100%
杭州 3号线 东岳
100%
杭州 4号线 复兴路
100%
杭州 4号线 甬江路
100%
杭州 4号线 城星路
100%
杭州 4号线 江锦路
100%
杭州 4号线 钱江路
100%
杭州 4号线 火车东站
100%
杭州 4号线 明石路
100%
杭州 4号线 华中南路
100%
杭州 4号线 独城生态公园
100%
杭州 4号线 储运路
100%
杭州 4号线 杭行路
100%
杭州 5号线 南湖东
100%
杭州 5号线 绿汀路
100%
杭州 5号线 创景路
100%
杭州 5号线 良睦路
100%
杭州 5号线 浙大紫金港
100%
杭州 5号线 大运河
100%
杭州 5号线 拱宸桥东
100%
杭州 5号线 东新园
100%
杭州 5号线 建国北路
100%
杭州 5号线 江城路
100%
杭州 5号线 聚才路
100%
杭州 5号线 江晖路
100%
杭州 5号线 滨康路
100%
杭州 5号线 博奥路
100%
杭州 5号线 金鸡路
100%
杭州 5号线 育才北路
100%
杭州 5号线 通惠中路
100%
杭州 5号线 火车南站
100%
杭州 6号线 火车东站(东广场)
100%
杭州 6号线 昙花庵路
100%
杭州 6号线 江陵路
100%
杭州 6号线 江汉路
100%
杭州 6号线 建业路
100%
杭州 6号线 诚业路
100%
杭州 6号线 伟业路
100%
杭州 6号线 西浦路
100%
杭州 6号线 之江文化中心
100%
杭州 6号线 枫桦西路
100%
杭州 6号线 美院象山
100%
杭州 6号线 野生动物园东
100%
杭州 6号线 桂花西路
100%
杭州 6号线 火车东站(东广场)
100%
杭州 6号线 昙花庵路
100%
杭州 6号线 江陵路
100%
杭州 6号线 江汉路
100%
杭州 6号线 建业路
100%
杭州 6号线 诚业路
100%
杭州 6号线 伟业路
100%
杭州 6号线 西浦路
100%
杭州 6号线 之江文化中心
100%
杭州 6号线 枫桦西路
100%
杭州 6号线 美院象山
100%
杭州 6号线 科海路
100%
杭州 7号线 江东二路
100%
杭州 7号线 启成路
100%
杭州 7号线 青六中路
100%
杭州 7号线 新镇路
100%
杭州 7号线 永盛路
100%
杭州 7号线 萧山国际机场
100%
杭州 7号线 合欢路
100%
杭州 7号线 新汉路
100%
杭州 7号线 新兴路
100%
杭州 7号线 建设三路
100%
杭州 7号线 明星路
100%
杭州 7号线 江城路
100%
杭州 7号线 吴山广场
100%
杭州 8号线 文海南路
100%
杭州 8号线 河庄路
100%
杭州 8号线 青西三路
100%
杭州 8号线 青六中路
100%
杭州 8号线 新湾路
100%
杭州 9号线 五洲路
100%
杭州 9号线 荷禹路
100%
杭州 9号线 邱山大街
100%
杭州 9号线 临平南高铁站
100%
杭州 9号线 九睦路
100%
杭州 9号线 红普南路
100%
杭州 9号线 钱江路
100%
杭州 9号线 新业路
100%
杭州 10号线 逸盛路
100%
杭州 10号线 金德路
100%
杭州 10号线 杭行路
100%
杭州 10号线 祥园路
100%
杭州 10号线 北大桥
100%
杭州 10号线 翠柏路
100%
杭州 10号线 学院路
100%
杭州 10号线 文三路
100%
杭州 16号线 九州街
100%
杭州 16号线 青山湖
100%
杭州 16号线 青山湖科技城
100%
杭州 16号线 南湖
100%
杭州 16号线 禹航路
100%
杭州 16号线 凤新路
100%
杭州 16号线 绿汀路
100%
杭州 19号线 永盛路
100%
杭州 19号线 萧山国际机场
100%
杭州 19号线 知行路
100%
杭州 19号线 耕文路
100%
杭州 19号线 平澜路
100%
杭州 19号线 火车东站(东广场)
100%
杭州 19号线 驿城路
100%
杭州 19号线 西湖文化广场
100%
杭州 19号线 文三路
100%
杭州 19号线 荆长路
100%
杭州 19号线 创景路
100%
杭州 19号线 火车西站
100%
杭州 杭海城际 临平南高铁站
100%
杭州 杭海城际 海宁高铁西站
100%
杭州 杭海城际 长安(东方学院)
100%
杭州 杭海城际 长安东
100%
杭州 杭海城际 桐九公路
100%
杭州 杭海城际 海昌路
100%
沈阳 1号线 东中街
100%
沈阳 1号线 青年大街
100%
沈阳 1号线 铁西广场
100%
沈阳 1号线 迎宾路
100%
沈阳 1号线 中央大街
100%
沈阳 2号线 蒲田路
100%
沈阳 2号线 蒲河路
100%
沈阳 2号线 人杰湖公园
100%
沈阳 2号线 北陵公园
100%
沈阳 2号线 岐山路
100%
沈阳 2号线 沈阳北站
100%
沈阳 2号线 青年大街
100%
沈阳 2号线 青年公园
100%
沈阳 2号线 白塔河路
100%
沈阳 2号线 全运路
100%
沈阳 2号线 沈本大街
100%
沈阳 2号线 沈中大街
100%
沈阳 2号线 中央公园
100%
沈阳 2号线 创新一路
100%
沈阳 3号线 铁西汽车工厂
100%
沈阳 3号线 中德大街
100%
沈阳 3号线 千岛湖街
100%
沈阳 3号线 南阳湖街
100%
沈阳 3号线 大通湖街
100%
沈阳 4号线 正新路
100%
沈阳 4号线 观泉路
100%
沈阳 4号线 北大营
100%
沈阳 4号线 沈阳北站
100%
沈阳 4号线 皇寺路
100%
沈阳 4号线 市府大路
100%
沈阳 4号线 南五马路
100%
沈阳 4号线 金仓路
100%
沈阳 4号线 云杉路
100%
沈阳 4号线 红椿路
100%
沈阳 4号线 沈阳南站
100%
沈阳 4号线 创新路
100%
沈阳 9号线 怒江公园
100%
沈阳 9号线 淮河街沈医二院
100%
沈阳 9号线 北二路
100%
沈阳 9号线 铁西广场
100%
沈阳 9号线 兴华公园
100%
沈阳 9号线 沈辽路
100%
沈阳 9号线 吉力湖街
100%
沈阳 9号线 大通湖街
100%
沈阳 9号线 浑河站
100%
沈阳 9号线 金阳大街
100%
沈阳 10号线 淮河街沈医二院
100%
沈阳 10号线 百鸟公园
100%
沈阳 10号线 陵东街
100%
沈阳 10号线 东北大马路
100%
沈阳 10号线 长安路
100%
沈阳 10号线 江东街
100%
大连 1号线 大连北站
100%
大连 1号线 华北路
100%
大连 1号线 华南广场
100%
大连 1号线 千山路
100%
大连 1号线 松江路
100%
大连 1号线 东纬路
100%
大连 1号线 中长街
100%
大连 1号线 西安路
100%
大连 1号线 星海广场
100%
大连 1号线 大医二院
100%
大连 1号线 海事大学
100%
大连 2号线 大连北站
100%
大连 2号线 虹港路
100%
大连 2号线 虹锦路
100%
大连 2号线 红旗西路
100%
大连 2号线 西安路
100%
大连 2号线 联合路
100%
大连 2号线 一二九街
100%
大连 2号线 中山广场
100%
大连 2号线 东港
100%
大连 2号线 东海
100%
大连 地铁3号线支线 和平路
100%
大连 地铁3号线支线 东山路
100%
大连 3号线 金马路
100%
大连 5号线 龙华路
100%
大连 5号线 泉水东
100%
大连 5号线 中华东路
100%
大连 5号线 甘北路
100%
大连 5号线 劳动公园
100%
大连 5号线 石葵路
100%
大连 5号线 虎滩公园
100%
大连 13号线 海湾高中
100%
大连 13号线 大医三院
100%
大连 九里线 和平路
100%
大连 九里线 东山路
100%
大连 九里线 金马路
100%
成都 1号线 火车南站
100%
成都 1号线 人民北路
100%
成都 1号线 火车北站
100%
成都 1号线 广州路
100%
成都 1号线 天府公园
100%
成都 1号线 武汉路
100%
成都 1号线 红石公园
100%
成都 1号线 海昌路
100%
成都 1号线 火车南站
100%
成都 1号线 人民北路
100%
成都 1号线 火车北站
100%
成都 2号线 天河路
100%
成都 2号线 百草路
100%
成都 2号线 金周路
100%
成都 2号线 金科北路
100%
成都 2号线 蜀汉路东
100%
成都 2号线 人民公园
100%
成都 2号线 春熙路
100%
成都 2号线 东门大桥
100%
成都 2号线 东大路
100%
成都 2号线 塔子山公园
100%
成都 2号线 成都东客站
100%
成都 2号线 龙平路
100%
成都 S3(资阳)线 资阳北站
100%
成都 3号线 马超西路
100%
成都 3号线 金华寺东路
100%
成都 3号线 军区总医院(熊猫基地西大门)
100%
成都 3号线 熊猫大道(熊猫基地南大门)
100%
成都 3号线 昭觉寺南路
100%
成都 3号线 前锋路
100%
成都 3号线 春熙路
100%
成都 3号线 武青南路
100%
成都 3号线 龙桥路
100%
成都 3号线 航都大街
100%
成都 3号线 东升
100%
成都 3号线 双流西站
100%
成都 4号线 双桥路
100%
成都 4号线 玉双路
100%
成都 4号线 太升南路
100%
成都 4号线 草堂北路
100%
成都 4号线 西南财大
100%
成都 4号线 清江西路
100%
成都 4号线 成都西站
100%
成都 4号线 凤凰大街
100%
成都 4号线 光华公园
100%
成都 4号线 南熏大道
100%
成都 5号线 华桂路
100%
成都 5号线 九道堰(凤凰山体育公园东)
100%
成都 5号线 杜家碾(凤凰山体育公园西)
100%
成都 5号线 石犀公园
100%
成都 5号线 泉水路
100%
成都 5号线 福宁路
100%
成都 5号线 北站西二路
100%
成都 5号线 九兴大道
100%
成都 5号线 市一医院
100%
成都 5号线 南湖立交
100%
成都 5号线 怡心湖
100%
成都 5号线 龙马路
100%
成都 6号线 尚锦路
100%
成都 6号线 红高路
100%
成都 6号线 天宇路
100%
成都 6号线 交大兴业北街
100%
成都 6号线 西华大道
100%
成都 6号线 西南交大
100%
成都 6号线 人民北路
100%
成都 6号线 前锋路
100%
成都 6号线 电子科大建设北路
100%
成都 6号线 新鸿路
100%
成都 6号线 玉双路
100%
成都 6号线 顺江路
100%
成都 6号线 东光
100%
成都 6号线 琉三路
100%
成都 6号线 金石路
100%
成都 6号线 金融城东
100%
成都 6号线 观东
100%
成都 6号线 新川路
100%
成都 6号线 麓山大道
100%
成都 6号线 沈阳路
100%
成都 6号线 青岛路(法务区)
100%
成都 6号线 杭州路
100%
成都 7号线 火车北站
100%
成都 7号线 北站西二路
100%
成都 7号线 西南交大
100%
成都 7号线 东坡路
100%
成都 7号线 火车南站
100%
成都 7号线 四川师大
100%
成都 7号线 狮子山
100%
成都 7号线 成都东客站
100%
成都 7号线 迎晖路
100%
成都 7号线 双店路
100%
成都 7号线 府青路
100%
成都 8号线 桂龙路
100%
成都 8号线 圣灯公园
100%
成都 8号线 东郊记忆
100%
成都 8号线 万年路
100%
成都 8号线 双桥路
100%
成都 8号线 东大路
100%
成都 8号线 东光
100%
成都 8号线 东湖公园
100%
成都 8号线 川大望江校区
100%
成都 8号线 九兴大道
100%
成都 8号线 珠江路
100%
成都 8号线 川大江安校区
100%
成都 9号线 成都西站
100%
成都 9号线 武青南路
100%
成都 9号线 金融城东
100%
成都 10号线 双流西站
100%
成都 10号线 儒林路
100%
成都 18号线 火车南站
100%
成都 18号线 锦城广场东
100%
成都 18号线 海昌路
100%
成都 18号线 天府站
100%
成都 19号线 天府站
100%
成都 19号线 怡心湖
100%
成都 19号线 牧华路
100%
成都 19号线 龙桥路
100%
成都 27号线 蜀鑫路
100%
成都 27号线 金沙滨河公园
100%
成都 27号线 金牛公园
100%
长春 1号线 北环城路
100%
长春 1号线 庆丰路
100%
长春 1号线 一匡街
100%
长春 1号线 长春站北
100%
长春 1号线 胜利公园
100%
长春 1号线 解放大路
100%
长春 1号线 东北师大
100%
长春 1号线 繁荣路
100%
长春 1号线 华庆路
100%
长春 2号线 汽车公园
100%
长春 2号线 捷达大路
100%
长春 2号线 西湖
100%
长春 2号线 长春西站
100%
长春 2号线 西环城路
100%
长春 2号线 和平大街
100%
长春 2号线 解放大路
100%
长春 2号线 吉林大路
100%
长春 2号线 东盛大街
100%
长春 2号线 东环城路
100%
长春 2号线 东方广场
100%
长春 3号线 东广场
100%
长春 3号线 南昌路
100%
长春 3号线 湖西桥
100%
长春 3号线 抚松路
100%
长春 3号线 湖光路
100%
长春 3号线 前进大街
100%
长春 3号线 博硕路
100%
长春 3号线 净月潭公园
100%
长春 3号线 紫杉路
100%
长春 4号线 天新路
100%
长春 4号线 天普路
100%
长春 4号线 天青路
100%
长春 4号线 福祉大路
100%
长春 4号线 天工路
100%
长春 4号线 南环城路
100%
长春 4号线 世荣路
100%
长春 4号线 北海路
100%
长春 4号线 威海路
100%
长春 4号线 浦东路
100%
长春 4号线 海口路
100%
长春 4号线 公平路
100%
长春 4号线 吉林大路
100%
长春 4号线 东新路
100%
长春 4号线 东大桥
100%
长春 4号线 北亚泰大街
100%
长春 4号线 长春站北
100%
长春 6号线 长春西站
100%
长春 6号线 支农大街
100%
长春 6号线 光谷大街
100%
长春 6号线 兰桡湖公园
100%
长春 6号线 华庆路
100%
长春 6号线 南溪湿地公园
100%
长春 6号线 福祉大路
100%
长春 6号线 聚业大街
100%
长春 8号线 北环城路
100%
长春 8号线 一二三中学
100%
长春 8号线 小城子街
100%
长春 8号线 北湖大桥
100%
长春 8号线 北湖公园
100%
长春 8号线 光机路
100%
长春 8号线 大学城路
100%
长春 8号线 奥林匹克公园
100%
长春 8号线 广通路
100%
苏州 1号线 金枫路
100%
苏州 1号线 汾湖路
100%
苏州 1号线 玉山路
100%
苏州 1号线 狮子山
100%
苏州 1号线 塔园路
100%
苏州 1号线 滨河路
100%
苏州 1号线 西环路
100%
苏州 1号线 桐泾北路
100%
苏州 1号线 广济南路
100%
苏州 1号线 临顿路
100%
苏州 1号线 东环路
100%
苏州 1号线 中央公园
100%
苏州 1号线 星海广场
100%
苏州 1号线 东方之门
100%
苏州 1号线 星湖街
100%
苏州 2号线 富翔路
100%
苏州 2号线 高铁苏州北站
100%
苏州 2号线 富元路
100%
苏州 2号线 阳澄湖中路
100%
苏州 2号线 平泷路东
100%
苏州 2号线 平河路
100%
苏州 2号线 石路
100%
苏州 2号线 广济南路
100%
苏州 2号线 三香广场
100%
苏州 2号线 劳动路
100%
苏州 2号线 胥江路
100%
苏州 2号线 桐泾公园
100%
苏州 2号线 盘蠡路
100%
苏州 2号线 石湖东路
100%
苏州 2号线 尹中路
100%
苏州 2号线 郭苑路
100%
苏州 2号线 独墅湖南
100%
苏州 2号线 独墅湖邻里中心
100%
苏州 2号线 金谷路
100%
苏州 2号线 金尚路
100%
苏州 3号线 丰和路
100%
苏州 3号线 苏州园区火车站
100%
苏州 3号线 东方之门
100%
苏州 3号线 东振路
100%
苏州 3号线 墅浦路北
100%
苏州 3号线 通园路南
100%
苏州 3号线 北港路
100%
苏州 3号线 迎春路
100%
苏州 3号线 宝带路
100%
苏州 3号线 盘蠡路
100%
苏州 3号线 狮山路
100%
苏州 3号线 狮子山
100%
苏州 3号线 马运路
100%
苏州 3号线 文昌路
100%
苏州 3号线 惠昌路
100%
苏州 3号线 苏州新区火车站
100%
苏州 4号线 平泷路西
100%
苏州 4号线 宝带路
100%
苏州 4号线 石湖东路
100%
苏州 4号线 江陵西路
100%
苏州 4号线 江兴西路
100%
苏州 4号线 流虹路
100%
苏州 4号线 笠泽路
100%
苏州 4号线 苏州湾东
100%
苏州 4号线 吴江汽车站
100%
苏州 4号线 庞金路
100%
苏州 5号线 阳澄湖南
100%
苏州 5号线 东沙湖
100%
苏州 5号线 方洲公园
100%
苏州 5号线 南园北路
100%
苏州 5号线 劳动路
100%
苏州 5号线 大治桥
100%
苏州 5号线 茅蓬路东
100%
苏州 6号线 苏州新区火车站
100%
苏州 6号线 白洋湾公园
100%
苏州 6号线 平河路
100%
苏州 6号线 临顿路
100%
苏州 6号线 望星桥苏大
100%
苏州 6号线 南施公园南
100%
苏州 6号线 金尚路
100%
苏州 7号线 蠡塘河路
100%
苏州 7号线 春申湖东路
100%
苏州 7号线 华元路东
100%
苏州 7号线 中央公园
100%
苏州 7号线 通园路南
100%
苏州 7号线 枫津路
100%
苏州 7号线 文溪路
100%
苏州 7号线 天鹅荡路
100%
苏州 8号线 白洋湾公园
100%
苏州 8号线 虎北路
100%
苏州 8号线 虎丘湿地公园
100%
苏州 8号线 阳澄湖中路
100%
苏州 8号线 南泽庄
100%
苏州 8号线 苏州园区火车站
100%
苏州 8号线 仁爱路
100%
苏州 8号线 裕新路
100%
苏州 11号线 阳澄湖东
100%
苏州 11号线 莲湖公园
100%
苏州 11号线 祖冲之公园
100%
苏州 11号线 昆山文化艺术中心
100%
苏州 11号线 玉山广场
100%
苏州 11号线 昆山城市广场
100%
苏州 11号线 金浦大桥东
100%
苏州 11号线 顺帆北路
100%
苏州 11号线 夏驾河公园
100%
苏州 11号线 章基路南
100%
苏州 11号线 花桥博览中心
100%
苏州 11号线 花溪公园
100%
佛山 南海有轨电车1号线 华翠路
100%
佛山 南海有轨电车1号线 夏东
100%
佛山 南海有轨电车1号线 康怡公园
100%
佛山 南海有轨电车1号线 文翰湖公园(季华实验室)
100%
佛山 南海有轨电车1号线 林岳东
100%
佛山 佛山2号线 南庄
100%
佛山 佛山2号线 魁奇路
100%
佛山 佛山2号线 广州南站
100%
佛山 3号线 顺德一中
100%
佛山 3号线 驹荣北路
100%
佛山 3号线 东乐路
100%
佛山 3号线 北滘公园
100%
佛山 3号线 北滘西站
100%
佛山 3号线 东平
100%
佛山 3号线 亚艺公园
100%
佛山 3号线 季华六路
100%
佛山 3号线 中山公园
100%
佛山 3号线 孝德东
100%
佛山 3号线 佛山西站
100%
佛山 3号线 兴业东路
100%
佛山 3号线 科盛路
100%
佛山 3号线 博爱中路
100%
佛山 3号线 南海大学城
100%
佛山 3号线 佛山大学
100%
佛山 7号线 科丰路
100%
佛山 7号线 大沙东
100%
佛山 7号线 大学城南
100%
佛山 7号线 广州南站
100%
佛山 7号线 北滘公园
100%
佛山 广佛线 新城东
100%
佛山 广佛线 东平
100%
佛山 广佛线 魁奇路
100%
佛山 广佛线 同济路
100%
佛山 广佛线 普君北路
100%
佛山 广佛线 南桂路
100%
昆明 1号线 环城南路
100%
昆明 1号线 昆明火车站
100%
昆明 1号线 日新路
100%
昆明 1号线 昌宏西路
100%
昆明 1号线 晓东村
100%
昆明 1号线 珥季路
100%
昆明 1号线 星耀路
100%
昆明 1号线 南部汽车站
100%
昆明 1号线 联大街
100%
昆明 1号线 谊康南路
100%
昆明 1号线 大学城南
100%
昆明 1号线 环城南路
100%
昆明 1号线 昆明火车站
100%
昆明 1号线 日新路
100%
昆明 1号线 昌宏西路
100%
昆明 1号线 晓东村
100%
昆明 1号线 珥季路
100%
昆明 1号线 星耀路
100%
昆明 1号线 南部汽车站
100%
昆明 1号线 宜和路
100%
昆明 1号线 昆明南火车站
100%
昆明 2号线 环城南路
100%
昆明 2号线 东风广场
100%
昆明 2号线 火车北站
100%
昆明 2号线 白云路
100%
昆明 2号线 北部汽车站
100%
昆明 3号线 西山公园
100%
昆明 3号线 大渔路
100%
昆明 3号线 西部汽车站
100%
昆明 3号线 昌源中路
100%
昆明 3号线 五一路
100%
昆明 3号线 东风广场
100%
昆明 3号线 拓东体育馆
100%
昆明 3号线 东部汽车站
100%
昆明 4号线 金川路
100%
昆明 4号线 大河埂
100%
昆明 4号线 海屯路
100%
昆明 4号线 金鼎山北路
100%
昆明 4号线 火车北站
100%
昆明 4号线 白龙路
100%
昆明 4号线 玉缘路
100%
昆明 4号线 联大街
100%
昆明 4号线 昆明南火车站
100%
昆明 5号线 穿金路
100%
昆明 5号线 火车北站
100%
昆明 5号线 华山西路
100%
昆明 5号线 五一路
100%
昆明 5号线 金兰路
100%
昆明 5号线 广福路西口
100%
昆明 5号线 迎海路
100%
昆明 5号线 兴体路
100%
昆明 6号线 大板桥
100%
昆明 6号线 东部汽车站
100%
昆明 6号线 东郊路
100%
西安 1号线 咸阳西站
100%
西安 1号线 宝泉路
100%
西安 1号线 中华西路
100%
西安 1号线 陕西中医药大学
100%
西安 1号线 沣河森林公园
100%
西安 1号线 上林路
100%
西安 1号线 沣东自贸园
100%
西安 1号线 汉城路
100%
西安 1号线 劳动路
100%
西安 1号线 北大街
100%
西安 1号线 五路口
100%
西安 1号线 康复路
100%
西安 1号线 万寿路
100%
西安 2号线 纬一街
100%
西安 2号线 北大街
100%
西安 2号线 大明宫西
100%
西安 2号线 凤城五路
100%
西安 2号线 凤城十路
100%
西安 2号线 西安北站
100%
西安 3号线 丈八北路
100%
西安 3号线 科技路
100%
西安 3号线 太白南路
100%
西安 3号线 咸宁路
100%
西安 3号线 长乐公园
100%
西安 4号线 西安北站
100%
西安 4号线 元朔路
100%
西安 4号线 凤城十二路
100%
西安 4号线 凤城九路
100%
西安 4号线 文景路
100%
西安 4号线 常青路
100%
西安 4号线 大明宫北
100%
西安 4号线 西安站
100%
西安 4号线 五路口
100%
西安 4号线 西安科技大学
100%
西安 4号线 飞天路
100%
西安 4号线 东长安街
100%
西安 4号线 航天东路
100%
西安 5号线 创新港东
100%
西安 5号线 沣西文化公园
100%
西安 5号线 东马坊
100%
西安 5号线 复兴大道南
100%
西安 5号线 汉城南路
100%
西安 5号线 丰庆公园
100%
西安 5号线 西北工业大学
100%
西安 5号线 文艺路
100%
西安 5号线 太乙路
100%
西安 5号线 雁翔路北口
100%
西安 6号线 纺二路
100%
西安 6号线 纺六路
100%
西安 6号线 万寿南路
100%
西安 6号线 公园南路
100%
西安 6号线 咸宁路
100%
西安 6号线 广济街
100%
西安 6号线 大唐西市
100%
西安 6号线 西北工业大学
100%
西安 6号线 科技路
100%
西安 6号线 丈八一路
100%
西安 6号线 丈八四路
100%
西安 6号线 丈八六路
100%
西安 6号线 西部大道(西太路口)
100%
西安 6号线 西安国际医学中心
100%
西安 6号线 西电科大南校区·未来之瞳
100%
西安 6号线 西安南站
100%
西安 8号(环)线 北辰东路
100%
西安 8号(环)线 万寿路
100%
西安 8号(环)线 万寿南路
100%
西安 8号(环)线 东等驾坡
100%
西安 8号(环)线 东仪路
100%
西安 8号(环)线 科技二路
100%
西安 9号线 灞柳二路
100%
西安 9号线 紫霞三路
100%
西安 9号线 鹦鹉寺公园
100%
西安 9号线 西工程大·西科大(临潼校区)
100%
西安 9号线 西花园
100%
西安 9号线 东三岔
100%
西安 9号线 银桥大道
100%
西安 10号线 西安工大·武德路
100%
西安 14号线 西安工大·武德路
100%
西安 14号线 文景山公园
100%
西安 14号线 西安北站
100%
西安 16号线 西咸大厦
100%
西安 16号线 上林路
100%
西安 16号线 复兴大道北
100%
西安 16号线 西安国际足球中心
100%
西安 16号线 沣东城市广场
100%
郑州 1号线 河南工业大学
100%
郑州 1号线 西流湖
100%
郑州 1号线 秦岭路
100%
郑州 1号线 五一公园·市中医院
100%
郑州 1号线 二七广场
100%
郑州 1号线 人民路·河南中医一附院
100%
郑州 1号线 民航路
100%
郑州 1号线 黄河南路
100%
郑州 1号线 农业南路
100%
郑州 1号线 东风南路
100%
郑州 1号线 郑州东站
100%
郑州 1号线 博学路
100%
郑州 1号线 文苑北路
100%
郑州 1号线 河南大学新区
100%
郑州 2号线 惠济区政府·市三院惠济院区
100%
郑州 2号线 金达路
100%
郑州 2号线 东风路
100%
郑州 2号线 黄河路
100%
郑州 2号线 东大街·市第一人民医院
100%
郑州 2号线 陇海东路
100%
郑州 3号线 大石桥·市妇幼保健院
100%
郑州 3号线 人民公园
100%
郑州 3号线 二七广场
100%
郑州 3号线 西大街
100%
郑州 3号线 东大街·市第一人民医院
100%
郑州 3号线 东十里铺
100%
郑州 3号线 通泰路
100%
郑州 3号线 西周
100%
郑州 3号线 东周
100%
郑州 3号线 司赵·市七院滨河院区
100%
郑州 4号线 北二十里铺
100%
郑州 4号线 丰庆路
100%
郑州 4号线 陈寨东
100%
郑州 4号线 森林公园北
100%
郑州 4号线 龙湖中环北
100%
郑州 4号线 龙湖南
100%
郑州 4号线 龙湖中环南
100%
郑州 4号线 农业东路
100%
郑州 4号线 商鼎路
100%
郑州 4号线 东十里铺
100%
郑州 4号线 货站街
100%
郑州 5号线 月季公园
100%
郑州 5号线 沙口路
100%
郑州 5号线 黄河路
100%
郑州 5号线 众意西路
100%
郑州 5号线 金水东路
100%
郑州 5号线 郑州东站
100%
郑州 5号线 经北二路
100%
郑州 5号线 福塔东
100%
郑州 5号线 航海广场
100%
郑州 5号线 城东南路
100%
郑州 5号线 京广南路·市第六人民医院
100%
郑州 5号线 后河芦·市第八人民医院
100%
郑州 5号线 陇海西路
100%
郑州 5号线 五一公园·市中医院
100%
郑州 6号线 二里岗东
100%
郑州 6号线 陇秀公园
100%
郑州 6号线 大学中路
100%
郑州 6号线 奥体中心西
100%
郑州 6号线 金桢路
100%
郑州 6号线 河南建院
100%
郑州 6号线 安宁路
100%
郑州 7号线 东赵
100%
郑州 7号线 北大学城
100%
郑州 7号线 大石桥·市妇幼保健院
100%
郑州 7号线 郑大一附院
100%
郑州 7号线 大学中路
100%
郑州 7号线 漓江路
100%
郑州 7号线 南环公园
100%
郑州 8号线 银屏路
100%
郑州 8号线 东风路
100%
郑州 8号线 龙湖中环南
100%
郑州 8号线 郑大一附院东区
100%
郑州 8号线 高铁公园
100%
郑州 8号线 郑州东站
100%
郑州 8号线 福泽路
100%
郑州 10号线 郑州西站
100%
郑州 10号线 李商隐公园
100%
郑州 10号线 郑州一中
100%
郑州 10号线 西流湖公园南
100%
郑州 12号线 龙子湖东
100%
郑州 12号线 龙子湖西
100%
郑州 12号线 高铁公园
100%
郑州 12号线 东风东路
100%
郑州 12号线 黄河南路
100%
郑州 12号线 西周
100%
郑州 12号线 经北五路
100%
郑州 12号线 福塔东
100%
郑州 城郊线 双湖大道
100%
郑州 城郊线 华南城东
100%
郑州 城郊线 兰河公园
100%
郑州 城郊线 机场东
100%
郑州 郑许线 长安路北
100%
郑州 郑许线 翱翔路
100%
郑州 郑许线 长安路南
100%
郑州 郑许线 遵大路·市一院航空港院区
100%
郑州 郑许线 洵美路
100%
郑州 郑许线 双鹤湖南
100%
郑州 郑许线 颍川路
100%
郑州 郑许线 永和路
100%
郑州 郑许线 农大路
100%
郑州 郑许线 许昌东站
100%
长沙 1号线 金盆丘(铜官窑巴士站)
100%
长沙 1号线 五一广场
100%
长沙 1号线 南湖路
100%
长沙 1号线 友谊路
100%
长沙 S2线 磁浮机场站
100%
长沙 2号线 梅溪湖西
100%
长沙 2号线 麓云路
100%
长沙 2号线 梅溪湖东
100%
长沙 2号线 望城坡(汽车西站)
100%
长沙 2号线 金星路
100%
长沙 2号线 西湖公园
100%
长沙 2号线 湘江中路
100%
长沙 2号线 五一广场
100%
长沙 2号线 迎宾路口
100%
长沙 2号线 长沙火车站
100%
长沙 2号线 人民东路
100%
长沙 2号线 沙湾公园
100%
长沙 2号线 杜花路
100%
长沙 2号线 长沙火车南站
100%
长沙 3号线 湘潭北站
100%
长沙 3号线 大王山
100%
长沙 3号线 中南大学
100%
长沙 3号线 东塘
100%
长沙 3号线 桂花公园
100%
长沙 3号线 长沙火车站
100%
长沙 3号线 烈士公园东
100%
长沙 3号线 月湖公园北
100%
长沙 3号线 松雅湖(南)
100%
长沙 4号线 汉王陵公园
100%
长沙 4号线 福元大桥西
100%
长沙 4号线 茶子山
100%
长沙 4号线 湖南师大
100%
长沙 4号线 湖南大学
100%
长沙 4号线 碧沙湖(恰同学少年广场)
100%
长沙 4号线 沙湾公园
100%
长沙 4号线 长沙火车南站
100%
长沙 5号线 月湖公园北
100%
长沙 6号线 一师范西校区
100%
长沙 6号线 麓谷体育公园
100%
长沙 6号线 麓谷公园
100%
长沙 6号线 湖南工商大学
100%
长沙 6号线 烈士公园南(湖南博物院)
100%
长沙 6号线 迎宾路口
100%
长沙 6号线 人民东路
100%
长沙 6号线 东湖
100%
长沙 6号线 大路村
100%
宁波 1号线 长江路
100%
宁波 1号线 中河路
100%
宁波 1号线 松花江路
100%
宁波 1号线 邱隘东
100%
宁波 1号线 东环南路
100%
宁波 1号线 盛莫路
100%
宁波 1号线 福庆北路
100%
宁波 1号线 海晏北路
100%
宁波 1号线 福明路
100%
宁波 1号线 樱花公园
100%
宁波 1号线 舟孟北路
100%
宁波 1号线 江厦桥东
100%
宁波 1号线 东门口
100%
宁波 1号线 大卿桥
100%
宁波 2号线 丽园南路
100%
宁波 2号线 云霞路
100%
宁波 2号线 外滩大桥
100%
宁波 2号线 正大路
100%
宁波 2号线 大通桥
100%
宁波 2号线 路林
100%
宁波 2号线 聪园路
100%
宁波 3号线 大通桥
100%
宁波 3号线 中兴大桥南
100%
宁波 3号线 樱花公园
100%
宁波 3号线 儿童公园
100%
宁波 3号线 钱湖北路
100%
宁波 3号线 锦寓路
100%
宁波 3号线 四明中路
100%
宁波 3号线 句章路
100%
宁波 3号线 明辉路
100%
宁波 3号线 大成东路
100%
宁波 3号线 金海路
100%
宁波 4号线 长兴路
100%
宁波 4号线 金山路
100%
宁波 4号线 洪塘中路
100%
宁波 4号线 洪大路
100%
宁波 4号线 庄桥火车站
100%
宁波 4号线 丽江路
100%
宁波 4号线 双东路
100%
宁波 4号线 大卿桥
100%
宁波 4号线 兴宁桥东
100%
宁波 4号线 儿童公园
100%
宁波 4号线 潘火路
100%
宁波 4号线 嵩江东路
100%
宁波 4号线 南高教园区
100%
宁波 4号线 金达南路
100%
宁波 4号线 东钱湖
100%
宁波 5号线 镇海大道(慈海)
100%
宁波 5号线 永茂路
100%
宁波 5号线 兴海南路
100%
宁波 5号线 兴庄路
100%
宁波 5号线 院士路
100%
宁波 5号线 民安东路
100%
宁波 5号线 海晏北路
100%
宁波 5号线 下应路
100%
宁波 5号线 南高教园区
100%
宁波 5号线 钱湖南路
100%
宁波 5号线 同德路
100%
无锡 S1线 江阴高铁站
100%
无锡 S1线 江阴中医院
100%
无锡 S1线 中山公园
100%
无锡 1号线 无锡火车站
100%
无锡 1号线 三阳广场
100%
无锡 1号线 华清大桥
100%
无锡 1号线 南湖家园
100%
无锡 1号线 金匮公园
100%
无锡 1号线 江南大学
100%
无锡 2号线 无锡东站
100%
无锡 2号线 映月湖公园
100%
无锡 2号线 九里河公园
100%
无锡 2号线 东亭
100%
无锡 2号线 东林广场
100%
无锡 2号线 三阳广场
100%
无锡 2号线 五爱广场
100%
无锡 2号线 梁溪大桥
100%
无锡 3号线 石门路
100%
无锡 3号线 无锡火车站
100%
无锡 3号线 东风
100%
无锡 3号线 太湖花园
100%
无锡 3号线 新光路
100%
无锡 3号线 旺庄路
100%
无锡 3号线 黄山路
100%
无锡 3号线 高浪东路
100%
无锡 3号线 无锡新区站
100%
无锡 3号线 长江南路
100%
无锡 4号线 广石路
100%
无锡 4号线 青山湾荣院
100%
无锡 4号线 西园弄
100%
无锡 4号线 蠡湖大桥
100%
无锡 4号线 五湖大道
100%
无锡 4号线 吴都路
100%
青岛 1号线 东郭庄
100%
青岛 1号线 正阳中路
100%
青岛 1号线 凤岗路
100%
青岛 1号线 仙家寨(汽车北站)
100%
青岛 1号线 瑞金路
100%
青岛 1号线 遵义路
100%
青岛 1号线 兴国路
100%
青岛 1号线 永年路
100%
青岛 1号线 沧安路
100%
青岛 1号线 青岛北站
100%
青岛 1号线 安顺路
100%
青岛 1号线 台东
100%
青岛 1号线 广饶路
100%
青岛 1号线 观象山(市立医院)
100%
青岛 1号线 中山路
100%
青岛 1号线 青岛站
100%
青岛 1号线 新港山路
100%
青岛 1号线 天目山路
100%
青岛 1号线 井冈山路
100%
青岛 1号线 太行山路
100%
青岛 2号线 李村公园
100%
青岛 2号线 枣山路
100%
青岛 2号线 华楼山路
100%
青岛 2号线 东韩
100%
青岛 2号线 辽阳东路
100%
青岛 2号线 同安路
100%
青岛 2号线 苗岭路
100%
青岛 2号线 海安路
100%
青岛 2号线 海川路
100%
青岛 2号线 海游路
100%
青岛 2号线 高雄路
100%
青岛 2号线 燕儿岛路
100%
青岛 2号线 五四广场
100%
青岛 2号线 芝泉路
100%
青岛 2号线 台东
100%
青岛 2号线 利津路
100%
青岛 2号线 泰山路
100%
青岛 2号线 四川路(轮渡)
100%
青岛 3号线 青岛北站
100%
青岛 3号线 永平路
100%
青岛 3号线 振华路
100%
青岛 3号线 君峰路
100%
青岛 3号线 万年泉路
100%
青岛 3号线 海尔路
100%
青岛 3号线 长沙路
100%
青岛 3号线 清江路
100%
青岛 3号线 敦化路
100%
青岛 3号线 宁夏路
100%
青岛 3号线 江西路
100%
青岛 3号线 五四广场
100%
青岛 3号线 延安三路
100%
青岛 3号线 太平角公园
100%
青岛 3号线 中山公园
100%
青岛 3号线 青岛站
100%
青岛 4号线 信号山(青大附院)
100%
青岛 4号线 观象山(市立医院)
100%
青岛 4号线 泰山路
100%
青岛 4号线 昌乐路
100%
青岛 4号线 海泊河公园
100%
青岛 4号线 洪山坡(妇儿医院)
100%
青岛 4号线 劲松三路
100%
青岛 4号线 大埠东
100%
青岛 4号线 辽阳东路
100%
青岛 4号线 科苑经七路
100%
青岛 4号线 大河东
100%
青岛 6号线 星海滩路
100%
青岛 6号线 毛家山(黄海学院)
100%
青岛 6号线 钱塘江路(青职学院)
100%
青岛 6号线 扒山(滨海学院)
100%
青岛 6号线 青大附院西海岸院区
100%
青岛 6号线 青岛九中(幸福小镇)
100%
青岛 6号线 河洛埠(中德生态园)
100%
青岛 6号线 横云山路
100%
青岛 8号线 胶州北站
100%
青岛 8号线 胶东机场
100%
青岛 8号线 胶东
100%
青岛 8号线 红岛火车站
100%
青岛 8号线 青岛北站
100%
青岛 蓝谷快线 苗岭路
100%
青岛 蓝谷快线 青岛二中
100%
青岛 蓝谷快线 海洋大学
100%
青岛 蓝谷快线 山东大学
100%
青岛 蓝谷快线 温泉东
100%
青岛 西海岸快线 嘉陵江西路
100%
青岛 西海岸快线 香江路
100%
青岛 西海岸快线 井冈山路
100%
青岛 西海岸快线 学院路
100%
青岛 西海岸快线 凤凰山路
100%
青岛 西海岸快线 双珠路
100%
青岛 西海岸快线 盛海路(世博城)
100%
青岛 西海岸快线 大珠山
100%
青岛 西海岸快线 董家口火车站
100%
南昌 1号线 长江路
100%
南昌 1号线 珠江路
100%
南昌 1号线 庐山南大道
100%
南昌 1号线 绿茵路
100%
南昌 1号线 卫东
100%
南昌 1号线 八一广场
100%
南昌 1号线 丁公路北
100%
南昌 1号线 师大南路
100%
南昌 1号线 青山湖大道
100%
南昌 1号线 艾溪湖西
100%
南昌 1号线 艾溪湖东
100%
南昌 1号线 瑶湖西
100%
南昌 2号线 南路
100%
南昌 2号线 南昌中学
100%
南昌 2号线 九龙湖南
100%
南昌 2号线 西站南广场
100%
南昌 2号线 南昌西站
100%
南昌 2号线 前湖大道
100%
南昌 2号线 学府大道东
100%
南昌 2号线 翠苑路
100%
南昌 2号线 雅苑路
100%
南昌 2号线 阳明公园
100%
南昌 2号线 青山路口
100%
南昌 2号线 福州路
100%
南昌 2号线 八一广场
100%
南昌 2号线 永叔路
100%
南昌 2号线 丁公路南
100%
南昌 2号线 南昌火车站
100%
南昌 3号线 京东大道
100%
南昌 3号线 国威路
100%
南昌 3号线 青山湖西
100%
南昌 3号线 青山路口
100%
南昌 3号线 八大山人
100%
南昌 3号线 复兴大道东
100%
南昌 4号线 礼庄山
100%
南昌 4号线 西站南广场
100%
南昌 4号线 怀玉山大道
100%
南昌 4号线 东新
100%
南昌 4号线 云天路
100%
南昌 4号线 灌婴路
100%
南昌 4号线 南昌大桥东
100%
南昌 4号线 丁公路南
100%
南昌 4号线 丁公路北
100%
南昌 4号线 人民公园
100%
南昌 4号线 起凤路
100%
南昌 4号线 民园路西
100%
福州 1号线 东街口
100%
福州 1号线 福州火车南站
100%
福州 4号线 花海公园
100%
福州 4号线 东门
100%
福州 4号线 东街口
100%
福州 5号线 东岭
100%
福州 5号线 福州火车南站
100%
东莞 2号线 东莞火车站
100%
东莞 2号线 榴花公园
100%
东莞 2号线 东城
100%
东莞 2号线 旗峰公园
100%
东莞 2号线 鸿福路
100%
东莞 2号线 虎门火车站
100%
南宁 1号线 火车东站
100%
南宁 1号线 埌东客运站
100%
南宁 1号线 东盟商务区
100%
南宁 1号线 南湖
100%
南宁 1号线 新民路
100%
南宁 1号线 广西大学
100%
南宁 1号线 鲁班路
100%
南宁 1号线 西乡塘客运站
100%
南宁 1号线 鹏飞路
100%
南宁 1号线 南职院
100%
南宁 2号线 安吉客运站
100%
南宁 2号线 三十三中
100%
南宁 2号线 明秀路
100%
南宁 2号线 亭洪路
100%
南宁 2号线 江南客运站
100%
南宁 2号线 建设路
100%
南宁 2号线 东风路
100%
南宁 2号线 玉岭路
100%
南宁 2号线 那福路
100%
南宁 3号线 创业路
100%
南宁 3号线 安吉客运站
100%
南宁 3号线 北湖北路
100%
南宁 3号线 秀峰路
100%
南宁 3号线 邕武路
100%
南宁 3号线 兴桂路
100%
南宁 3号线 东沟岭
100%
南宁 3号线 长堽路
100%
南宁 3号线 东葛路
100%
南宁 3号线 滨湖路
100%
南宁 3号线 广西规划馆
100%
南宁 3号线 庆歌路
100%
南宁 4号线 洪运路
100%
南宁 4号线 金阳路
100%
南宁 4号线 通源路
100%
南宁 4号线 玉象路
100%
南宁 4号线 飞龙路
100%
南宁 4号线 体育中心西
100%
南宁 4号线 体育中心东
100%
南宁 4号线 良庆大桥南
100%
南宁 5号线 金凯路
100%
南宁 5号线 江南公园
100%
南宁 5号线 新秀公园
100%
南宁 5号线 广西大学
100%
南宁 5号线 秀灵路
100%
南宁 5号线 明秀路
100%
南宁 5号线 北湖南路
100%
南宁 5号线 狮山公园
100%
南宁 5号线 金桥客运站
100%
合肥 1号线 云谷路
100%
合肥 1号线 金斗公园
100%
合肥 1号线 塘西河公园
100%
合肥 1号线 滨湖会展中心
100%
合肥 1号线 南站南广场
100%
合肥 1号线 合肥南站
100%
合肥 1号线 望湖城
100%
合肥 1号线 秋浦河路
100%
合肥 1号线 合工大南区
100%
合肥 1号线 包公园
100%
合肥 1号线 大东门
100%
合肥 1号线 明光路
100%
合肥 1号线 合肥火车站
100%
合肥 1号线 瑶海公园
100%
合肥 2号线 汽车西站
100%
合肥 2号线 振兴路
100%
合肥 2号线 大蜀山
100%
合肥 2号线 天柱路
100%
合肥 2号线 大东门
100%
合肥 2号线 东五里井
100%
合肥 2号线 东七里
100%
合肥 2号线 东二十埠
100%
合肥 2号线 三十埠东
100%
合肥 2号线 肥东站
100%
合肥 3号线 安医一附院南区
100%
合肥 3号线 工大翡翠湖校区
100%
合肥 3号线 大学城北
100%
合肥 3号线 安医大二附院
100%
合肥 3号线 南新庄
100%
合肥 3号线 合肥西站
100%
合肥 3号线 淮南路
100%
合肥 3号线 合肥火车站
100%
合肥 3号线 新海大道
100%
合肥 3号线 职教城东
100%
合肥 3号线 相城路
100%
合肥 4号线 合肥七中
100%
合肥 4号线 天鹅湖东
100%
合肥 4号线 南屏路
100%
合肥 4号线 合肥南站
100%
合肥 4号线 望湖城南
100%
合肥 4号线 葛大店南
100%
合肥 4号线 尧渡河路
100%
合肥 4号线 东七里
100%
合肥 4号线 新海公园
100%
合肥 4号线 陶冲湖东
100%
合肥 4号线 安医一附院北区
100%
合肥 4号线 安医一附院北区
100%
合肥 4号线 陶冲湖东
100%
合肥 4号线 新海公园
100%
合肥 4号线 东七里
100%
合肥 4号线 尧渡河路
100%
合肥 4号线 葛大店南
100%
合肥 4号线 望湖城南
100%
合肥 4号线 合肥南站
100%
合肥 4号线 南屏路
100%
合肥 4号线 天鹅湖东
100%
合肥 4号线 铜锣寨路
100%
合肥 5号线 汲桥路
100%
合肥 5号线 六中菱湖校区
100%
合肥 5号线 菱湖公园
100%
合肥 5号线 杏花公园
100%
合肥 5号线 中国科大东区
100%
合肥 5号线 休宁路
100%
合肥 5号线 望湖城西
100%
合肥 5号线 合肥南站
100%
合肥 5号线 大连路
100%
合肥 5号线 黄河路
100%
合肥 5号线 扬子江路
100%
合肥 5号线 省行政中心东
100%
合肥 5号线 华山路
100%
合肥 5号线 云谷路
100%
合肥 5号线 云川公园
100%
合肥 5号线 滨湖竹园
100%
合肥 5号线 贵阳路
100%
合肥 8号线 六中菱湖校区
100%
合肥 8号线 荷塘路
100%
合肥 8号线 金梅路
100%
合肥 8号线 北城高铁站
100%
贵阳 S1线 贵安站
100%
贵阳 S1线 锦江路
100%
贵阳 1号线 清水江路
100%
贵阳 1号线 长江路
100%
贵阳 1号线 珠江路
100%
贵阳 1号线 沙冲路
100%
贵阳 1号线 贵阳火车站
100%
贵阳 1号线 河滨公园
100%
贵阳 1号线 中山西路
100%
贵阳 1号线 北京路
100%
贵阳 1号线 南垭路
100%
贵阳 1号线 贵阳北站
100%
贵阳 1号线 观山湖公园
100%
贵阳 1号线 林城西路
100%
贵阳 1号线 阅山湖公园
100%
贵阳 2号线 白云北路
100%
贵阳 2号线 白云中路
100%
贵阳 2号线 泉湖公园
100%
贵阳 2号线 枫林路
100%
贵阳 2号线 诚信路
100%
贵阳 2号线 林城西路
100%
贵阳 2号线 观山西路
100%
贵阳 2号线 兴筑路
100%
贵阳 2号线 金阳南路
100%
贵阳 2号线 北京西路
100%
贵阳 2号线 改茶路
100%
贵阳 2号线 黔春路
100%
贵阳 2号线 延安西路
100%
贵阳 2号线 宝山南路
100%
贵阳 2号线 富源北路
100%
贵阳 2号线 森林公园
100%
贵阳 2号线 中兴路
100%
贵阳 3号线 东风(贵黔医院)
100%
贵阳 3号线 高新路
100%
贵阳 3号线 北京路
100%
贵阳 3号线 黔灵山公园
100%
贵阳 3号线 延安西路
100%
贵阳 3号线 松花路
100%
贵阳 3号线 四方河(省中医院)
100%
贵阳 3号线 花溪公园
100%
贵阳 3号线 学士路
100%
贵阳 3号线 花溪南站
100%
厦门 1号线 镇海路
100%
厦门 1号线 中山公园
100%
厦门 1号线 湖滨东路
100%
厦门 1号线 莲花路口
100%
厦门 1号线 杏锦路
100%
厦门 1号线 天水路
100%
厦门 1号线 厦门北站
100%
厦门 2号线 东孚
100%
厦门 2号线 东瑶
100%
厦门 2号线 翁角路
100%
厦门 2号线 马青路
100%
厦门 2号线 海沧行政中心
100%
厦门 2号线 海沧商务中心
100%
厦门 2号线 海沧湾公园
100%
厦门 2号线 建业路
100%
厦门 2号线 湖滨中路
100%
厦门 2号线 育秀东路
100%
厦门 2号线 软件园二期
100%
厦门 2号线 东宅
100%
厦门 2号线 湿地公园
100%
厦门 3号线 厦门火车站
100%
厦门 3号线 湖滨东路
100%
厦门 3号线 湖里公园
100%
厦门 3号线 华荣路
100%
厦门 3号线 小东山
100%
厦门 3号线 湖里创新园
100%
厦门 3号线 东界
100%
厦门 3号线 翔安市民公园
100%
哈尔滨 1号线 新疆大街
100%
哈尔滨 1号线 渤海路
100%
哈尔滨 1号线 镜泊路
100%
哈尔滨 1号线 镜泊路
100%
哈尔滨 1号线 同江路
100%
哈尔滨 1号线 哈尔滨南站
100%
哈尔滨 1号线 医大二院
100%
哈尔滨 1号线 黑龙江大学
100%
哈尔滨 1号线 学府路
100%
哈尔滨 1号线 和兴路
100%
哈尔滨 1号线 西大桥
100%
哈尔滨 1号线 铁路局
100%
哈尔滨 1号线 医大一院
100%
哈尔滨 1号线 哈尔滨东站
100%
哈尔滨 2号线 江北大学城
100%
哈尔滨 2号线 哈尔滨北站
100%
哈尔滨 2号线 龙川路
100%
哈尔滨 2号线 中央大街
100%
哈尔滨 2号线 尚志大街
100%
哈尔滨 2号线 珠江路
100%
哈尔滨 2号线 南直路
100%
哈尔滨 2号线 东北农业大学
100%
哈尔滨 3号线 劳动公园
100%
哈尔滨 3号线 征仪路
100%
哈尔滨 3号线 医大二院
100%
哈尔滨 3号线 哈西大街
100%
哈尔滨 3号线 哈尔滨西站
100%
哈尔滨 3号线 城乡路
100%
哈尔滨 3号线 工农大街
100%
哈尔滨 3号线 医大一院群力院区
100%
哈尔滨 3号线 群力第五大道
100%
哈尔滨 3号线 体育公园
100%
哈尔滨 3号线 丁香公园
100%
哈尔滨 3号线 公路大桥
100%
哈尔滨 3号线 兆麟公园
100%
哈尔滨 3号线 北马路
100%
哈尔滨 3号线 靖宇公园
100%
哈尔滨 3号线 大有坊街
100%
哈尔滨 3号线 海河东路
100%
哈尔滨 3号线 湘江路
100%
哈尔滨 3号线 珠江路
100%
哈尔滨 3号线 公滨路
100%
石家庄 1号线 平安大街
100%
石家庄 1号线 石家庄东站
100%
石家庄 1号线 洨河大道
100%
石家庄 1号线 西庄
100%
石家庄 1号线 东庄
100%
石家庄 2号线 长安公园
100%
石家庄 2号线 裕华路
100%
石家庄 2号线 槐中路
100%
石家庄 2号线 欧韵公园
100%
石家庄 2号线 石家庄站
100%
石家庄 2号线 仓丰路留村
100%
石家庄 2号线 嘉华路
100%
石家庄 3号线 西三庄
100%
石家庄 3号线 市二中
100%
石家庄 3号线 东里
100%
石家庄 3号线 石家庄站
100%
石家庄 3号线 汇通路
100%
石家庄 3号线 东王
100%
石家庄 3号线 东二环南路
100%
石家庄 3号线 太行南大街
100%
乌鲁木齐 1号线 迎宾路口
100%
乌鲁木齐 1号线 铁路局
100%
乌鲁木齐 1号线 南湖北路
100%
乌鲁木齐 1号线 南湖广场
100%
乌鲁木齐 1号线 二道桥
100%
温州 S1线 动车南站
100%
温州 S1线 龙霞路
100%
温州 S1线 惠民路
100%
温州 S1线 龙腾路
100%
温州 S2线 清东路
100%
温州 S2线 旭阳路
100%
温州 S2线 柳市东
100%
温州 S2线 上东路
100%
温州 S2线 东山
100%
济南 1号线 济南西站
100%
济南 1号线 紫薇路
100%
济南 2号线 二环西路
100%
济南 2号线 益康路
100%
济南 2号线 济南站北
100%
济南 2号线 济泺路
100%
济南 2号线 生产路
100%
济南 2号线 北园
100%
济南 2号线 历山路
100%
济南 2号线 凤凰路
100%
济南 3号线 机场南
100%
济南 3号线 临港北路
100%
济南 3号线 济南东站
100%
济南 3号线 花园东路
100%
兰州 1号线 兰州西站北广场
100%
兰州 1号线 西站什字
100%
兰州 1号线 小西湖
100%
兰州 1号线 东方红广场
100%
兰州 1号线 东岗
100%
兰州 2号线 雁白大桥
100%
兰州 2号线 东方红广场
100%
常州 1号线 森林公园
100%
常州 1号线 常州北站
100%
常州 1号线 北郊中学
100%
常州 1号线 新区公园
100%
常州 1号线 常州火车站
100%
常州 1号线 博爱路
100%
常州 1号线 聚湖路
100%
常州 1号线 新天地公园
100%
常州 1号线 长虹路
100%
常州 1号线 阳湖路
100%
常州 2号线 青枫公园
100%
常州 2号线 海棠路
100%
常州 2号线 南大街
100%
常州 2号线 红梅公园
100%
常州 2号线 青洋路
100%
常州 2号线 五一路
100%
徐州 1号线 路窝
100%
徐州 1号线 杏山子
100%
徐州 1号线 工农路
100%
徐州 1号线 苏堤路
100%
徐州 1号线 民主北路
100%
徐州 1号线 子房山
100%
徐州 1号线 铜山路
100%
徐州 1号线 庆丰路
100%
徐州 1号线 徐州东站
100%
徐州 2号线 客运北站
100%
徐州 2号线 大龙湖
100%
徐州 2号线 新城区东
100%
徐州 3号线 和平大桥
100%
徐州 3号线 南三环路
100%
徐州 3号线 无名山公园
100%
徐州 3号线 浦江路
100%
徐州 3号线 钱江路
100%
太原 1号线 西铭路
100%
太原 1号线 西客站
100%
太原 1号线 金阳路
100%
太原 1号线 闫家沟(小井峪路)
100%
太原 1号线 桃园路
100%
太原 1号线 大南门
100%
太原 1号线 五一广场
100%
太原 1号线 太原站西广场
100%
太原 1号线 太原站东广场
100%
太原 1号线 长风东街
100%
太原 1号线 学府东街
100%
太原 1号线 许坦东街
100%
太原 1号线 太原南站
100%
太原 2号线 大北门
100%
太原 2号线 大南门
100%
太原 2号线 南中环
100%
太原 2号线 龙城公园
100%
太原 2号线 电子西街
100%
呼和浩特 1号线 西二环路
100%
呼和浩特 1号线 呼钢南路
100%
呼和浩特 1号线 东影路
100%
呼和浩特 1号线 呼和浩特东站
100%
呼和浩特 2号线 塔利东路
100%
呼和浩特 2号线 百合路
100%
呼和浩特 2号线 北山公园
100%
呼和浩特 2号线 丝绸之路大道
100%
呼和浩特 2号线 成吉思汗公园
100%
呼和浩特 2号线 呼和浩特站
100%
呼和浩特 2号线 中山路
100%
呼和浩特 2号线 大学西街
100%
呼和浩特 2号线 水上公园
100%
呼和浩特 2号线 锡林公园
100%
呼和浩特 2号线 内大南校区
100%
呼和浩特 2号线 阿尔山路
100%
洛阳 1号线 秦岭路
100%
洛阳 1号线 武汉路
100%
洛阳 1号线 长安路
100%
洛阳 1号线 王城公园
100%
洛阳 1号线 解放路
100%
洛阳 1号线 启明南路
100%
洛阳 2号线 二乔路
100%
洛阳 2号线 国花路
100%
洛阳 2号线 洛阳火车站
100%
洛阳 2号线 纱厂路
100%
洛阳 2号线 解放路
100%
洛阳 2号线 龙门高铁站
100%
广州 3号线 机场南(1号航站楼)
100%
深圳 坪山云巴1号线 坪山中心(云巴1号线)
100%
成都 10号线 双流机场1航站楼
100%
上海 2号线 浦东1号2号航站楼
100%
上海 磁悬浮 浦东1号2号航站楼
100%
上海 市域机场线 浦东1号2号航站楼
100%
成都 18号线 天府机场1号2号航站楼
100%
成都 19号线 天府机场1号2号航站楼
100%
上海 15号线 景洪路(15号线)
100%
上海 15号线 景洪路(15号线)
100%
上海 2号线 虹桥2号航站楼
100%
上海 10号线 虹桥2号航站楼
100%
上海 市域机场线 虹桥2号航站楼
100%
广州 佛山2号线 林岳东(2号线)
100%
广州 3号线 机场北(2号航站楼)
100%
成都 10号线 双流机场2航站楼
100%
成都 19号线 双流机场2航站楼东
100%
佛山 佛山2号线 林岳东(2号线)
100%
西安 14号线 机场西(T1/T2/T3)
100%
重庆 3号线 江北机场T2航站楼
100%
重庆 10号线 江北机场T2航站楼
100%
重庆 10号线 江北机场T3航站楼
100%
北京 S1线 四道桥
98%
北京 S1线 栗园庄
98%
北京 1号线八通线 八宝山
98%
北京 1号线八通线 西单
98%
北京 1号线八通线 天安门西
98%
北京 2号线 西直门
98%
北京 3号线 朝阳站
98%
北京 4号线大兴线 高米店南
98%
北京 4号线大兴线 高米店北
98%
北京 4号线大兴线 西红门
98%
北京 4号线大兴线 公益西桥
98%
北京 4号线大兴线 角门西
98%
北京 4号线大兴线 西单
98%
北京 4号线大兴线 西四
98%
北京 4号线大兴线 西直门
98%
北京 4号线大兴线 海淀黄庄
98%
北京 4号线大兴线 中关村
98%
北京 4号线大兴线 圆明园
98%
北京 4号线大兴线 西苑
98%
北京 4号线大兴线 北宫门
98%
北京 4号线大兴线 安河桥北
98%
北京 5号线 北新桥
98%
北京 5号线 和平里北街
98%
北京 5号线 和平西桥
98%
北京 5号线 惠新西街南口
98%
北京 5号线 惠新西街北口
98%
北京 5号线 立水桥南
98%
北京 5号线 天通苑南
98%
北京 5号线 天通苑北
98%
北京 6号线 北运河西
98%
北京 6号线 通州北关
98%
北京 6号线 南锣鼓巷
98%
北京 6号线 北海北
98%
北京 6号线 白石桥南
98%
北京 6号线 花园桥
98%
北京 6号线 西黄村
98%
北京 7号线 万盛西
98%
北京 7号线 九龙山
98%
北京 8号线 中国美术馆
98%
北京 8号线 南锣鼓巷
98%
北京 8号线 安德里北街
98%
北京 8号线 西小口
98%
北京 8号线 平西府
98%
北京 9号线 六里桥
98%
北京 9号线 白石桥南
98%
北京 10号线 海淀黄庄
98%
北京 10号线 西土城
98%
北京 10号线 惠新西街南口
98%
北京 10号线 角门西
98%
北京 10号线 丰台站
98%
北京 10号线 西局
98%
北京 10号线 六里桥
98%
北京 10号线 西钓鱼台
98%
北京 12号线 西坝河
98%
北京 12号线 和平西桥
98%
北京 12号线 蓟门桥
98%
北京 13号线 西直门
98%
北京 13号线 五道口
98%
北京 13号线 北苑
98%
北京 13号线 望京西
98%
北京 14号线 望京南
98%
北京 14号线 九龙山
98%
北京 14号线 西局
98%
北京 14号线 大井
98%
北京 14号线 园博园
98%
北京 15号线 南法信
98%
北京 15号线 望京西
98%
北京 16号线 北安河
98%
北京 16号线 永丰南
98%
北京 16号线 西北旺
98%
北京 16号线 西苑
98%
北京 16号线 万泉河桥
98%
北京 16号线 丰台站
98%
北京 17号线北段 未来科学城北
98%
北京 17号线北段 西坝河
98%
北京 昌平线 昌平西山口
98%
北京 昌平线 南邵
98%
北京 昌平线 清河小营桥
98%
北京 昌平线 西土城
98%
北京 昌平线 蓟门桥
98%
北京 大兴国际机场线 大兴机场
98%
北京 房山线 良乡南关
98%
北京 房山线 广阳城
98%
北京 房山线 大葆台
98%
北京 首都机场线 北新桥
98%
北京 燕房线 房山城关
98%
北京 亦庄线 小红门
98%
北京 亦庄线 亦庄桥
98%
北京 亦庄线 亦庄文化园
98%
北京 亦庄线 次渠南
98%
上海 1号线 锦江乐园
98%
上海 1号线 上海体育馆
98%
上海 1号线 上海马戏城
98%
上海 2号线 上海科技馆
98%
上海 2号线 虹桥火车站
98%
上海 4号线 上海体育场
98%
上海 4号线 上海体育馆
98%
上海 5号线 北桥
98%
上海 5号线 北桥
98%
上海 5号线 西渡
98%
上海 5号线 奉浦大道
98%
上海 6号线 源深体育中心
98%
上海 6号线 外高桥保税区南
98%
上海 6号线 外高桥保税区北
98%
上海 7号线 大场镇
98%
上海 7号线 罗南新村
98%
上海 8号线 中华艺术宫
98%
上海 8号线 老西门
98%
上海 8号线 鞍山新村
98%
上海 9号线 小南门
98%
上海 9号线 漕河泾开发区
98%
上海 9号线 松江大学城
98%
上海 9号线 上海松江站
98%
上海 10号线 高桥西
98%
上海 10号线 五角场
98%
上海 10号线 老西门
98%
上海 10号线 上海图书馆
98%
上海 10号线 高桥西
98%
上海 10号线 五角场
98%
上海 10号线 老西门
98%
上海 10号线 上海图书馆
98%
上海 10号线 虹桥火车站
98%
上海 11号线 嘉定西
98%
上海 11号线 南翔
98%
上海 11号线 上海游泳馆
98%
上海 11号线 上海游泳馆
98%
上海 11号线 南翔
98%
上海 11号线 上海赛车场
98%
上海 11号线 上海汽车城
98%
上海 16号线 惠南
98%
上海 16号线 临港大道
98%
上海 17号线 虹桥火车站
98%
上海 17号线 西岑
98%
上海 18号线 复旦大学
98%
上海 市域机场线 三林南
98%
上海 市域机场线 上海国际旅游度假区
98%
广州 1号线 西塱
98%
广州 1号线 西门口
98%
广州 佛山2号线 林岳西
98%
广州 2号线 南浦
98%
广州 2号线 南洲
98%
广州 2号线 江南西
98%
广州 2号线 白云文化广场
98%
广州 3号线 石碁南
98%
广州 3号线 大石
98%
广州 3号线 五山
98%
广州 3号线 林和西
98%
广州 4号线 车陂南
98%
广州 4号线 南横
98%
广州 4号线 南沙客运港
98%
广州 5号线 西场
98%
广州 5号线 西村
98%
广州 5号线 车陂南
98%
广州 5号线 大沙地
98%
广州 7号线 水西
98%
广州 7号线 南村万博
98%
广州 7号线 陈村北
98%
广州 7号线 南涌
98%
广州 7号线 美的大道
98%
广州 8号线 西村
98%
广州 8号线 同福西
98%
广州 8号线 中大
98%
广州 11号线 龙口西
98%
广州 11号线 中医药大学
98%
广州 11号线 大冲口
98%
广州 13号线 南海神庙
98%
广州 13号线 南岗
98%
广州 14号线支线(知识城线) 新南
98%
广州 18号线 南村万博
98%
广州 21号线 天河智慧城
98%
广州 21号线 水西
98%
广州 21号线 镇龙西
98%
广州 APM线 花城大道
98%
广州 APM线 黄埔大道
98%
广州 APM线 天河南
98%
广州 APM线 林和西
98%
广州 广佛线 南洲
98%
广州 广佛线 西塱
98%
深圳 1号线/罗宝线 宝安中心
98%
深圳 1号线/罗宝线 西乡
98%
深圳 坪山云巴1号线 自然博物馆西
98%
深圳 2号线/8号线 安托山
98%
深圳 2号线/8号线 莲花西
98%
深圳 2号线/8号线 市民中心
98%
深圳 2号线/8号线 燕南
98%
深圳 2号线/8号线 梧桐山南
98%
深圳 2号线/8号线 盐田港西
98%
深圳 2号线/8号线 深外高中
98%
深圳 2号线/8号线 大梅沙
98%
深圳 3号线/龙岗线 南联
98%
深圳 3号线/龙岗线 坪西
98%
深圳 4号线/龙华线 市民中心
98%
深圳 4号线/龙华线 红山
98%
深圳 4号线/龙华线 清湖北
98%
深圳 5号线/环中线 宝安中心
98%
深圳 5号线/环中线 西丽
98%
深圳 6号线/光明线 公明广场
98%
深圳 6号线/光明线 红花山
98%
深圳 6号线/光明线 红山
98%
深圳 6号线支线 中大
98%
深圳 7号线/西丽线 西丽
98%
深圳 7号线/西丽线 安托山
98%
深圳 7号线/西丽线 华强南
98%
深圳 9号线/梅林线 南油西
98%
深圳 9号线/梅林线 南油
98%
深圳 9号线/梅林线 南山书城
98%
深圳 9号线/梅林线 粤海门
98%
深圳 9号线/梅林线 高新南
98%
深圳 9号线/梅林线 红树湾南
98%
深圳 9号线/梅林线 红岭南
98%
深圳 9号线/梅林线 人民南
98%
深圳 9号线/梅林线 向西村
98%
深圳 10号线/坂田线 华南城
98%
深圳 10号线/坂田线 南坑
98%
深圳 11号线/机场线 马安山
98%
深圳 11号线/机场线 机场北
98%
深圳 11号线/机场线 南山
98%
深圳 11号线/机场线 红树湾南
98%
深圳 11号线/机场线 华强南
98%
深圳 12号线/南宝线 福海西
98%
深圳 12号线/南宝线 桥头西
98%
深圳 12号线/南宝线 钟屋南
98%
深圳 12号线/南宝线 西乡桃源
98%
深圳 12号线/南宝线 平峦山
98%
深圳 12号线/南宝线 同乐南
98%
深圳 12号线/南宝线 南头古城
98%
深圳 12号线/南宝线 南山
98%
深圳 12号线/南宝线 南光
98%
深圳 12号线/南宝线 南油
98%
深圳 13号线/石岩线 粤海门
98%
深圳 14号线/东部快线 罗湖北
98%
深圳 14号线/东部快线 南约
98%
深圳 16号线/龙坪线 大运中心
98%
深圳 16号线/龙坪线 龙园
98%
深圳 20号线 机场北
98%
深圳 20号线 国展南
98%
武汉 1号线 汉口北
98%
武汉 2号线 光谷大道
98%
武汉 2号线 华中科技大学
98%
武汉 2号线 街道口
98%
武汉 2号线 小龟山
98%
武汉 2号线 常青花园
98%
武汉 2号线 巨龙大道
98%
武汉 3号线 沌阳大道
98%
武汉 3号线 汉阳客运站
98%
武汉 4号线 楚河汉街
98%
武汉 5号线 中医药大学
98%
武汉 6号线 常青花园
98%
武汉 6号线 六渡桥
98%
武汉 6号线 江城大道
98%
武汉 7号线 天阳大道
98%
武汉 7号线 腾龙大道
98%
武汉 7号线 巨龙大道
98%
武汉 7号线 园博园
98%
武汉 7号线 新河街
98%
武汉 7号线 大花岭
98%
武汉 7号线 北华街
98%
武汉 8号线 省博湖北日报
98%
武汉 8号线 小洪山
98%
武汉 8号线 街道口
98%
武汉 11号线 湖口
98%
武汉 16号线 小军山
98%
武汉 16号线 协子河
98%
武汉 16号线 周家河
98%
武汉 19号线 花山河
98%
武汉 19号线 花山新城
98%
天津 1号线 佳园里
98%
天津 1号线 西北角
98%
天津 1号线 西南角
98%
天津 1号线 华山里
98%
天津 1号线 双桥河
98%
天津 2号线 远洋国际中心
98%
天津 2号线 天津站
98%
天津 2号线 西南角
98%
天津 3号线 天津站
98%
天津 5号线 辽河北道
98%
天津 5号线 淮河道
98%
天津 5号线 丹河北道
98%
天津 6号线 外院附中
98%
天津 6号线 鞍山西道
98%
天津 6号线 南翠屏
98%
天津 6号线 咸水沽西
98%
天津 9号线 二号桥
98%
天津 9号线 一号桥
98%
天津 9号线 天津站
98%
天津 10号线 南珠桥
98%
南京 S1号线(机场线) 禄口机场
98%
南京 1号线 中国药科大学
98%
南京 1号线 龙眠大道
98%
南京 1号线 天印大道
98%
南京 1号线 河定桥
98%
南京 1号线 双龙大道
98%
南京 1号线 三山街
98%
南京 1号线 张府园
98%
南京 2号线 西安门
98%
南京 S3号线(宁和线) 桥林新城
98%
南京 S3号线(宁和线) 石碛河
98%
南京 S3号线(宁和线) 贾西
98%
南京 S3号线(宁和线) 铁心桥
98%
南京 3号线 九龙湖
98%
南京 3号线 雨花门
98%
南京 4号线 九华山
98%
南京 4号线 西岗桦墅
98%
南京 S6号线 南京猿人洞
98%
南京 7号线 清凉山
98%
南京 7号线 大士茶亭
98%
南京 7号线 新城科技园
98%
南京 7号线 西善桥
98%
南京 S8号线(宁天线) 泰山新村
98%
南京 S8号线(宁天线) 信息工程大学
98%
南京 S8号线(宁天线) 六合开发区
98%
南京 10号线 绿博园
98%
南京 10号线 江心洲
98%
香港 东涌线 南昌
98%
香港 港岛线 西营盘
98%
香港 港岛线 中环
98%
香港 港岛线 西湾河
98%
香港 观塘线 黄大仙
98%
香港 屯马线 荃湾西
98%
香港 屯马线 南昌
98%
香港 屯马线 大水坑
98%
香港 荃湾线 大窝口
98%
香港 荃湾线 中环
98%
重庆 1号线 大坪
98%
重庆 2号线 黄花园
98%
重庆 2号线 大溪沟
98%
重庆 2号线 大坪
98%
重庆 2号线 大堰村
98%
重庆 2号线 大渡口
98%
重庆 2号线 新山村
98%
重庆 2号线 大江
98%
重庆 轨道交通3号线(空港线) 空港广场
98%
重庆 3号线 九公里
98%
重庆 3号线 八公里
98%
重庆 3号线 四公里
98%
重庆 3号线 南坪
98%
重庆 3号线 园博园
98%
重庆 4号线 龙驿大道
98%
重庆 4号线 石河清
98%
重庆 4号线 民安大道
98%
重庆 5号线 悦港大道
98%
重庆 5号线 甘悦大道
98%
重庆 5号线 园博中心
98%
重庆 5号线 大石坝
98%
重庆 6号线 上新街
98%
重庆 6号线 金山寺
98%
重庆 9号线 石盘河
98%
重庆 9号线 春华大道
98%
重庆 10号线 民心佳园
98%
重庆 10号线 渝北广场
98%
重庆 18号线 跳磴南
98%
重庆 18号线 金鳌山
98%
重庆 18号线 四川美术学院
98%
重庆 轨道交通国博线 国博中心
98%
重庆 环线 南桥寺
98%
重庆 环线 民安大道
98%
重庆 环线 上新街
98%
重庆 环线 四公里
98%
重庆 璧铜线 铜梁西
98%
杭州 1号线 西兴
98%
杭州 1号线 城站
98%
杭州 1号线 下沙西
98%
杭州 1号线 杭州大会展中心
98%
杭州 1号线 港城大道
98%
杭州 1号线 南阳
98%
杭州 1号线 西兴
98%
杭州 1号线 城站
98%
杭州 1号线 乔司南
98%
杭州 1号线 南苑
98%
杭州 绍兴1号线 中国轻纺城
98%
杭州 绍兴1号线 火车站
98%
杭州 绍兴1号线 南池
98%
杭州 3号线 吴山前村
98%
杭州 3号线 西溪湿地南
98%
杭州 3号线 黄龙体育中心
98%
杭州 3号线 大关
98%
杭州 3号线 黄鹤山
98%
杭州 3号线 黄鹤山
98%
杭州 3号线 大关
98%
杭州 3号线 黄龙体育中心
98%
杭州 3号线 西溪湿地南
98%
杭州 3号线 小和山
98%
杭州 4号线 中医药大学
98%
杭州 4号线 南星桥
98%
杭州 4号线 市民中心
98%
杭州 4号线 笕桥老街
98%
杭州 5号线 西文街
98%
杭州 5号线 城站
98%
杭州 5号线 南星桥
98%
杭州 6号线 博览中心
98%
杭州 6号线 中医药大学
98%
杭州 6号线 中村
98%
杭州 6号线 富阳客运中心
98%
杭州 6号线 博览中心
98%
杭州 6号线 中医药大学
98%
杭州 7号线 市民中心
98%
杭州 8号线 工商大学云滨
98%
杭州 8号线 仓北村
98%
杭州 9号线 南苑
98%
杭州 9号线 乔司南
98%
杭州 10号线 黄龙体育中心
98%
杭州 16号线 南峰
98%
杭州 19号线 西溪湿地北
98%
杭州 19号线 海创园
98%
沈阳 1号线 滂江街
98%
沈阳 1号线 中街
98%
沈阳 1号线 南市场
98%
沈阳 1号线 沈阳站
98%
沈阳 1号线 云峰北街
98%
沈阳 1号线 七号街
98%
沈阳 2号线 辽宁大学
98%
沈阳 2号线 航空航天大学
98%
沈阳 2号线 三台子
98%
沈阳 2号线 陵西
98%
沈阳 2号线 中医药大学
98%
沈阳 3号线 南李官
98%
沈阳 4号线 沈阳大学
98%
沈阳 4号线 南京桥
98%
沈阳 4号线 长白南
98%
沈阳 9号线 重型文化广场
98%
沈阳 9号线 胜利南街
98%
沈阳 9号线 长白南
98%
沈阳 9号线 长青南街
98%
沈阳 10号线 元江街
98%
沈阳 10号线 长江街
98%
沈阳 10号线 中医药大学
98%
沈阳 10号线 滂江街
98%
沈阳 10号线 长青南街
98%
大连 1号线 华南北
98%
大连 1号线 学苑广场
98%
大连 2号线 南关岭
98%
大连 2号线 港湾广场
98%
大连 3号线 大连站
98%
大连 5号线 梭鱼湾南
98%
大连 5号线 大连站
98%
大连 13号线 石河北海
98%
大连 13号线 石河黄旗
98%
大连 九里线 大连站
98%
成都 1号线 华府大道
98%
成都 1号线 华西坝
98%
成都 1号线 西博城
98%
成都 1号线 华府大道
98%
成都 1号线 华西坝
98%
成都 2号线 中医大·省医院
98%
成都 3号线 石油大学
98%
成都 3号线 三河场
98%
成都 3号线 市二医院
98%
成都 3号线 新南门
98%
成都 4号线 西河
98%
成都 4号线 市二医院
98%
成都 4号线 中医大·省医院
98%
成都 4号线 非遗博览园
98%
成都 5号线 西北桥
98%
成都 5号线 中医大·省医院
98%
成都 5号线 锦城湖
98%
成都 5号线 二江寺
98%
成都 6号线 星河
98%
成都 6号线 西北桥
98%
成都 6号线 中和
98%
成都 6号线 西博城
98%
成都 7号线 高朋大道
98%
成都 7号线 二仙桥
98%
成都 8号线 高朋大道
98%
成都 9号线 机投桥
98%
成都 10号线 新津站
98%
成都 17号线 九江北
98%
成都 17号线 白佛桥
98%
成都 17号线 机投桥
98%
成都 18号线 西博城
98%
成都 18号线 天府机场北
98%
成都 19号线 天府机场北
98%
成都 19号线 九江北
98%
成都 19号线 市五医院
98%
长春 2号线 景阳广场
98%
长春 2号线 文化广场
98%
长春 2号线 南关
98%
长春 3号线 西安桥
98%
长春 3号线 前进西
98%
长春 3号线 金河街
98%
长春 3号线 农博园
98%
长春 8号线 小南
98%
苏州 1号线 文化博览中心
98%
苏州 1号线 南施街
98%
苏州 1号线 钟南街
98%
苏州 2号线 苏州火车站
98%
苏州 2号线 山塘街
98%
苏州 2号线 宝带桥南
98%
苏州 2号线 尹山湖
98%
苏州 3号线 李公堤西
98%
苏州 3号线 石湖北
98%
苏州 3号线 索山桥西
98%
苏州 3号线 西津桥
98%
苏州 4号线 孙武纪念园
98%
苏州 4号线 苏州火车站
98%
苏州 4号线 北寺塔
98%
苏州 4号线 南门
98%
苏州 4号线 人民桥南
98%
苏州 4号线 吴江人民广场
98%
苏州 5号线 苏州奥体中心
98%
苏州 5号线 李公堤南
98%
苏州 5号线 南门
98%
苏州 5号线 索山桥西
98%
苏州 5号线 西跨塘
98%
苏州 5号线 太湖香山
98%
苏州 6号线 青山桥浜
98%
苏州 6号线 江星桥南
98%
苏州 6号线 拙政园苏博
98%
苏州 6号线 李公堤西
98%
苏州 6号线 苏州奥体中心
98%
苏州 6号线 南斜步
98%
苏州 7号线 金家桥南
98%
苏州 7号线 苏州湾北
98%
苏州 8号线 西津桥
98%
苏州 8号线 孙武纪念园
98%
佛山 南海有轨电车1号线 夏西
98%
佛山 南海有轨电车1号线 平西
98%
佛山 南海有轨电车1号线 平南
98%
佛山 南海有轨电车1号线 三山新城北
98%
佛山 南海有轨电车1号线 三山新城南
98%
佛山 南海有轨电车1号线 林岳西
98%
佛山 佛山2号线 林岳西
98%
佛山 3号线 顺德学院站
98%
佛山 3号线 西约
98%
佛山 7号线 水西
98%
佛山 7号线 南村万博
98%
佛山 7号线 陈村北
98%
佛山 7号线 南涌
98%
佛山 7号线 美的大道
98%
佛山 广佛线 西塱
98%
佛山 广佛线 南洲
98%
昆明 1号线 斗南
98%
昆明 1号线 斗南
98%
昆明 1号线 市级行政中心清风
98%
昆明 3号线 西苑
98%
昆明 4号线 牛街庄
98%
昆明 4号线 斗南
98%
昆明 5号线 世博园
98%
昆明 5号线 庄家塘立交桥
98%
昆明 5号线 金家河
98%
昆明 6号线 机场中心
98%
昆明 6号线 机场前
98%
西安 2号线 韦曲南
98%
西安 2号线 南稍门
98%
西安 2号线 北苑
98%
西安 2号线 红会医院北区
98%
西安 3号线 广泰门
98%
西安 4号线 市中医医院
98%
西安 4号线 建筑科技大学·李家村
98%
西安 4号线 大唐芙蓉园
98%
西安 4号线 曲江池西
98%
西安 4号线 航天大道
98%
西安 5号线 阿房宫南
98%
西安 5号线 西窑头
98%
西安 5号线 省人民医院·黄雁村
98%
西安 5号线 南稍门
98%
西安 5号线 建筑科技大学·李家村
98%
西安 5号线 理工大曲江校区
98%
西安 6号线 桥梓口
98%
西安 6号线 郭杜西
98%
西安 8号(环)线 广泰门
98%
西安 8号(环)线 西等驾坡
98%
西安 8号(环)线 曲江池西
98%
西安 8号(环)线 山门口
98%
西安 8号(环)线 木塔寺西
98%
西安 8号(环)线 大风阁
98%
西安 8号(环)线 市第三医院
98%
西安 9号线 芷阳广场
98%
西安 9号线 秦陵西
98%
西安 10号线 西堡
98%
西安 14号线 港务大道
98%
西安 14号线 渭河南
98%
西安 16号线 秦创原中心
98%
郑州 1号线 郑大科技园
98%
郑州 1号线 市民中心
98%
郑州 1号线 西三环
98%
郑州 1号线 郑州火车站
98%
郑州 1号线 紫荆山
98%
郑州 1号线 市体育中心
98%
郑州 2号线 北三环
98%
郑州 2号线 紫荆山
98%
郑州 2号线 南五里堡
98%
郑州 2号线 南三环
98%
郑州 2号线 南四环
98%
郑州 3号线 南阳新村
98%
郑州 3号线 博览中心
98%
郑州 3号线 圃田西
98%
郑州 3号线 滨河新城
98%
郑州 3号线 滨河新城南
98%
郑州 4号线 清华附中
98%
郑州 4号线 龙湖北
98%
郑州 4号线 金融岛南
98%
郑州 5号线 经开中心广场
98%
郑州 5号线 中原福塔
98%
郑州 5号线 南五里堡
98%
郑州 5号线 市第二人民医院
98%
郑州 5号线 市中心医院
98%
郑州 6号线 清华附中
98%
郑州 6号线 金融岛西
98%
郑州 6号线 博览中心
98%
郑州 6号线 凤凰台南
98%
郑州 7号线 市第二人民医院
98%
郑州 7号线 南岗刘
98%
郑州 8号线 南流
98%
郑州 8号线 大学科技园
98%
郑州 8号线 省中医院
98%
郑州 8号线 圃田西
98%
郑州 8号线 李湖桥
98%
郑州 8号线 绿博园
98%
郑州 10号线 市中心医院
98%
郑州 10号线 郑州火车站
98%
郑州 城郊线 南四环
98%
郑州 城郊线 华南城西
98%
郑州 城郊线 华南城
98%
郑州 郑许线 苑陵故城西
98%
郑州 郑许线 龙王南
98%
郑州 郑许线 双鹤湖北
98%
长沙 1号线 秀峰山
98%
长沙 1号线 北辰三角洲
98%
长沙 1号线 南门口
98%
长沙 1号线 中信广场
98%
长沙 S2线 磁浮高铁站
98%
长沙 2号线 万家丽广场
98%
长沙 2号线 长沙大道
98%
长沙 3号线 洋湖新城
98%
长沙 3号线 长沙大学
98%
长沙 3号线 星沙文体中心
98%
长沙 4号线 月亮岛西
98%
长沙 5号线 万家丽广场
98%
长沙 5号线 高桥北
98%
长沙 5号线 高桥南
98%
长沙 6号线 和馨园
98%
长沙 6号线 湘雅三医院
98%
长沙 6号线 窑岭湘雅二医院
98%
宁波 1号线 西门口
98%
宁波 1号线 高桥西
98%
宁波 2号线 宁波火车站
98%
宁波 2号线 宁波大学
98%
宁波 3号线 南部商务区
98%
宁波 3号线 南渡
98%
宁波 4号线 慈城西
98%
宁波 4号线 官山河
98%
宁波 4号线 柳西
98%
宁波 4号线 宁波火车站
98%
宁波 4号线 兴宁桥西
98%
宁波 5号线 大洋江
98%
无锡 S1线 南闸
98%
无锡 S1线 南门
98%
无锡 1号线 锡北运河
98%
无锡 1号线 西漳
98%
无锡 1号线 南禅寺
98%
无锡 1号线 太湖广场
98%
无锡 1号线 市民中心
98%
无锡 1号线 南方泉
98%
无锡 2号线 庄桥
98%
无锡 2号线 梅园开原寺
98%
无锡 3号线 北栅口
98%
无锡 4号线 惠山古镇
98%
无锡 4号线 市民中心
98%
无锡 4号线 博览中心
98%
青岛 1号线 南岭
98%
青岛 1号线 中心医院
98%
青岛 1号线 西镇
98%
青岛 1号线 山里
98%
青岛 1号线 南北屯
98%
青岛 1号线 石油大学
98%
青岛 2号线 海信桥
98%
青岛 3号线 汇泉广场
98%
青岛 4号线 西吴家村
98%
青岛 4号线 埠西
98%
青岛 4号线 南宅科
98%
青岛 4号线 小崂山
98%
青岛 6号线 西门外
98%
青岛 6号线 北门外
98%
青岛 6号线 九顶山
98%
青岛 6号线 山王河(福莱社区)
98%
青岛 8号线 健身中心(红岛会展)
98%
青岛 蓝谷快线 青岛科大
98%
青岛 蓝谷快线 世博园
98%
青岛 蓝谷快线 北九水
98%
青岛 蓝谷快线 博览中心
98%
南昌 1号线 八一馆
98%
南昌 1号线 高新大道
98%
南昌 2号线 市民中心
98%
南昌 2号线 红谷中大道
98%
南昌 3号线 八一馆
98%
南昌 3号线 银三角北
98%
南昌 4号线 白马山
98%
南昌 4号线 新洪城大市场
98%
福州 1号线 福州火车站
98%
福州 1号线 南门兜
98%
福州 1号线 黄山
98%
福州 2号线 金山
98%
福州 2号线 西洋
98%
福州 2号线 南门兜
98%
福州 4号线 西门
98%
福州 5号线 金山
98%
福州 5号线 浦上大道
98%
东莞 2号线 西平
98%
南宁 1号线 金湖广场
98%
南宁 1号线 朝阳广场
98%
南宁 1号线 火车站
98%
南宁 2号线 西津
98%
南宁 2号线 火车站
98%
南宁 2号线 朝阳广场
98%
南宁 2号线 南宁剧场
98%
南宁 2号线 大沙田
98%
南宁 3号线 科园大道
98%
南宁 3号线 大鸡村
98%
南宁 3号线 金湖广场
98%
南宁 3号线 埌西
98%
南宁 3号线 青秀山
98%
南宁 4号线 大沙田
98%
南宁 4号线 金象大道
98%
合肥 2号线 南岗
98%
合肥 2号线 蜀山西
98%
合肥 2号线 西七里塘
98%
合肥 2号线 安农大
98%
合肥 2号线 南沙河
98%
合肥 3号线 安大磬苑校区
98%
合肥 3号线 繁华大道
98%
合肥 3号线 合肥大剧院
98%
合肥 3号线 市政务中心
98%
合肥 3号线 西七里塘
98%
合肥 3号线 郑河
98%
合肥 4号线 量子科学中心
98%
合肥 4号线 北雁湖
98%
合肥 4号线 竹西
98%
合肥 4号线 淝南
98%
合肥 4号线 淝南
98%
合肥 4号线 竹西
98%
合肥 4号线 北雁湖
98%
合肥 5号线 北五里井
98%
合肥 5号线 市第三医院
98%
合肥 5号线 包河苑
98%
合肥 5号线 花园大道
98%
合肥 8号线 省立医院北区
98%
贵阳 S1线 大龙井
98%
贵阳 1号线 小孟工业园
98%
贵阳 1号线 下麦西
98%
贵阳 2号线 云峰大道
98%
贵阳 2号线 百花大道
98%
厦门 1号线 园博苑
98%
厦门 1号线 集美大道
98%
厦门 2号线 新阳大道
98%
厦门 3号线 人才中心
98%
厦门 3号线 国际博览中心
98%
哈尔滨 3号线 河山街
98%
哈尔滨 3号线 河松街
98%
哈尔滨 3号线 上海街
98%
哈尔滨 3号线 中华巴洛克街区
98%
哈尔滨 3号线 市第二医院
98%
石家庄 1号线 西王
98%
石家庄 1号线 长城桥
98%
石家庄 1号线 南村
98%
石家庄 1号线 园博园
98%
石家庄 2号线 南位
98%
石家庄 3号线 西三教
98%
石家庄 3号线 南王
98%
石家庄 3号线 西仰陵
98%
石家庄 3号线 中仰陵
98%
石家庄 3号线 南豆
98%
乌鲁木齐 1号线 小西沟
98%
乌鲁木齐 1号线 中营工
98%
乌鲁木齐 1号线 北门
98%
乌鲁木齐 1号线 南门
98%
温州 S2线 海城
98%
济南 1号线 园博园
98%
济南 2号线 腊山南
98%
济南 3号线 龙奥大厦
98%
兰州 1号线 兰州城市学院(省科技馆)
98%
兰州 1号线 兰州海关
98%
兰州 1号线 西关
98%
兰州 2号线 兰州火车站
98%
常州 1号线 科教城南
98%
常州 1号线 南夏墅
98%
常州 2号线 五角场
98%
常州 2号线 三角场
98%
徐州 1号线 徐州火车站
98%
徐州 1号线 黄山垅
98%
徐州 2号线 九里山
98%
徐州 2号线 九龙湖
98%
徐州 2号线 师大云龙校区
98%
徐州 2号线 中心医院
98%
徐州 2号线 市行政中心
98%
徐州 3号线 金山桥
98%
徐州 3号线 白云山
98%
徐州 3号线 徐州火车站
98%
徐州 3号线 高新区南
98%
太原 1号线 太原理工大学
98%
太原 1号线 柳南
98%
太原 1号线 南十方街
98%
太原 2号线 府西街
98%
太原 2号线 南内环
98%
太原 2号线 王村南街
98%
太原 2号线 化章西街
98%
太原 2号线 西桥
98%
呼和浩特 1号线 西龙王庙
98%
呼和浩特 1号线 白塔西
98%
呼和浩特 2号线 一家村
98%
呼和浩特 2号线 成吉思汗广场
98%
洛阳 1号线 红山
98%
洛阳 1号线 上海市场
98%
洛阳 2号线 文博园
98%
上海 10号线 虹桥1号航站楼
98%
太原 1号线 武宿1号2号航站楼
98%
北京 首都机场线 2号航站楼
98%
北京 S1线 金安桥
95%
北京 S1线 小园
95%
北京 1号线八通线 传媒大学
95%
北京 1号线八通线 八里桥
95%
北京 1号线八通线 九棵树
95%
北京 1号线八通线 临河里
95%
北京 2号线 安定门
95%
北京 2号线 朝阳门
95%
北京 2号线 和平门
95%
北京 4号线大兴线 新街口
95%
北京 4号线大兴线 魏公村
95%
北京 4号线大兴线 人民大学
95%
北京 5号线 立水桥
95%
北京 6号线 朝阳门
95%
北京 6号线 金安桥
95%
北京 7号线 大郊亭
95%
北京 7号线 虎坊桥
95%
北京 8号线 永定门外
95%
北京 8号线 安华桥
95%
北京 8号线 北土城
95%
北京 8号线 奥体中心
95%
北京 8号线 林萃桥
95%
北京 9号线 丰台科技园
95%
北京 9号线 七里庄
95%
北京 10号线 苏州街
95%
北京 10号线 北土城
95%
北京 10号线 安贞门
95%
北京 10号线 三元桥
95%
北京 10号线 十里河
95%
北京 11号线 金安桥
95%
北京 11号线 北辛安
95%
北京 12号线 高家园
95%
北京 12号线 三元桥
95%
北京 12号线 光熙门
95%
北京 12号线 安贞桥
95%
北京 12号线 安华桥
95%
北京 12号线 大钟寺
95%
北京 12号线 人民大学
95%
北京 12号线 苏州桥
95%
北京 12号线 四季青桥
95%
北京 13号线 大钟寺
95%
北京 13号线 立水桥
95%
北京 13号线 光熙门
95%
北京 14号线 平乐园
95%
北京 14号线 十里河
95%
北京 14号线 永定门外
95%
北京 14号线 景风门
95%
北京 14号线 七里庄
95%
北京 14号线 大瓦窑
95%
北京 15号线 孙河
95%
北京 15号线 北沙滩
95%
北京 16号线 苏州街
95%
北京 16号线 苏州桥
95%
北京 16号线 富丰桥
95%
北京 17号线 十里河
95%
北京 17号线 北神树
95%
北京 17号线 次渠北
95%
北京 17号线北段 未来科学城
95%
北京 17号线北段 清河营
95%
北京 19号线 景风门
95%
北京 19号线 太平桥
95%
北京 昌平线 十三陵景区
95%
北京 昌平线 北邵洼
95%
北京 昌平线 沙河
95%
北京 昌平线 生命科学园
95%
北京 昌平线 朱房北
95%
北京 昌平线 学知园
95%
北京 大兴国际机场线 大兴新城
95%
北京 房山线 良乡大学城
95%
北京 首都机场线 三元桥
95%
北京 西郊线 国家植物园
95%
上海 1号线 人民广场
95%
上海 1号线 通河新村
95%
上海 2号线 世纪大道
95%
上海 2号线 人民广场
95%
上海 2号线 北新泾
95%
上海 3号线 大柏树
95%
上海 3号线 虹口足球场
95%
上海 4号线 世纪大道
95%
上海 6号线 世纪大道
95%
上海 8号线 大世界
95%
上海 8号线 人民广场
95%
上海 8号线 虹口足球场
95%
上海 9号线 金桥
95%
上海 9号线 世纪大道
95%
上海 9号线 九亭
95%
上海 10号线 江湾体育场
95%
上海 10号线 同济大学
95%
上海 10号线 交通大学
95%
上海 10号线 江湾体育场
95%
上海 10号线 同济大学
95%
上海 10号线 交通大学
95%
上海 11号线 嘉定北
95%
上海 11号线 李子园
95%
上海 11号线 交通大学
95%
上海 11号线 交通大学
95%
上海 11号线 李子园
95%
上海 12号线 国际客运中心
95%
上海 13号线 世博大道
95%
上海 13号线 北蔡
95%
上海 14号线 大世界
95%
上海 17号线 徐泾北城
95%
广州 1号线 烈士陵园
95%
广州 1号线 体育中心
95%
广州 2号线 市二宫
95%
广州 3号线 番禺广场
95%
广州 3号线 市桥
95%
广州 3号线 大塘
95%
广州 3号线 石牌桥
95%
广州 3号线 梅花园
95%
广州 4号线 大涌
95%
广州 5号线 小北
95%
广州 5号线 保盈大道
95%
广州 6号线 沙河
95%
广州 6号线 沙河顶
95%
广州 6号线 河沙
95%
广州 7号线 大洲
95%
广州 8号线 宝岗大道
95%
广州 9号线 花都广场
95%
广州 11号线 沙河
95%
广州 11号线 云台花园
95%
广州 11号线 大塘
95%
广州 14号线 从化客运站
95%
广州 14号线支线(知识城线) 镇龙北
95%
广州 18号线 番禺广场
95%
广州 21号线 中新
95%
广州 21号线 山田
95%
广州 21号线 增城广场
95%
广州 22号线 番禺广场
95%
广州 APM线 大剧院
95%
广州 APM线 妇儿中心
95%
广州 广佛线 千灯湖
95%
深圳 1号线/罗宝线 大剧院
95%
深圳 1号线/罗宝线 会展中心
95%
深圳 1号线/罗宝线 高新园
95%
深圳 1号线/罗宝线 深大
95%
深圳 1号线/罗宝线 大新
95%
深圳 坪山云巴1号线 比亚迪北
95%
深圳 坪山云巴1号线 中芯国际
95%
深圳 2号线/8号线 海上世界
95%
深圳 2号线/8号线 侨城北
95%
深圳 2号线/8号线 香梅北
95%
深圳 2号线/8号线 岗厦北
95%
深圳 2号线/8号线 华强北
95%
深圳 2号线/8号线 大剧院
95%
深圳 3号线/龙岗线 大芬
95%
深圳 3号线/龙岗线 大运
95%
深圳 3号线/龙岗线 龙城广场
95%
深圳 3号线/龙岗线 坪地六联
95%
深圳 4号线/龙华线 会展中心
95%
深圳 4号线/龙华线 莲花北
95%
深圳 5号线/环中线 洪浪北
95%
深圳 5号线/环中线 大学城
95%
深圳 6号线/光明线 体育中心
95%
深圳 7号线/西丽线 华强北
95%
深圳 7号线/西丽线 红岭北
95%
深圳 9号线/梅林线 红岭北
95%
深圳 10号线/坂田线 坂田北
95%
深圳 10号线/坂田线 岗厦北
95%
深圳 11号线/机场线 岗厦北
95%
深圳 12号线/南宝线 国展北
95%
深圳 12号线/南宝线 四海
95%
深圳 12号线/南宝线 花果山
95%
深圳 12号线/南宝线 海上世界
95%
深圳 13号线/石岩线 深大
95%
深圳 13号线/石岩线 高新中
95%
深圳 14号线/东部快线 岗厦北
95%
深圳 14号线/东部快线 大运
95%
深圳 16号线/龙坪线 大运
95%
深圳 16号线/龙坪线 技术大学
95%
深圳 20号线 国展北
95%
武汉 1号线 滠口新城
95%
武汉 1号线 徐州新村
95%
武汉 1号线 头道街
95%
武汉 1号线 径河
95%
武汉 2号线 金融港北
95%
武汉 2号线 光谷广场
95%
武汉 2号线 宏图大道
95%
武汉 3号线 体育中心
95%
武汉 3号线 三角湖
95%
武汉 3号线 宏图大道
95%
武汉 4号线 临嶂大道
95%
武汉 4号线 蔡甸广场
95%
武汉 4号线 黄金口
95%
武汉 5号线 八铺街
95%
武汉 5号线 昙华林武胜门
95%
武汉 6号线 金银湖
95%
武汉 6号线 轻工大学
95%
武汉 6号线 石桥
95%
武汉 6号线 三眼桥
95%
武汉 7号线 黄陂广场
95%
武汉 7号线 青仔村(轨道产业基地)
95%
武汉 8号线 宏图大道
95%
武汉 8号线 水果湖
95%
武汉 8号线 马房山
95%
武汉 11号线 紫阳湖
95%
武汉 11号线 马房山
95%
武汉 11号线 光谷广场
95%
武汉 11号线 光谷生物园
95%
武汉 16号线 马影河
95%
武汉 16号线 通航机场
95%
武汉 21号线(阳逻线) 朱家河
95%
天津 1号线 洪湖里
95%
天津 1号线 鞍山道
95%
天津 1号线 财经大学
95%
天津 1号线 国家会展中心
95%
天津 3号线 丰产河
95%
天津 3号线 华北集团
95%
天津 3号线 金狮桥
95%
天津 3号线 津湾广场
95%
天津 3号线 大学城
95%
天津 4号线 民航大学
95%
天津 5号线 体育中心
95%
天津 5号线 文化中心
95%
天津 5号线 月牙河
95%
天津 5号线 宜兴埠北
95%
天津 5号线 职业大学
95%
天津 5号线 北辰道
95%
天津 6号线 大毕庄
95%
天津 6号线 新开河
95%
天津 6号线 北竹林
95%
天津 6号线 文化中心
95%
天津 6号线 乐园道
95%
天津 9号线 会展中心
95%
天津 9号线 市民广场
95%
天津 9号线 大王庄
95%
天津 10号线 崂山道
95%
天津 10号线 香山道
95%
天津 10号线 万山道
95%
天津 10号线 方山道
95%
天津 10号线 金贸产业园
95%
天津 10号线 财经大学
95%
天津 11号线 文化中心
95%
天津 津静线 团泊医学园
95%
南京 S1号线(机场线) 空港新城江宁
95%
南京 S1号线(机场线) 吉印大道
95%
南京 1号线 软件大道
95%
南京 1号线 安德门
95%
南京 1号线 新街口
95%
南京 2号线 新街口
95%
南京 2号线 大行宫
95%
南京 2号线 仙林中心
95%
南京 S3号线(宁和线) 景明佳园
95%
南京 3号线 诚信大道
95%
南京 3号线 宏运大道
95%
南京 3号线 明发广场
95%
南京 3号线 大行宫
95%
南京 4号线 灵山
95%
南京 4号线 孟北
95%
南京 4号线 仙林湖
95%
南京 5号线 吉印大道
95%
南京 5号线 诚信大道
95%
南京 S6号线 百水桥
95%
南京 S7号线(宁溧线) 空港新城江宁
95%
南京 S7号线(宁溧线) 空港新城溧水
95%
南京 S7号线(宁溧线) 无想山
95%
南京 7号线 幕府山
95%
南京 7号线 中胜
95%
南京 S8号线(宁天线) 大厂
95%
南京 S8号线(宁天线) 化工园
95%
南京 S8号线(宁天线) 方州广场
95%
南京 S8号线(宁天线) 八百桥
95%
南京 S8号线(宁天线) 金牛湖
95%
南京 10号线 安德门
95%
南京 10号线 中胜
95%
南京 10号线 奥体中心
95%
南京 10号线 浦口万汇城
95%
香港 东铁线 九龙塘
95%
香港 东铁线 大围
95%
香港 东铁线 大学
95%
香港 东铁线 大埔墟
95%
香港 东铁线 九龙塘
95%
香港 东铁线 大围
95%
香港 东铁线 大学
95%
香港 东铁线 大埔墟
95%
香港 东涌线 九龙
95%
香港 港岛线 炮台山
95%
香港 港岛线 北角
95%
香港 观塘线 九龙塘
95%
香港 观塘线 钻石山
95%
香港 观塘线 九龙湾
95%
香港 机场快线 九龙
95%
香港 将军澳线 北角
95%
香港 将军澳线 北角
95%
香港 屯马线 钻石山
95%
香港 屯马线 大围
95%
重庆 1号线 朝天门
95%
重庆 1号线 较场口
95%
重庆 1号线 石桥铺
95%
重庆 1号线 杨公桥
95%
重庆 1号线 大学城
95%
重庆 2号线 较场口
95%
重庆 2号线 临江门
95%
重庆 3号线 重庆交通大学
95%
重庆 3号线 重庆工商大学
95%
重庆 3号线 红旗河沟
95%
重庆 4号线 果园物流枢纽
95%
重庆 4号线 铁山坪
95%
重庆 5号线 椿萱大道
95%
重庆 5号线 幸福广场
95%
重庆 5号线 石桥铺
95%
重庆 5号线 巴山
95%
重庆 5号线 华岩中心
95%
重庆 6号线 大剧院
95%
重庆 6号线 江北城
95%
重庆 6号线 红旗河沟
95%
重庆 6号线 花卉园
95%
重庆 6号线 大竹林
95%
重庆 6号线 九曲河
95%
重庆 6号线 北碚
95%
重庆 9号线 化龙桥
95%
重庆 9号线 江北城
95%
重庆 9号线 兴科大道
95%
重庆 9号线 兰桂大道
95%
重庆 10号线 大礼堂
95%
重庆 10号线 长河
95%
重庆 18号线 花溪工业园
95%
重庆 18号线 重庆理工大学
95%
重庆 18号线 石坪桥
95%
重庆 18号线 奥体中心
95%
重庆 轨道交通国博线 沙河坝
95%
重庆 轨道交通国博线 清溪河
95%
重庆 环线 重庆大学
95%
重庆 环线 奥体中心
95%
重庆 环线 凤鸣山
95%
重庆 璧铜线 河边
95%
重庆 璧铜线 铜梁龙城天街
95%
杭州 1号线 武林广场
95%
杭州 1号线 九堡
95%
杭州 1号线 客运中心
95%
杭州 1号线 金沙湖
95%
杭州 1号线 武林广场
95%
杭州 1号线 九堡
95%
杭州 1号线 客运中心
95%
杭州 绍兴1号线 临杭大道
95%
杭州 绍兴1号线 越州大道
95%
杭州 绍兴1号线 明珠广场
95%
杭州 绍兴1号线 奥体中心
95%
杭州 绍兴1号线 大滩
95%
杭州 绍兴1号线 城市广场
95%
杭州 绍兴1号线 凤凰山
95%
杭州 2号线 人民广场
95%
杭州 2号线 庆春广场
95%
杭州 3号线 洪园
95%
杭州 3号线 古荡新村
95%
杭州 3号线 武林广场
95%
杭州 3号线 新天地街
95%
杭州 3号线 汽轮广场
95%
杭州 3号线 汽轮广场
95%
杭州 3号线 新天地街
95%
杭州 3号线 武林广场
95%
杭州 3号线 古荡新村
95%
杭州 4号线 水澄桥
95%
杭州 4号线 新天地街
95%
杭州 4号线 平安桥
95%
杭州 5号线 杭师大仓前
95%
杭州 5号线 万安桥
95%
杭州 5号线 长河
95%
杭州 5号线 人民广场
95%
杭州 6号线 丰北
95%
杭州 6号线 奥体中心
95%
杭州 6号线 长河
95%
杭州 6号线 公望街
95%
杭州 6号线 丰北
95%
杭州 6号线 奥体中心
95%
杭州 6号线 长河
95%
杭州 7号线 盈中
95%
杭州 7号线 奥体中心
95%
杭州 9号线 客运中心
95%
杭州 9号线 六堡
95%
杭州 9号线 江河汇
95%
杭州 10号线 花园岗
95%
杭州 16号线 临安广场
95%
杭州 16号线 农林大学
95%
杭州 16号线 中泰
95%
杭州 杭海城际 浙大国际校区
95%
沈阳 1号线 黎明广场
95%
沈阳 1号线 重工街
95%
沈阳 1号线 于洪广场
95%
沈阳 1号线 开发大道
95%
沈阳 1号线 四号街
95%
沈阳 1号线 十三号街
95%
沈阳 2号线 师范大学
95%
沈阳 2号线 金融中心
95%
沈阳 2号线 人民广场
95%
沈阳 2号线 五里河
95%
沈阳 2号线 奥体中心
95%
沈阳 2号线 世纪大厦
95%
沈阳 3号线 细河悠谷
95%
沈阳 3号线 工业大学
95%
沈阳 4号线 城建学院
95%
沈阳 9号线 奥体中心
95%
沈阳 9号线 建筑大学
95%
沈阳 10号线 北塔
95%
沈阳 10号线 长青桥
95%
沈阳 10号线 理工大学
95%
大连 1号线 会展中心
95%
大连 1号线 河口
95%
大连 2号线 体育中心
95%
大连 2号线 卫生中心
95%
大连 2号线 中革
95%
大连 2号线 马栏广场
95%
大连 2号线 辽师大
95%
大连 2号线 交通大学
95%
大连 2号线 人民广场
95%
大连 2号线 青泥洼桥
95%
大连 2号线 友好广场
95%
大连 2号线 会议中心
95%
大连 地铁3号线支线 九里
95%
大连 地铁3号线支线 十九局
95%
大连 地铁3号线支线 鸿玮澜山
95%
大连 3号线 金家街
95%
大连 3号线 大连湾
95%
大连 5号线 青泥洼桥
95%
大连 12号线 河口
95%
大连 12号线 蔡大岭
95%
大连 12号线 塔河湾
95%
大连 12号线 铁山
95%
大连 13号线 二十里堡
95%
大连 13号线 九里
95%
大连 九里线 鸿玮澜山
95%
大连 九里线 大连湾
95%
大连 九里线 金家街
95%
成都 1号线 四河
95%
成都 1号线 天府五街
95%
成都 1号线 天府三街
95%
成都 1号线 锦城广场
95%
成都 1号线 天府广场
95%
成都 1号线 四河
95%
成都 1号线 天府五街
95%
成都 1号线 天府三街
95%
成都 1号线 锦城广场
95%
成都 1号线 天府广场
95%
成都 2号线 迎宾大道
95%
成都 2号线 茶店子客运站
95%
成都 2号线 一品天下
95%
成都 2号线 天府广场
95%
成都 2号线 洪河
95%
成都 2号线 大面铺
95%
成都 S3(资阳)线 幸福大道
95%
成都 S3(资阳)线 苌弘广场
95%
成都 3号线 成都医学院(新都校区)
95%
成都 3号线 锦水河
95%
成都 3号线 红星桥
95%
成都 3号线 磨子桥
95%
成都 3号线 太平园
95%
成都 3号线 双流广场
95%
成都 4号线 成都大学
95%
成都 4号线 中坝
95%
成都 4号线 凤溪河
95%
成都 4号线 凤溪河
95%
成都 4号线 杨柳河
95%
成都 5号线 北部商贸城
95%
成都 5号线 大丰
95%
成都 5号线 皇花园
95%
成都 5号线 交子大道
95%
成都 5号线 锦城大道
95%
成都 5号线 大源
95%
成都 6号线 蜀新大道
95%
成都 6号线 新通大道
95%
成都 6号线 龙灯山
95%
成都 7号线 九里堤
95%
成都 7号线 一品天下
95%
成都 7号线 金沙博物馆
95%
成都 7号线 武侯大道
95%
成都 7号线 太平园
95%
成都 7号线 大观
95%
成都 7号线 理工大学
95%
成都 7号线 八里庄
95%
成都 8号线 理工大学
95%
成都 9号线 锦城大道
95%
成都 10号线 太平园
95%
成都 19号线 温家山
95%
成都 19号线 温泉大道
95%
成都 19号线 凤溪河
95%
成都 27号线 花照壁北
95%
成都 27号线 新桥
95%
成都 27号线 沙河源
95%
成都 27号线 兴城大道
95%
长春 1号线 长春站
95%
长春 1号线 人民广场
95%
长春 1号线 工农广场
95%
长春 1号线 卫星广场
95%
长春 2号线 建设广场
95%
长春 3号线 长春站
95%
长春 3号线 宽平桥
95%
长春 3号线 卫星广场
95%
长春 3号线 伊通河
95%
长春 3号线 会展中心
95%
长春 3号线 世纪广场
95%
长春 6号线 飞跃广场
95%
长春 6号线 硅谷广场
95%
长春 6号线 百花园
95%
苏州 1号线 时代广场
95%
苏州 2号线 骑河
95%
苏州 2号线 大湾
95%
苏州 2号线 新家桥
95%
苏州 3号线 葑亭大道
95%
苏州 3号线 金厍桥
95%
苏州 3号线 横山
95%
苏州 3号线 沙金桥
95%
苏州 3号线 何山
95%
苏州 4号线 松陵大道
95%
苏州 5号线 葑亭大道
95%
苏州 5号线 金湖
95%
苏州 5号线 金厍桥
95%
苏州 5号线 新市桥
95%
苏州 5号线 灵岩山
95%
苏州 6号线 涵青桥
95%
苏州 6号线 北斜步
95%
苏州 7号线 白荡北
95%
苏州 8号线 白荡北
95%
苏州 8号线 五潨泾
95%
苏州 8号线 时代广场
95%
苏州 11号线 白河潭
95%
佛山 南海有轨电车1号线 中区
95%
佛山 南海有轨电车1号线 林岳北
95%
佛山 3号线 顺德欢乐海岸
95%
佛山 3号线 大良钟楼
95%
佛山 3号线 环市北
95%
佛山 3号线 大墩
95%
佛山 7号线 大洲
95%
佛山 广佛线 千灯湖
95%
昆明 1号线 大学城
95%
昆明 2号线 交三桥
95%
昆明 2号线 北辰
95%
昆明 3号线 梁家河
95%
昆明 3号线 大树营
95%
昆明 4号线 小菜园
95%
昆明 4号线 大树营
95%
昆明 5号线 圆通山
95%
昆明 5号线 大坝
95%
昆明 5号线 滇池国际会展中心
95%
西安 1号线 白马河
95%
西安 1号线 北槐
95%
西安 1号线 三桥
95%
西安 1号线 皂河
95%
西安 1号线 洒金桥
95%
西安 1号线 朝阳门
95%
西安 1号线 浐河
95%
西安 2号线 安远门
95%
西安 2号线 行政中心
95%
西安 3号线 大雁塔
95%
西安 3号线 北池头
95%
西安 3号线 浐灞中心
95%
西安 4号线 行政中心
95%
西安 4号线 大明宫
95%
西安 4号线 大差市
95%
西安 4号线 和平门
95%
西安 4号线 大雁塔
95%
西安 4号线 神舟大道
95%
西安 5号线 石桥立交
95%
西安 5号线 金光门
95%
西安 6号线 卫星测控中心
95%
西安 6号线 交通大学·兴庆宫
95%
西安 6号线 长乐门
95%
西安 6号线 大差市
95%
西安 6号线 安定门
95%
西安 8号(环)线 幸福林带北
95%
西安 8号(环)线 新开门
95%
西安 8号(环)线 大唐不夜城
95%
西安 8号(环)线 安化门
95%
西安 8号(环)线 金光门
95%
西安 8号(环)线 光化门
95%
西安 8号(环)线 景曜门
95%
西安 8号(环)线 霸城门
95%
西安 10号线 鹿苑大道
95%
西安 10号线 昭慧广场
95%
西安 14号线 奥体中心
95%
西安 14号线 北辰
95%
西安 14号线 艺术中心
95%
郑州 1号线 郑州大学
95%
郑州 1号线 绿城广场
95%
郑州 1号线 会展中心
95%
郑州 2号线 贾河
95%
郑州 2号线 黄河迎宾馆
95%
郑州 2号线 沙门
95%
郑州 2号线 二里岗
95%
郑州 2号线 站马屯
95%
郑州 3号线 省体育中心
95%
郑州 3号线 潮河
95%
郑州 4号线 省体育中心
95%
郑州 4号线 沙门
95%
郑州 4号线 金融岛北
95%
郑州 4号线 中央商务区
95%
郑州 4号线 会展中心
95%
郑州 4号线 七里河
95%
郑州 5号线 中央商务区
95%
郑州 5号线 七里河
95%
郑州 6号线 金汇桥
95%
郑州 6号线 二里岗
95%
郑州 6号线 奥体中心
95%
郑州 7号线 黄河迎宾馆
95%
郑州 7号线 农业大学
95%
郑州 8号线 轻工业大学
95%
郑州 8号线 郑州大学
95%
郑州 8号线 五龙口
95%
郑州 10号线 绿城广场
95%
郑州 14号线 市民大道
95%
郑州 14号线 奥体中心
95%
郑州 城郊线 十八里河
95%
郑州 城郊线 港区北
95%
郑州 城郊线 新郑机场
95%
郑州 城郊线 新郑机场
95%
郑州 城郊线 郑州航空港站
95%
郑州 郑许线 港区北
95%
郑州 郑许线 文体中心
95%
郑州 郑许线 新郑机场(郑许线)
95%
郑州 郑许线 大周
95%
郑州 郑许线 体育中心
95%
长沙 1号线 培元桥
95%
长沙 1号线 黄兴广场
95%
长沙 1号线 大托
95%
长沙 2号线 文化艺术中心
95%
长沙 2号线 芙蓉广场
95%
长沙 2号线 锦泰广场
95%
长沙 3号线 红桥
95%
长沙 3号线 阜埠河
95%
长沙 4号线 阜埠河
95%
长沙 5号线 水渡河
95%
长沙 5号线 木桥
95%
长沙 5号线 大塘
95%
长沙 6号线 中塘
95%
长沙 6号线 农科院农大
95%
长沙 6号线 檀木桥
95%
宁波 1号线 大碶
95%
宁波 1号线 世纪大道
95%
宁波 2号线 鄞州大道
95%
宁波 2号线 客运中心
95%
宁波 3号线 鄞州客运总站
95%
宁波 4号线 奥体中心
95%
宁波 5号线 会展中心
95%
无锡 1号线 天一
95%
无锡 1号线 清名桥
95%
无锡 2号线 迎宾广场
95%
无锡 2号线 大王基
95%
无锡 2号线 河埒口
95%
无锡 3号线 龙山梢
95%
无锡 3号线 吴桥
95%
无锡 4号线 河埒口
95%
无锡 4号线 体育中心
95%
无锡 4号线 大剧院
95%
青岛 1号线 农业大学
95%
青岛 1号线 北岭
95%
青岛 1号线 小村庄
95%
青岛 1号线 海泊桥(海慈医疗)
95%
青岛 1号线 丁家河
95%
青岛 3号线 地铁大厦
95%
青岛 4号线 海泊桥(海慈医疗)
95%
青岛 4号线 福辽立交桥
95%
青岛 6号线 灵山湾
95%
青岛 6号线 华山
95%
青岛 6号线 赵家庙(影视产业园)
95%
青岛 8号线 大涧
95%
青岛 8号线 健康中心
95%
青岛 8号线 大洋
95%
青岛 蓝谷快线 会展中心
95%
青岛 蓝谷快线 北宅
95%
青岛 西海岸快线 灵山卫
95%
青岛 西海岸快线 两河
95%
青岛 西海岸快线 世纪大道
95%
南昌 1号线 地铁大厦
95%
南昌 1号线 秋水广场
95%
南昌 1号线 奥体中心
95%
南昌 2号线 国体中心
95%
南昌 2号线 卧龙山
95%
南昌 2号线 岭北
95%
南昌 2号线 地铁大厦
95%
南昌 3号线 火炬广场
95%
南昌 3号线 十字街
95%
南昌 3号线 京家山
95%
南昌 4号线 中堡
95%
南昌 4号线 北沥
95%
福州 1号线 三叉街
95%
福州 1号线 白湖亭
95%
福州 1号线 城门
95%
福州 1号线 三江口
95%
福州 2号线 上街
95%
福州 2号线 福州大学
95%
福州 2号线 董屿·福建师大
95%
福州 4号线 城门
95%
福州 4号线 会展中心
95%
福州 4号线 三角池
95%
福州 5号线 农林大学
95%
福州 5号线 吴山
95%
东莞 2号线 茶山
95%
东莞 2号线 展览中心
95%
南宁 1号线 会展中心
95%
南宁 1号线 民族广场
95%
南宁 1号线 民族大学
95%
南宁 2号线 福建园
95%
南宁 3号线 五象湖
95%
南宁 5号线 国凯大道
95%
南宁 5号线 五一立交
95%
合肥 1号线 九联圩
95%
合肥 1号线 葛大店
95%
合肥 2号线 科学大道
95%
合肥 2号线 三孝口
95%
合肥 2号线 三里街
95%
合肥 2号线 对河
95%
合肥 2号线 店埠河
95%
合肥 3号线 国防科技大学
95%
合肥 3号线 四泉桥
95%
合肥 3号线 一里井
95%
合肥 4号线 科大先研院
95%
合肥 4号线 玉兰大道
95%
合肥 4号线 薛河
95%
合肥 4号线 十里村
95%
合肥 4号线 十里村
95%
合肥 4号线 薛河
95%
合肥 4号线 玉兰大道
95%
合肥 5号线 三孝口
95%
合肥 5号线 凌大塘
95%
合肥 5号线 盛大
95%
合肥 8号线 一里井
95%
合肥 8号线 北城世纪城
95%
贵阳 S1线 大科城
95%
贵阳 S1线 数谷大道
95%
贵阳 S1线 天河潭
95%
贵阳 S1线 中曹司
95%
贵阳 S1线 小河
95%
贵阳 1号线 白鹭湖
95%
贵阳 1号线 国际生态会议中心
95%
贵阳 2号线 金阳医院
95%
贵阳 2号线 龙洞堡机场
95%
贵阳 3号线 大营坡
95%
贵阳 3号线 花果园
95%
贵阳 3号线 中曹司
95%
贵阳 3号线 十里河滩
95%
贵阳 3号线 贵州大学
95%
贵阳 3号线 明珠大道
95%
厦门 1号线 火炬园
95%
厦门 1号线 诚毅广场
95%
厦门 2号线 天竺山
95%
厦门 2号线 邮轮中心
95%
厦门 2号线 体育中心
95%
厦门 2号线 两岸金融中心
95%
厦门 3号线 体育中心
95%
厦门 3号线 火炬园
95%
哈尔滨 1号线 理工大学
95%
哈尔滨 1号线 哈工大
95%
哈尔滨 1号线 工程大学
95%
哈尔滨 1号线 太平桥
95%
哈尔滨 2号线 大耿家
95%
哈尔滨 2号线 世茂大道
95%
哈尔滨 2号线 冰雪大世界
95%
哈尔滨 2号线 人民广场
95%
哈尔滨 3号线 凯盛源广场
95%
哈尔滨 3号线 人民广场
95%
哈尔滨 3号线 太平桥
95%
哈尔滨 3号线 会展中心
95%
石家庄 1号线 烈士陵园
95%
石家庄 1号线 新百广场
95%
石家庄 1号线 解放广场
95%
石家庄 1号线 北国商城
95%
石家庄 1号线 北宋
95%
石家庄 1号线 火炬广场
95%
石家庄 1号线 会展中心
95%
石家庄 1号线 商务中心
95%
石家庄 2号线 庄窠·铁道大学
95%
石家庄 2号线 建和桥
95%
石家庄 2号线 北国商城
95%
石家庄 3号线 新百广场
95%
石家庄 3号线 槐安桥
95%
乌鲁木齐 1号线 大地窝堡
95%
乌鲁木齐 1号线 体育中心
95%
乌鲁木齐 1号线 新疆大学
95%
温州 S1线 新桥
95%
温州 S1线 奥体中心
95%
温州 S1线 永中
95%
温州 S1线 双瓯大道
95%
温州 S2线 天河
95%
温州 S2线 大典下
95%
济南 1号线 大杨
95%
济南 1号线 玉符河
95%
济南 1号线 大学城
95%
济南 2号线 八里桥
95%
济南 3号线 安成街
95%
济南 3号线 奥体中心
95%
兰州 1号线 奥体中心
95%
兰州 1号线 七里河
95%
兰州 1号线 兰州大学
95%
兰州 2号线 邮电大楼
95%
常州 1号线 新桥
95%
常州 1号线 河海
95%
常州 1号线 奥体中心
95%
常州 1号线 市民广场
95%
常州 1号线 茶山
95%
常州 1号线 延政大道
95%
常州 1号线 科教城北
95%
常州 2号线 五星
95%
徐州 1号线 人民广场
95%
徐州 1号线 彭城广场
95%
徐州 1号线 医科大学
95%
徐州 1号线 金龙湖
95%
徐州 2号线 奔腾大道
95%
徐州 2号线 庆云桥
95%
徐州 2号线 彭城广场
95%
徐州 2号线 户部山
95%
徐州 2号线 拖龙山
95%
徐州 2号线 汉源大道
95%
徐州 2号线 新元大道
95%
徐州 3号线 振兴大道
95%
徐州 3号线 矿大文昌校区
95%
徐州 3号线 师范大学
95%
徐州 3号线 玉泉河
95%
太原 1号线 河龙湾
95%
太原 1号线 北营
95%
太原 2号线 涧河
95%
呼和浩特 1号线 新华广场
95%
呼和浩特 1号线 坝堰(机场)
95%
呼和浩特 2号线 新华广场
95%
洛阳 1号线 牡丹广场
95%
洛阳 1号线 七里河
95%
洛阳 1号线 周王城广场
95%
洛阳 1号线 应天门
95%
洛阳 1号线 丽景门
95%
洛阳 2号线 体育中心
95%
上海 17号线 国家会展中心(17号线)
95%
上海 2号线 国家会展中心(2号线)
95%
北京 首都机场线 3号航站楼
95%
大连 3号线 双D港
95%
长沙 6号线 黄花机场T1T2
95%
西安 14号线 机场(T5)
95%
北京 S1线 桥户营
93%
北京 1号线八通线 五棵松
93%
北京 1号线八通线 复兴门
93%
北京 1号线八通线 建国门
93%
北京 1号线八通线 土桥
93%
北京 2号线 建国门
93%
北京 2号线 前门
93%
北京 2号线 宣武门
93%
北京 2号线 复兴门
93%
北京 2号线 阜成门
93%
北京 4号线大兴线 义和庄
93%
北京 4号线大兴线 宣武门
93%
北京 4号线大兴线 动物园
93%
北京 4号线大兴线 国家图书馆
93%
北京 6号线 十里堡
93%
北京 6号线 二里沟
93%
北京 7号线 桥湾
93%
北京 8号线 海户屯
93%
北京 8号线 木樨园
93%
北京 8号线 天桥
93%
北京 8号线 前门
93%
北京 9号线 国家图书馆
93%
北京 10号线 亮马桥
93%
北京 10号线 莲花桥
93%
北京 10号线 长春桥
93%
北京 12号线 马甸桥
93%
北京 12号线 长春桥
93%
北京 15号线 石门
93%
北京 16号线 国家图书馆
93%
北京 16号线 二里沟
93%
北京 17号线 嘉会湖
93%
北京 西郊线 香山
93%
北京 燕房线 燕山
93%
上海 6号线 临沂新村
93%
上海 9号线 打浦桥
93%
上海 9号线 七宝
93%
上海 9号线 佘山
93%
上海 9号线 松江新城
93%
上海 10号线 高桥
93%
上海 10号线 新江湾城
93%
上海 10号线 高桥
93%
上海 10号线 新江湾城
93%
上海 11号线 三林
93%
上海 11号线 三林
93%
上海 11号线 花桥
93%
上海 16号线 野生动物园
93%
广州 佛山2号线 绿岛湖
93%
广州 3号线 珠江新城
93%
广州 4号线 黄阁汽车城
93%
广州 5号线 区庄
93%
广州 5号线 动物园
93%
广州 5号线 珠江新城
93%
广州 6号线 植物园
93%
广州 6号线 区庄
93%
广州 7号线 燕山
93%
广州 8号线 彩虹桥
93%
广州 8号线 沙园
93%
广州 9号线 花都汽车城
93%
广州 11号线 彩虹桥
93%
广州 21号线 科学城
93%
广州 广佛线 沙园
93%
广州 广佛线 季华园
93%
深圳 2号线/8号线 海山
93%
深圳 4号线/龙华线 福田口岸
93%
深圳 4号线/龙华线 清湖
93%
深圳 4号线/龙华线 长湖
93%
深圳 6号线/光明线 楼村
93%
深圳 9号线/梅林线 梦海
93%
深圳 9号线/梅林线 园岭
93%
深圳 10号线/坂田线 平湖
93%
深圳 10号线/坂田线 凉帽山
93%
深圳 10号线/坂田线 光雅园
93%
深圳 10号线/坂田线 福田口岸
93%
深圳 11号线/机场线 机场
93%
深圳 14号线/东部快线 坪山围
93%
深圳 16号线/龙坪线 坪山
93%
深圳 16号线/龙坪线 六和
93%
深圳 16号线/龙坪线 坪山围
93%
深圳 16号线/龙坪线 燕子湖
93%
武汉 2号线 积玉桥
93%
武汉 4号线 七里庙
93%
武汉 4号线 五里墩
93%
武汉 4号线 杨春湖
93%
武汉 5号线 积玉桥
93%
武汉 5号线 三层楼
93%
武汉 5号线 红钢城
93%
武汉 8号线 塔子湖
93%
武汉 8号线 竹叶山
93%
武汉 8号线 黄家湖地铁小镇
93%
武汉 11号线 丁字桥
93%
武汉 11号线 长岭山
93%
武汉 16号线 桂子湖
93%
武汉 16号线 湾湖
93%
武汉 19号线 鼓架山
93%
天津 1号线 刘园
93%
天津 1号线 海光寺
93%
天津 1号线 营口道
93%
天津 1号线 小白楼
93%
天津 1号线 复兴门
93%
天津 2号线 顺驰桥
93%
天津 2号线 建国道意风区
93%
天津 3号线 营口道
93%
天津 4号线 金街
93%
天津 4号线 新兴村
93%
天津 6号线 金钟街
93%
天津 6号线 民权门
93%
天津 9号线 胡家园
93%
南京 S1号线(机场线) 翠屏山
93%
南京 1号线 百家湖
93%
南京 1号线 玄武门
93%
南京 1号线 笆斗山
93%
南京 2号线 天保街
93%
南京 2号线 油坊桥
93%
南京 2号线 仙鹤门
93%
南京 S3号线(宁和线) 林山
93%
南京 S3号线(宁和线) 油坊桥
93%
南京 3号线 卡子门
93%
南京 3号线 武定门
93%
南京 3号线 上元门
93%
南京 4号线 聚宝山
93%
南京 S6号线 汤山
93%
南京 7号线 尧化门
93%
南京 S9号线(宁高线) 铜山
93%
香港 机场快线 机场
93%
香港 屯马线 石门
93%
香港 屯马线 马鞍山
93%
重庆 1号线 七星岗
93%
重庆 1号线 赖家桥
93%
重庆 1号线 微电园
93%
重庆 1号线 陈家桥
93%
重庆 1号线 璧山
93%
重庆 2号线 动物园
93%
重庆 2号线 建桥
93%
重庆 2号线 金家湾
93%
重庆 5号线 红岩村
93%
重庆 5号线 半山
93%
重庆 6号线 茶园
93%
重庆 6号线 长生桥
93%
重庆 6号线 光电园
93%
重庆 9号线 红岩村
93%
重庆 10号线 七星岗
93%
重庆 10号线 三亚湾
93%
重庆 10号线 鹿山
93%
重庆 环线 天星桥
93%
重庆 环线 玉带山
93%
重庆 环线 涂山
93%
重庆 环线 彩云湖
93%
重庆 江跳线 江津高铁
93%
重庆 璧铜线 璧山
93%
杭州 1号线 龙翔桥
93%
杭州 1号线 七堡
93%
杭州 1号线 龙翔桥
93%
杭州 1号线 七堡
93%
杭州 绍兴1号线 瓜渚湖
93%
杭州 2号线 曹家桥
93%
杭州 2号线 钱江世纪城
93%
杭州 2号线 武林门
93%
杭州 2号线 三墩
93%
杭州 3号线 武林门
93%
杭州 3号线 丁桥
93%
杭州 3号线 星桥
93%
杭州 3号线 星桥
93%
杭州 3号线 丁桥
93%
杭州 3号线 武林门
93%
杭州 4号线 吴家角港
93%
杭州 5号线 宝善桥
93%
杭州 6号线 三堡
93%
杭州 6号线 钱江世纪城
93%
杭州 6号线 高桥
93%
杭州 6号线 阳陂湖
93%
杭州 6号线 三堡
93%
杭州 6号线 钱江世纪城
93%
杭州 7号线 坎山
93%
杭州 9号线 五堡
93%
杭州 9号线 三堡
93%
沈阳 2号线 桃仙机场
93%
沈阳 9号线 天成街
93%
大连 1号线 七贤岭
93%
大连 2号线 机场
93%
大连 13号线 三十里堡
93%
成都 1号线 五根松
93%
成都 1号线 孵化园
93%
成都 1号线 金融城
93%
成都 1号线 倪家桥
93%
成都 1号线 锦江宾馆
93%
成都 1号线 升仙湖
93%
成都 1号线 科学城
93%
成都 1号线 兴隆湖
93%
成都 1号线 孵化园
93%
成都 1号线 金融城
93%
成都 1号线 倪家桥
93%
成都 1号线 锦江宾馆
93%
成都 1号线 升仙湖
93%
成都 2号线 通惠门
93%
成都 2号线 连山坡
93%
成都 3号线 植物园
93%
成都 3号线 动物园
93%
成都 3号线 驷马桥
93%
成都 3号线 高升桥
93%
成都 4号线 十陵
93%
成都 4号线 万年场
93%
成都 5号线 幸福桥
93%
成都 5号线 陆家桥
93%
成都 5号线 洞子口
93%
成都 5号线 五块石
93%
成都 5号线 高升桥
93%
成都 5号线 科园
93%
成都 6号线 侯家桥
93%
成都 7号线 驷马桥
93%
成都 8号线 倪家桥
93%
成都 9号线 孵化园
93%
成都 10号线 花桥
93%
成都 18号线 孵化园
93%
成都 27号线 洞子口
93%
成都 27号线 王贾桥
93%
成都 27号线 石门坎
93%
长春 2号线 万福街
93%
长春 3号线 朝阳桥
93%
长春 3号线 亚泰立交桥
93%
长春 3号线 金鑫街
93%
长春 3号线 长影世纪城
93%
长春 4号线 前十里堡
93%
长春 6号线 长影世纪城
93%
苏州 3号线 烟雨桥
93%
苏州 4号线 察院场
93%
苏州 4号线 红庄
93%
苏州 5号线 落星桥
93%
苏州 5号线 许家桥
93%
苏州 6号线 惹云桥
93%
苏州 7号线 惹云桥
93%
苏州 7号线 尹山
93%
苏州 7号线 红庄
93%
苏州 7号线 石湖莫舍
93%
苏州 8号线 时家桥
93%
苏州 8号线 莲池桥
93%
苏州 11号线 草鞋山
93%
苏州 11号线 花桥
93%
佛山 佛山2号线 绿岛湖
93%
佛山 7号线 燕山
93%
佛山 广佛线 季华园
93%
佛山 广佛线 沙园
93%
昆明 1号线 新亚洲体育城
93%
昆明 1号线 新亚洲体育城
93%
昆明 3号线 眠山
93%
昆明 3号线 虹桥
93%
昆明 4号线 金桂街
93%
昆明 4号线 牛头山
93%
昆明 5号线 福海
93%
西安 1号线 开远门
93%
西安 1号线 通化门
93%
西安 2号线 永宁门
93%
西安 3号线 通化门
93%
西安 3号线 香湖湾
93%
西安 4号线 百花村
93%
西安 5号线 高桥
93%
西安 5号线 文教园
93%
西安 8号(环)线 井上村
93%
西安 8号(环)线 植物园
93%
西安 8号(环)线 开远门
93%
西安 8号(环)线 白家口
93%
西安 10号线 井上村
93%
郑州 1号线 龙子湖
93%
郑州 3号线 海滩寺
93%
郑州 5号线 海滩寺
93%
郑州 6号线 洞林湖
93%
郑州 8号线 天健湖
93%
郑州 12号线 龙子湖
93%
郑州 城郊线 康平湖
93%
郑州 城郊线 恩平湖
93%
长沙 1号线 鹅羊山
93%
长沙 1号线 宿龙桥
93%
长沙 1号线 铁道学院
93%
长沙 3号线 船形山
93%
长沙 3号线 山塘
93%
长沙 3号线 洋湖湿地
93%
长沙 4号线 湘江新城
93%
长沙 4号线 六沟垅
93%
长沙 4号线 望月湖
93%
长沙 5号线 土桥
93%
长沙 5号线 马栏山
93%
长沙 6号线 谢家桥
93%
长沙 6号线 六沟垅
93%
长沙 6号线 花桥
93%
宁波 1号线 高桥
93%
宁波 2号线 栎社国际机场
93%
宁波 2号线 招宝山
93%
宁波 3号线 高塘桥
93%
宁波 3号线 姜山
93%
宁波 3号线 狮山
93%
宁波 3号线 方桥
93%
无锡 1号线 塘铁桥
93%
无锡 3号线 钱桥
93%
无锡 3号线 硕放机场
93%
青岛 1号线 胜利桥(纺织谷)
93%
青岛 2号线 浮山所
93%
青岛 3号线 双山
93%
青岛 4号线 沙子口
93%
青岛 6号线 抓马山
93%
青岛 8号线 红岛科技馆(方特)
93%
青岛 蓝谷快线 鳌山卫
93%
青岛 蓝谷快线 钱谷山
93%
青岛 西海岸快线 朝阳山
93%
南昌 1号线 彭家桥
93%
南昌 3号线 沥山
93%
南昌 4号线 坛子口
93%
南昌 4号线 七里
93%
福州 1号线 秀山
93%
福州 1号线 罗汉山
93%
福州 1号线 屏山
93%
福州 1号线 三角埕
93%
福州 2号线 桔园洲
93%
福州 2号线 五里亭
93%
福州 2号线 鼓山
93%
福州 5号线 盖山竹榄
93%
南宁 1号线 万象城
93%
南宁 1号线 动物园
93%
合肥 1号线 万达城
93%
合肥 2号线 五里墩
93%
合肥 2号线 四牌楼
93%
合肥 2号线 马桥
93%
合肥 3号线 窦桥湾
93%
合肥 4号线 天鹅湖
93%
合肥 4号线 天鹅湖
93%
合肥 5号线 白水坝
93%
合肥 5号线 方兴湖
93%
合肥 5号线 渡江纪念馆
93%
贵阳 S1线 星月湖
93%
贵阳 2号线 茶园
93%
厦门 1号线 集美学村
93%
厦门 1号线 杏林村
93%
厦门 2号线 观音山
93%
厦门 2号线 五缘湾
93%
厦门 3号线 五缘湾
93%
哈尔滨 2号线 哈尔滨站
93%
石家庄 3号线 市庄
93%
乌鲁木齐 1号线 国际机场
93%
乌鲁木齐 1号线 植物园
93%
乌鲁木齐 1号线 八楼
93%
温州 S1线 潘桥
93%
温州 S1线 三垟湿地
93%
温州 S1线 机场
93%
温州 S1线 瓯江口
93%
温州 S2线 机场
93%
济南 1号线 王府庄
93%
济南 2号线 王府庄
93%
济南 2号线 腊山
93%
济南 2号线 七里堡
93%
济南 2号线 八涧堡
93%
济南 2号线 鲍山
93%
济南 3号线 八涧堡
93%
常州 1号线 同济桥
93%
常州 1号线 武进沿江城际
93%
徐州 1号线 韩山
93%
徐州 1号线 乔家湖
93%
徐州 2号线 七里沟
93%
徐州 3号线 天桥
93%
徐州 3号线 翟山
93%
徐州 3号线 焦山
93%
徐州 3号线 银山
93%
洛阳 2号线 牡丹桥
93%
洛阳 2号线 开元湖
93%
洛阳 2号线 兴洛湖
93%
北京 S1线 苹果园
91%
北京 1号线八通线 四惠
91%
北京 1号线八通线 双桥
91%
北京 1号线八通线 果园
91%
北京 1号线八通线 梨园
91%
北京 1号线八通线 花庄
91%
北京 2号线 崇文门
91%
北京 3号线 工人体育场
91%
北京 3号线 团结湖
91%
北京 3号线 姚家园
91%
北京 4号线大兴线 天宫院
91%
北京 4号线大兴线 枣园
91%
北京 5号线 崇文门
91%
北京 5号线 灯市口
91%
北京 6号线 苹果园
91%
北京 7号线 花庄
91%
北京 7号线 高楼金
91%
北京 8号线 瀛海
91%
北京 8号线 五福堂
91%
北京 8号线 什刹海
91%
北京 10号线 牡丹园
91%
北京 10号线 健德门
91%
北京 10号线 团结湖
91%
北京 10号线 潘家园
91%
北京 10号线 石榴庄
91%
北京 10号线 草桥
91%
北京 16号线 宛平城
91%
北京 17号线 十八里店
91%
北京 17号线北段 左家庄
91%
北京 17号线北段 工人体育场
91%
北京 19号线 草桥
91%
北京 19号线 牡丹园
91%
北京 昌平线 巩华城
91%
北京 大兴国际机场线 草桥
91%
北京 亦庄线 万源街
91%
上海 1号线 彭浦新村
91%
上海 1号线 共富新村
91%
上海 2号线 张江高科
91%
上海 3号线 江湾镇
91%
上海 4号线 塘桥
91%
上海 5号线 颛桥
91%
上海 5号线 颛桥
91%
上海 7号线 美兰湖
91%
上海 8号线 浦江镇
91%
上海 8号线 凌兆新村
91%
上海 10号线 邮电新村
91%
上海 10号线 豫园
91%
上海 10号线 龙柏新村
91%
上海 10号线 邮电新村
91%
上海 10号线 豫园
91%
上海 11号线 桃浦新村
91%
上海 11号线 御桥
91%
上海 11号线 御桥
91%
上海 11号线 桃浦新村
91%
上海 12号线 提篮桥
91%
上海 14号线 真新新村
91%
上海 14号线 豫园
91%
上海 16号线 鹤沙航城
91%
上海 16号线 新场
91%
上海 16号线 滴水湖
91%
上海 17号线 青浦新城
91%
上海 18号线 御桥
91%
上海 18号线 康桥
91%
广州 佛山2号线 湖涌
91%
广州 2号线 三元里
91%
广州 3号线 海傍
91%
广州 4号线 黄村
91%
广州 4号线 海傍
91%
广州 4号线 蕉门
91%
广州 5号线 五羊邨
91%
广州 5号线 三溪
91%
广州 5号线 夏园
91%
广州 5号线 黄埔新港
91%
广州 7号线 板桥
91%
广州 8号线 凤凰新村
91%
广州 11号线 棣园
91%
广州 11号线 五凤
91%
广州 13号线 夏园
91%
广州 13号线 白江
91%
广州 13号线 官湖
91%
广州 21号线 黄村
91%
深圳 1号线/罗宝线 罗湖
91%
深圳 1号线/罗宝线 科学馆
91%
深圳 1号线/罗宝线 香蜜湖
91%
深圳 1号线/罗宝线 车公庙
91%
深圳 1号线/罗宝线 华侨城
91%
深圳 1号线/罗宝线 白石洲
91%
深圳 1号线/罗宝线 桃园
91%
深圳 1号线/罗宝线 鲤鱼门
91%
深圳 1号线/罗宝线 前海湾
91%
深圳 2号线/8号线 蛇口港
91%
深圳 2号线/8号线 海月
91%
深圳 2号线/8号线 后海
91%
深圳 2号线/8号线 红树湾
91%
深圳 2号线/8号线 湖贝
91%
深圳 3号线/龙岗线 六约
91%
深圳 3号线/龙岗线 永湖
91%
深圳 3号线/龙岗线 梨园
91%
深圳 4号线/龙华线 白石龙
91%
深圳 4号线/龙华线 观澜湖
91%
深圳 4号线/龙华线 牛湖
91%
深圳 5号线/环中线 前海湾
91%
深圳 5号线/环中线 临海
91%
深圳 5号线/环中线 五和
91%
深圳 6号线/光明线 合水口
91%
深圳 6号线/光明线 银湖
91%
深圳 6号线/光明线 八卦岭
91%
深圳 6号线/光明线 科学馆
91%
深圳 7号线/西丽线 车公庙
91%
深圳 7号线/西丽线 八卦岭
91%
深圳 7号线/西丽线 洪湖
91%
深圳 9号线/梅林线 怡海
91%
深圳 9号线/梅林线 车公庙
91%
深圳 9号线/梅林线 银湖
91%
深圳 10号线/坂田线 五和
91%
深圳 11号线/机场线 桥头
91%
深圳 11号线/机场线 碧海湾
91%
深圳 11号线/机场线 前海湾
91%
深圳 11号线/机场线 后海
91%
深圳 11号线/机场线 车公庙
91%
深圳 12号线/南宝线 桃园
91%
深圳 13号线/石岩线 深圳湾口岸
91%
深圳 13号线/石岩线 后海
91%
深圳 14号线/东部快线 四联
91%
深圳 16号线/龙坪线 愉园
91%
武汉 1号线 循礼门
91%
武汉 1号线 竹叶海
91%
武汉 1号线 三店
91%
武汉 2号线 秀湖
91%
武汉 2号线 循礼门
91%
武汉 2号线 范湖
91%
武汉 2号线 常青城
91%
武汉 3号线 范湖
91%
武汉 3号线 菱角湖
91%
武汉 4号线 新庙村
91%
武汉 4号线 十里铺
91%
武汉 5号线 烽火村
91%
武汉 5号线 工人村
91%
武汉 6号线 杨汊湖
91%
武汉 7号线 瑞安街
91%
武汉 7号线 建安街
91%
武汉 7号线 板桥
91%
武汉 7号线 野芷湖
91%
武汉 7号线 江夏客厅
91%
武汉 8号线 梨园
91%
武汉 8号线 马湖
91%
武汉 8号线 野芷湖
91%
武汉 11号线 武汉体育学院
91%
武汉 21号线(阳逻线) 武湖
91%
武汉 21号线(阳逻线) 军民村
91%
天津 2号线 翠阜新村
91%
天津 3号线 张兴庄
91%
天津 5号线 天津宾馆
91%
天津 5号线 张兴庄
91%
天津 6号线 天津宾馆
91%
天津 6号线 梅江道
91%
天津 6号线 左江道
91%
天津 6号线 渌水道
91%
天津 6号线 渌水道
91%
天津 10号线 丽江道
91%
天津 11号线 澧水道
91%
南京 1号线 迈皋桥
91%
南京 2号线 莫愁湖
91%
南京 2号线 苜蓿园
91%
南京 S3号线(宁和线) 刘村
91%
南京 3号线 常府街
91%
南京 3号线 浮桥
91%
南京 3号线 天润城
91%
南京 3号线 林场
91%
南京 4号线 龙江
91%
南京 S6号线 麒麟门
91%
南京 S7号线(宁溧线) 卧龙湖
91%
南京 7号线 尧化新村
91%
南京 7号线 莫愁湖
91%
南京 S8号线(宁天线) 沈桥
91%
香港 东铁线 罗湖
91%
香港 港岛线 坚尼地城
91%
香港 南港岛线 海怡半岛
91%
香港 屯马线 屯门
91%
香港 屯马线 车公庙
91%
重庆 2号线 马王场
91%
重庆 轨道交通3号线(空港线) 双凤桥
91%
重庆 轨道交通3号线(空港线) 高堡湖
91%
重庆 3号线 观音桥
91%
重庆 4号线 三板溪
91%
重庆 6号线 五里店
91%
重庆 9号线 观音桥
91%
重庆 9号线 五里店
91%
重庆 9号线 宝圣湖
91%
重庆 10号线 王家庄
91%
重庆 18号线 滩子口
91%
重庆 轨道交通国博线 王家庄
91%
重庆 环线 五里店
91%
重庆 环线 海棠溪
91%
重庆 环线 上桥
91%
重庆 江跳线 石林寺
91%
杭州 1号线 湘湖
91%
杭州 1号线 下沙江滨
91%
杭州 1号线 湘湖
91%
杭州 绍兴1号线 姑娘桥
91%
杭州 绍兴1号线 杨汛桥
91%
杭州 绍兴1号线 栖湖
91%
杭州 2号线 沈塘桥
91%
杭州 2号线 下宁桥
91%
杭州 2号线 三坝
91%
杭州 5号线 五常
91%
杭州 5号线 三坝
91%
杭州 5号线 萍水街
91%
杭州 5号线 候潮门
91%
杭州 5号线 双桥
91%
杭州 5号线 姑娘桥
91%
杭州 6号线 银湖
91%
杭州 8号线 桥头堡
91%
杭州 10号线 渡驾桥
91%
杭州 16号线 八百里
91%
杭州 19号线 沈塘桥
91%
杭州 19号线 五联
91%
杭州 杭海城际 斜桥
91%
沈阳 1号线 怀远门
91%
沈阳 1号线 太原街
91%
沈阳 1号线 保工街
91%
沈阳 1号线 启工街
91%
沈阳 2号线 市图书馆
91%
沈阳 4号线 太原街
91%
沈阳 4号线 长白岛
91%
沈阳 9号线 皇姑屯站
91%
沈阳 10号线 丁香湖
91%
沈阳 10号线 向工街
91%
沈阳 10号线 泉园
91%
大连 1号线 香工街
91%
大连 1号线 兴工街
91%
大连 2号线 海之韵
91%
大连 5号线 甘井子街
91%
大连 13号线 普兰店振兴街
91%
大连 13号线 普湾体育场
91%
大连 13号线 十三里
91%
成都 1号线 麓湖
91%
成都 2号线 成都行政学院
91%
成都 3号线 红牌楼
91%
成都 3号线 双凤桥
91%
成都 3号线 迎春桥
91%
成都 3号线 三里坝
91%
成都 4号线 蔡桥
91%
成都 5号线 柏水场
91%
成都 6号线 和平街
91%
成都 6号线 三官堂
91%
成都 7号线 三瓦窑
91%
成都 8号线 十里店
91%
成都 8号线 杉板桥
91%
成都 8号线 三元
91%
成都 9号线 簇桥
91%
成都 9号线 三元
91%
成都 10号线 五津
91%
成都 18号线 三岔
91%
成都 19号线 三岔
91%
成都 27号线 三圣寺
91%
长春 1号线 红嘴子
91%
长春 2号线 解放桥
91%
长春 2号线 平阳街
91%
长春 3号线 芙蓉桥
91%
长春 3号线 解放桥
91%
长春 3号线 滑雪场
91%
长春 6号线 新明街
91%
长春 6号线 樱花街
91%
长春 8号线 和安街
91%
苏州 1号线 乐桥
91%
苏州 1号线 相门
91%
苏州 4号线 龙道浜
91%
苏州 4号线 乐桥
91%
苏州 4号线 三元坊
91%
苏州 4号线 团结桥
91%
苏州 5号线 竹辉桥
91%
苏州 5号线 双桥
91%
苏州 5号线 渎川桥
91%
苏州 5号线 津桥
91%
苏州 6号线 悬桥巷
91%
苏州 7号线 积翠桥
91%
苏州 8号线 苏州当代美术馆
91%
苏州 11号线 夏桥
91%
佛山 佛山2号线 湖涌
91%
佛山 7号线 板桥
91%
昆明 2号线 穿心鼓楼
91%
昆明 2号线 霖雨桥
91%
昆明 2号线 龙头街
91%
昆明 3号线 金马寺
91%
昆明 5号线 白龙寺
91%
西安 1号线 枣园
91%
西安 1号线 玉祥门
91%
西安 2号线 航天城
91%
西安 2号线 三爻
91%
西安 2号线 市图书馆
91%
西安 3号线 延平门
91%
西安 3号线 延兴门
91%
西安 3号线 国际港务区
91%
西安 4号线 航天新城
91%
西安 5号线 斗门
91%
西安 5号线 雁鸣湖
91%
西安 8号(环)线 延平门
91%
西安 8号(环)线 土门
91%
西安 8号(环)线 市图书馆
91%
西安 10号线 红旗厂
91%
西安 10号线 未央湖
91%
西安 14号线 空港新城
91%
郑州 4号线 张家村
91%
郑州 5号线 郑州人民医院
91%
郑州 6号线 火车头体育场
91%
郑州 7号线 张家村
91%
郑州 7号线 郑州人民医院
91%
郑州 8号线 畅和街
91%
郑州 10号线 柳湖
91%
郑州 12号线 梁湖
91%
郑州 14号线 莲湖
91%
郑州 郑许线 枣园
91%
郑州 郑许线 双鹤湖
91%
郑州 郑许线 八千
91%
郑州 郑许线 芙蓉湖
91%
郑州 郑许线 鹿鸣湖
91%
长沙 3号线 双湖
91%
长沙 3号线 四方坪·双拥
91%
长沙 3号线 雅雀湖
91%
长沙 5号线 火炬村
91%
长沙 6号线 隆平水稻博物馆
91%
宁波 1号线 五乡
91%
宁波 1号线 望春桥
91%
宁波 2号线 三官堂
91%
宁波 2号线 五里牌
91%
宁波 2号线 枫园
91%
宁波 4号线 小洋江
91%
宁波 5号线 骆驼桥
91%
宁波 5号线 三官堂
91%
无锡 S1线 堰桥
91%
无锡 S1线 江阴外滩
91%
无锡 1号线 堰桥
91%
无锡 1号线 胜利门
91%
无锡 1号线 谈渡桥
91%
无锡 1号线 葛埭桥
91%
无锡 2号线 查桥
91%
无锡 2号线 靖海
91%
无锡 3号线 靖海
91%
青岛 1号线 王家港
91%
青岛 2号线 石老人浴场
91%
青岛 2号线 小港
91%
青岛 4号线 董家下庄
91%
青岛 6号线 王家港
91%
青岛 西海岸快线 古镇口
91%
青岛 西海岸快线 董家口港
91%
南昌 1号线 孔目湖
91%
南昌 3号线 六眼井
91%
南昌 3号线 斗门
91%
福州 1号线 斗门
91%
福州 5号线 龙江
91%
福州 6号线 十洋
91%
东莞 2号线 下桥
91%
南宁 3号线 小鸡村
91%
南宁 4号线 五象岭
91%
南宁 5号线 小鸡村
91%
南宁 5号线 降桥
91%
合肥 2号线 十里庙
91%
合肥 2号线 三里庵
91%
合肥 2号线 三十埠
91%
合肥 2号线 和睦湖
91%
合肥 3号线 省儿童医院新区
91%
合肥 3号线 四十埠
91%
合肥 3号线 海棠
91%
合肥 4号线 五里庙
91%
合肥 4号线 唐桥
91%
合肥 4号线 站塘
91%
合肥 4号线 站塘
91%
合肥 4号线 唐桥
91%
合肥 4号线 五里庙
91%
合肥 5号线 海棠
91%
合肥 8号线 梅冲湖
91%
贵阳 1号线 八鸽岩
91%
贵阳 3号线 顺海
91%
贵阳 3号线 五里冲
91%
贵阳 3号线 太慈桥
91%
厦门 1号线 集美软件园
91%
厦门 2号线 五通
91%
哈尔滨 1号线 桦树街
91%
石家庄 1号线 朝晖桥
91%
石家庄 3号线 柏林庄
91%
乌鲁木齐 1号线 三工
91%
乌鲁木齐 1号线 新疆图书馆
91%
乌鲁木齐 1号线 三屯碑
91%
兰州 1号线 土门墩
91%
兰州 1号线 五里铺
91%
兰州 2号线 五里铺
91%
兰州 2号线 团结新村
91%
兰州 2号线 红星巷
91%
常州 1号线 湖塘
91%
徐州 2号线 百果园
91%
太原 2号线 开化寺街
91%
太原 2号线 长风街
91%
太原 2号线 学府街
91%
太原 2号线 晋阳街
91%
太原 2号线 龙兴街
91%
呼和浩特 1号线 内蒙古博物院
91%
呼和浩特 2号线 呼和浩特体育场
91%
呼和浩特 2号线 五里营
91%
洛阳 2号线 隋唐园
91%
洛阳 2号线 八里堂
91%
北京 2号线 长椿街
88%
北京 4号线大兴线 菜市口
88%
北京 5号线 宋家庄
88%
北京 7号线 黑庄户
88%
北京 7号线 黄厂
88%
北京 7号线 珠市口
88%
北京 7号线 菜市口
88%
北京 8号线 珠市口
88%
北京 10号线 宋家庄
88%
北京 10号线 车道沟
88%
北京 14号线 来广营
88%
北京 16号线 甘家口
88%
北京 17号线 周家庄
88%
北京 燕房线 马各庄
88%
北京 亦庄线 宋家庄
88%
上海 5号线 奉贤新城
88%
上海 11号线 嘉定新城
88%
上海 11号线 嘉定新城
88%
上海 13号线 世博会博物馆
88%
广州 佛山2号线 智慧新城
88%
广州 2号线 会江
88%
广州 广佛线 金融高新区
88%
深圳 3号线/龙岗线 莲花村
88%
深圳 3号线/龙岗线 白石塘
88%
深圳 7号线/西丽线 黄木岗
88%
深圳 10号线/坂田线 莲花村
88%
深圳 14号线/东部快线 黄木岗
88%
深圳 16号线/龙坪线 田心
88%
武汉 2号线 广埠屯
88%
武汉 2号线 盘龙城
88%
武汉 3号线 龙阳村
88%
武汉 3号线 罗家庄
88%
武汉 4号线 钟家村
88%
武汉 4号线 梅苑小区
88%
武汉 6号线 钟家村
88%
武汉 6号线 前进村
88%
武汉 8号线 军运村
88%
武汉 11号线 光谷同济医院
88%
天津 1号线 土城
88%
天津 1号线 高庄子
88%
天津 3号线 周邓纪念馆
88%
天津 3号线 学府工业区
88%
天津 6号线 人民医院
88%
天津 9号线 军粮城
88%
天津 10号线 龙涵道
88%
南京 1号线 小龙湾
88%
南京 2号线 钟灵街
88%
南京 4号线 徐庄·苏宁总部
88%
南京 5号线 前庄
88%
南京 7号线 丁家庄
88%
重庆 2号线 白居寺
88%
重庆 3号线 华新街
88%
重庆 6号线 红土地
88%
重庆 10号线 红土地
88%
重庆 18号线 白居寺
88%
重庆 轨道交通国博线 红岩坪
88%
重庆 环线 二郎
88%
重庆 璧铜线 科创新城
88%
杭州 绍兴1号线 黄酒小镇
88%
杭州 2号线 金家渡
88%
杭州 3号线 黄龙洞
88%
杭州 3号线 黄龙洞
88%
杭州 4号线 金家渡
88%
杭州 6号线 音乐学院
88%
杭州 7号线 新街
88%
杭州 杭海城际 皮革城
88%
沈阳 4号线 洮昌街
88%
沈阳 10号线 塔湾街
88%
大连 1号线 富国街
88%
大连 5号线 青云街
88%
成都 1号线 世纪城
88%
成都 1号线 世纪城
88%
成都 2号线 牛市口
88%
成都 6号线 琉璃场
88%
成都 6号线 天府商务区
88%
成都 7号线 琉璃场
88%
成都 10号线 金花
88%
成都 18号线 世纪城
88%
成都 19号线 天府商务区
88%
长春 3号线 电台街
88%
长春 3号线 卫明街
88%
长春 4号线 宜盛街
88%
长春 6号线 欧亚卖场
88%
苏州 3号线 双马街
88%
苏州 5号线 石城
88%
苏州 6号线 金家堰
88%
苏州 11号线 江浦
88%
佛山 佛山2号线 智慧新城
88%
佛山 3号线 顺德人民医院
88%
佛山 广佛线 金融高新区
88%
昆明 1号线 白龙潭
88%
昆明 3号线 普坪村
88%
昆明 3号线 市体育馆
88%
昆明 3号线 太平村
88%
昆明 4号线 菊花村
88%
西安 2号线 体育场
88%
西安 10号线 军庄
88%
西安 14号线 秦汉新城
88%
郑州 2号线 刘庄
88%
郑州 5号线 省人民医院
88%
郑州 5号线 儿童医院·颐和医院
88%
郑州 7号线 市骨科医院
88%
郑州 10号线 二砂
88%
郑州 12号线 儿童医院·颐和医院
88%
长沙 3号线 黄家湾
88%
长沙 3号线 朝阳村
88%
长沙 6号线 朝阳村
88%
宁波 3号线 鄞州区政府
88%
宁波 5号线 鄞州区政府
88%
宁波 5号线 钟公庙
88%
无锡 1号线 庄前
88%
无锡 1号线 人民医院
88%
无锡 1号线 长广溪
88%
青岛 2号线 李村
88%
青岛 3号线 李村
88%
青岛 4号线 张村
88%
青岛 4号线 彭家庄
88%
青岛 蓝谷快线 张村
88%
福州 4号线 帝封江
88%
福州 5号线 帝封江
88%
南宁 3号线 市博物馆
88%
合肥 3号线 杏花村
88%
合肥 4号线 姚公庙
88%
合肥 4号线 工经学院
88%
合肥 4号线 工经学院
88%
合肥 4号线 姚公庙
88%
贵阳 S1线 望城坡
88%
贵阳 1号线 望城坡
88%
贵阳 2号线 省人民医院
88%
厦门 3号线 后村
88%
石家庄 1号线 时光街
88%
石家庄 1号线 和平医院
88%
石家庄 1号线 体育场
88%
乌鲁木齐 1号线 新兴街
88%
温州 S2线 沙城
88%
济南 2号线 姜家庄
88%
济南 2号线 彭家庄
88%
济南 3号线 曲家庄
88%
济南 3号线 丁家庄
88%
济南 3号线 孟家庄
88%
常州 1号线 外国语学校
88%
太原 1号线 朝阳街
88%
呼和浩特 1号线 艺术学院
88%
呼和浩特 2号线 公主府
88%
北京 1号线八通线 古城
86%
北京 1号线八通线 公主坟
86%
北京 1号线八通线 王府井
86%
北京 1号线八通线 永安里
86%
北京 4号线大兴线 平安里
86%
北京 6号线 呼家楼
86%
北京 6号线 平安里
86%
北京 6号线 田村
86%
北京 6号线 杨庄
86%
北京 7号线 百子湾
86%
北京 8号线 火箭万源
86%
北京 8号线 王府井
86%
北京 8号线 金鱼胡同
86%
北京 8号线 永泰庄
86%
北京 8号线 朱辛庄
86%
北京 10号线 呼家楼
86%
北京 10号线 金台夕照
86%
北京 10号线 公主坟
86%
北京 12号线 蓝靛厂
86%
北京 14号线 郭庄子
86%
北京 15号线 关庄
86%
北京 16号线 榆树庄
86%
北京 17号线北段 红军营
86%
北京 19号线 牛街
86%
北京 19号线 平安里
86%
北京 昌平线 朱辛庄
86%
北京 西郊线 万安
86%
北京 燕房线 星城
86%
上海 13号线 丰庄
86%
上海 15号线 紫竹高新区
86%
广州 1号线 芳村
86%
广州 1号线 黄沙
86%
广州 2号线 江夏
86%
广州 3号线 傍江
86%
广州 3号线 客村
86%
广州 6号线 金峰
86%
广州 6号线 黄花岗
86%
广州 6号线 黄沙
86%
广州 7号线 钟村
86%
广州 7号线 陈村
86%
广州 8号线 华林寺
86%
广州 8号线 鹭江
86%
广州 8号线 客村
86%
广州 11号线 芳村
86%
广州 13号线 沙村
86%
广州 14号线支线(知识城线) 红卫
86%
广州 14号线支线(知识城线) 知识城
86%
深圳 坪山云巴1号线 未来城
86%
深圳 2号线/8号线 莲塘口岸
86%
深圳 2号线/8号线 小梅沙
86%
深圳 3号线/龙岗线 红岭
86%
深圳 4号线/龙华线 上梅林
86%
深圳 5号线/环中线 上水径
86%
深圳 6号线/光明线 凤凰城
86%
深圳 7号线/西丽线 皇岗村
86%
深圳 7号线/西丽线 皇岗口岸
86%
深圳 9号线/梅林线 上梅林
86%
深圳 9号线/梅林线 红岭
86%
深圳 9号线/梅林线 鹿丹村
86%
深圳 10号线/坂田线 双拥街
86%
深圳 20号线 会展城
86%
武汉 3号线 王家湾
86%
武汉 4号线 王家湾
86%
武汉 5号线 红霞
86%
武汉 6号线 汉正街
86%
武汉 7号线 取水楼
86%
武汉 21号线(阳逻线) 沙口
86%
武汉 21号线(阳逻线) 金台
86%
天津 1号线 陈塘庄
86%
天津 2号线 空港经济区
86%
天津 2号线 曹庄
86%
天津 3号线 高新区
86%
天津 3号线 杨伍庄
86%
天津 4号线 成林道
86%
天津 5号线 成林道
86%
天津 6号线 迎风道
86%
天津 9号线 钢管公司
86%
天津 9号线 张贵庄
86%
南京 2号线 青莲街
86%
南京 S3号线(宁和线) 吴侯街
86%
南京 4号线 岗子村
86%
南京 4号线 王家湾
86%
南京 S8号线(宁天线) 高新开发区
86%
香港 东铁线 红磡
86%
香港 东铁线 上水
86%
香港 东铁线 红磡
86%
香港 东铁线 上水
86%
香港 屯马线 天水围
86%
香港 屯马线 红磡
86%
重庆 1号线 高庙村
86%
重庆 1号线 小龙坎
86%
重庆 3号线 学堂湾
86%
重庆 4号线 港城
86%
重庆 4号线 黑石子
86%
重庆 9号线 小龙坎
86%
重庆 18号线 黄桷坪
86%
重庆 轨道交通国博线 刘家院子
86%
重庆 轨道交通国博线 高义口
86%
重庆 轨道交通国博线 黄茅坪
86%
杭州 1号线 近江
86%
杭州 1号线 云水
86%
杭州 1号线 近江
86%
杭州 3号线 汤家村
86%
杭州 3号线 华鹤街
86%
杭州 3号线 华鹤街
86%
杭州 4号线 联庄
86%
杭州 4号线 近江
86%
杭州 4号线 好运街
86%
杭州 4号线 池华街
86%
杭州 5号线 金星
86%
杭州 6号线 亚运村
86%
杭州 6号线 亚运村
86%
杭州 7号线 新港
86%
杭州 杭海城际 许村
86%
沈阳 2号线 医学院
86%
沈阳 2号线 工业展览馆
86%
沈阳 2号线 营盘街
86%
沈阳 2号线 省博物馆
86%
沈阳 4号线 合作街
86%
沈阳 10号线 合作街
86%
大连 3号线 小窑湾
86%
大连 3号线 金石滩
86%
大连 5号线 秀月街
86%
大连 12号线 龙王塘
86%
大连 12号线 旅顺新港
86%
大连 13号线 普兰店开发区
86%
成都 1号线 省体育馆
86%
成都 1号线 省体育馆
86%
成都 2号线 白果林
86%
成都 3号线 省体育馆
86%
成都 5号线 警官学院
86%
成都 6号线 金府
86%
成都 6号线 万安
86%
成都 8号线 芳草街
86%
成都 9号线 黄田坝
86%
成都 9号线 心岛
86%
成都 10号线 黄水
86%
成都 19号线 蓝家店
86%
成都 19号线 红莲
86%
成都 19号线 黄石
86%
成都 19号线 金星
86%
成都 27号线 金府
86%
长春 3号线 卫光街
86%
长春 3号线 职业学院
86%
长春 3号线 吉林广电
86%
长春 3号线 宝相街
86%
长春 4号线 职业学院
86%
苏州 1号线 星塘街
86%
苏州 3号线 戈巷街
86%
苏州 3号线 方湾街
86%
苏州 3号线 唐庄
86%
苏州 5号线 星塘街
86%
苏州 5号线 星波街
86%
苏州 5号线 黄天荡
86%
苏州 7号线 黄天荡
86%
苏州 8号线 唐庄
86%
苏州 11号线 盛庄
86%
佛山 南海有轨电车1号线 玉器街
86%
佛山 3号线 高村
86%
佛山 3号线 罗村
86%
佛山 7号线 钟村
86%
佛山 7号线 陈村
86%
昆明 1号线 驼峰街
86%
昆明 2号线 金星
86%
昆明 2号线 羊肠村
86%
昆明 3号线 车家壁
86%
昆明 4号线 朱家村
86%
昆明 4号线 梅子村
86%
昆明 4号线 古城
86%
昆明 4号线 祥丰街
86%
昆明 5号线 渔户村
86%
西安 3号线 吉祥村
86%
西安 3号线 石家街
86%
西安 3号线 务庄
86%
西安 5号线 创新港
86%
西安 5号线 边家村
86%
西安 6号线 省体育馆
86%
西安 8号(环)线 省体育馆
86%
西安 8号(环)线 红庙坡
86%
郑州 1号线 医学院
86%
郑州 6号线 李江沟
86%
郑州 6号线 常庄
86%
郑州 7号线 医学院
86%
郑州 8号线 冬青街
86%
郑州 8号线 龙王庙
86%
郑州 10号线 医学院
86%
郑州 城郊线 港区会展
86%
郑州 郑许线 龙王
86%
长沙 1号线 黄土岭
86%
长沙 4号线 黄土岭
86%
长沙 5号线 雨花区政府
86%
宁波 2号线 清水浦
86%
宁波 2号线 红联
86%
青岛 1号线 小寨子
86%
青岛 2号线 国际邮轮港
86%
青岛 6号线 马家楼
86%
青岛 西海岸快线 张家楼
86%
青岛 西海岸快线 贡口湾
86%
南昌 1号线 万寿宫
86%
南昌 1号线 谢家村
86%
南昌 3号线 江铃
86%
南昌 4号线 裕丰街
86%
南昌 4号线 科技城
86%
福州 6号线 航城
86%
南宁 1号线 百花岭
86%
南宁 1号线 白苍岭
86%
合肥 3号线 职教城
86%
合肥 4号线 金小郢
86%
贵阳 3号线 师范学院
86%
厦门 2号线 江头
86%
厦门 2号线 古地石
86%
哈尔滨 1号线 交通学院
86%
哈尔滨 3号线 进乡街
86%
哈尔滨 3号线 旭升街
86%
哈尔滨 3号线 油坊街
86%
石家庄 1号线 留村
86%
石家庄 2号线 元村
86%
石家庄 3号线 孙村
86%
温州 S1线 科技城
86%
济南 3号线 王舍人
86%
徐州 2号线 科技城
86%
徐州 3号线 杨庄
86%
太原 1号线 黄陵
86%
太原 2号线 通达街
86%
呼和浩特 2号线 内蒙古体育馆
86%
洛阳 1号线 洛邑古城
86%
北京 1号线八通线 军事博物馆
84%
北京 5号线 蒲黄榆
84%
北京 5号线 磁器口
84%
北京 6号线 潞城
84%
北京 6号线 黄渠
84%
北京 7号线 郎辛庄
84%
北京 7号线 欢乐谷景区
84%
北京 7号线 磁器口
84%
北京 9号线 军事博物馆
84%
北京 10号线 农业展览馆
84%
北京 11号线 模式口
84%
北京 14号线 善各庄
84%
北京 14号线 方庄
84%
北京 14号线 蒲黄榆
84%
北京 14号线 张郭庄
84%
北京 16号线 万寿寺
84%
北京 16号线 洪泰庄
84%
北京 房山线 苏庄
84%
北京 燕房线 阎村
84%
北京 亦庄线 肖村
84%
上海 2号线 静安寺
84%
上海 3号线 张华浜
84%
上海 7号线 静安寺
84%
上海 13号线 自然博物馆
84%
上海 14号线 静安寺
84%
广州 1号线 坑口
84%
广州 1号线 花地湾
84%
广州 2号线 黄边
84%
广州 3号线 广州塔
84%
广州 4号线 黄阁
84%
广州 4号线 金洲
84%
广州 5号线 滘口
84%
广州 5号线 淘金
84%
广州 5号线 潭村
84%
广州 5号线 员村
84%
广州 6号线 黄陂
84%
广州 7号线 加庄
84%
广州 7号线 谢村
84%
广州 11号线 员村
84%
广州 13号线 新沙
84%
广州 14号线 新和
84%
广州 14号线支线(知识城线) 新和
84%
广州 14号线支线(知识城线) 旺村
84%
广州 14号线支线(知识城线) 汤村
84%
广州 18号线 冼村
84%
广州 18号线 万顷沙
84%
广州 21号线 金坑
84%
广州 21号线 朱村
84%
广州 APM线 广州塔
84%
广州 广佛线 桂城
84%
深圳 1号线/罗宝线 老街
84%
深圳 1号线/罗宝线 新安
84%
深圳 2号线/8号线 黄贝岭
84%
深圳 3号线/龙岗线 老街
84%
深圳 3号线/龙岗线 低碳城
84%
深圳 4号线/龙华线 竹村
84%
深圳 5号线/环中线 下水径
84%
深圳 5号线/环中线 黄贝岭
84%
深圳 7号线/西丽线 桃源村
84%
深圳 9号线/梅林线 梅村
84%
深圳 10号线/坂田线 上李朗
84%
深圳 12号线/南宝线 黄田
84%
深圳 16号线/龙坪线 黄阁坑
84%
深圳 16号线/龙坪线 新和
84%
武汉 1号线 舵落口
84%
武汉 2号线 金银潭
84%
武汉 3号线 市民之家
84%
武汉 4号线 新天
84%
武汉 4号线 罗家港
84%
武汉 6号线 老关村
84%
武汉 8号线 文治街
84%
武汉 16号线 老关村
84%
武汉 16号线 沌口
84%
武汉 21号线(阳逻线) 阳逻开发区
84%
天津 1号线 瑞景新苑
84%
天津 6号线 徐庄子
84%
天津 津静线 团泊健康城
84%
南京 1号线 晓庄
84%
南京 3号线 小市
84%
南京 S6号线 黄梅
84%
南京 S7号线(宁溧线) 幸庄
84%
南京 7号线 晓庄
84%
香港 东铁线 金钟
84%
香港 东铁线 金钟
84%
香港 港岛线 金钟
84%
香港 观塘线 黄埔
84%
香港 将军澳线 康城
84%
香港 将军澳线 坑口
84%
香港 南港岛线 金钟
84%
香港 南港岛线 黄竹坑
84%
香港 荃湾线 长沙湾
84%
香港 荃湾线 金钟
84%
重庆 1号线 磁器口
84%
重庆 3号线 金竹
84%
重庆 3号线 郑家院子
84%
重庆 3号线 唐家院子
84%
重庆 3号线 童家院子
84%
重庆 3号线 金渝
84%
重庆 4号线 黄岭
84%
重庆 6号线 黄泥塝
84%
重庆 6号线 康庄
84%
重庆 9号线 花石沟
84%
重庆 环线 重庆图书馆
84%
重庆 璧铜线 璧城
84%
杭州 1号线 闸弄口
84%
杭州 1号线 闸弄口
84%
杭州 2号线 墩祥街
84%
杭州 2号线 杜甫村
84%
杭州 4号线 桃源街
84%
杭州 5号线 蒋村
84%
杭州 6号线 霞鸣街
84%
杭州 8号线 冯娄村
84%
沈阳 2号线 新乐遗址
84%
沈阳 4号线 文官街
84%
沈阳 9号线 彩霞街
84%
沈阳 9号线 朗日街
84%
大连 1号线 黑石礁
84%
大连 5号线 虎滩新区
84%
大连 12号线 黄泥川
84%
成都 1号线 广福
84%
成都 3号线 团结新区
84%
成都 6号线 昌公堰
84%
成都 8号线 龙港
84%
成都 9号线 太平寺
84%
成都 19号线 龙港
84%
成都 27号线 黄忠
84%
长春 6号线 市法院
84%
苏州 2号线 蠡口
84%
苏州 2号线 松涛街
84%
苏州 4号线 张庄
84%
苏州 4号线 清树湾
84%
苏州 4号线 花港
84%
苏州 5号线 胥口
84%
苏州 6号线 金鸡墩
84%
苏州 8号线 古楼
84%
苏州 8号线 松涛街
84%
苏州 11号线 白马泾
84%
佛山 3号线 荔村
84%
佛山 3号线 桂城
84%
佛山 7号线 加庄
84%
佛山 7号线 谢村
84%
佛山 广佛线 桂城
84%
昆明 1号线 春融街
84%
昆明 1号线 春融街
84%
昆明 4号线 小屯
84%
昆明 4号线 可乐村
84%
西安 1号线 纺织城
84%
西安 3号线 青龙寺
84%
西安 4号线 金滹沱
84%
西安 5号线 王寺
84%
西安 5号线 青龙寺
84%
西安 5号线 黄渠头
84%
西安 6号线 纺织城
84%
西安 6号线 木塔寺
84%
西安 6号线 仁村
84%
西安 9号线 纺织城
84%
西安 9号线 田王
84%
西安 10号线 团结村
84%
郑州 1号线 梧桐街
84%
郑州 2号线 毛庄
84%
郑州 2号线 金洼
84%
郑州 3号线 郑州文庙
84%
郑州 4号线 金岱
84%
郑州 4号线 姚庄
84%
郑州 4号线 郎庄
84%
郑州 5号线 姚砦·聂庄
84%
郑州 5号线 祭城
84%
郑州 5号线 康宁街
84%
郑州 5号线 冯庄
84%
郑州 6号线 小营
84%
郑州 6号线 姚砦·聂庄
84%
郑州 6号线 洞林寺
84%
郑州 7号线 白庙
84%
郑州 8号线 白庙
84%
郑州 8号线 小营
84%
郑州 城郊线 孟庄
84%
长沙 1号线 金霞
84%
长沙 1号线 开福区政府
84%
长沙 1号线 开福寺
84%
宁波 1号线 徐家漕长乐
84%
宁波 2号线 轻纺城
84%
宁波 2号线 城隍庙
84%
宁波 3号线 体育馆
84%
宁波 4号线 慈城
84%
无锡 2号线 上马墩
84%
无锡 4号线 黄巷
84%
无锡 4号线 周新苑
84%
青岛 蓝谷快线 浦里
84%
青岛 蓝谷快线 臧村
84%
南昌 2号线 鹰潭街
84%
南昌 3号线 绳金塔
84%
南昌 4号线 绳金塔
84%
福州 2号线 金屿
84%
福州 2号线 金祥
84%
福州 2号线 洋里
84%
福州 4号线 光明港
84%
福州 4号线 陆庄
84%
福州 5号线 凤岗里
84%
南宁 1号线 麻村
84%
南宁 2号线 金象
84%
南宁 4号线 那历村
84%
南宁 4号线 楞塘村
84%
合肥 1号线 高王
84%
合肥 2号线 桂庄
84%
合肥 2号线 王岗
84%
合肥 3号线 勤劳村
84%
合肥 4号线 金桂
84%
合肥 4号线 金桂
84%
合肥 4号线 魏庄
84%
合肥 5号线 义城
84%
合肥 8号线 庐阳经开区
84%
贵阳 S1线 金竹
84%
贵阳 2号线 马王庙
84%
贵阳 2号线 油榨街
84%
贵阳 3号线 孔学堂
84%
哈尔滨 1号线 博物馆
84%
哈尔滨 2号线 博物馆
84%
哈尔滨 2号线 工人文化宫
84%
哈尔滨 3号线 汽轮机厂
84%
石家庄 2号线 柳辛庄
84%
常州 1号线 新龙
84%
常州 2号线 潞城
84%
太原 2号线 胜利街
84%
太原 2号线 体育馆
84%
太原 2号线 康宁街
84%
呼和浩特 1号线 乌兰夫纪念馆
84%
呼和浩特 1号线 内蒙古展览馆
84%
洛阳 2号线 市民之家
84%
北京 1号线八通线 管庄
81%
北京 4号线大兴线 新宫
81%
北京 5号线 天通苑
81%
北京 9号线 白堆子
81%
北京 10号线 成寿寺
81%
北京 15号线 崔各庄
81%
北京 19号线 新宫
81%
北京 19号线 新发地
81%
上海 1号线 莘庄
81%
上海 5号线 莘庄
81%
上海 5号线 莘庄
81%
上海 9号线 醉白池
81%
上海 11号线 龙华
81%
上海 11号线 龙华
81%
上海 12号线 龙华
81%
广州 3号线 人和
81%
广州 6号线 天平架
81%
广州 8号线 小坪
81%
深圳 1号线/罗宝线 竹子林
81%
深圳 4号线/龙华线 龙华
81%
深圳 9号线/梅林线 下梅林
81%
深圳 12号线/南宝线 上川
81%
深圳 16号线/龙坪线 宝龙同乐
81%
武汉 3号线 武汉商务区
81%
武汉 5号线 张家湾
81%
武汉 7号线 武汉商务区
81%
武汉 8号线 省农科院
81%
武汉 21号线(阳逻线) 青龙
81%
天津 1号线 李楼
81%
天津 4号线 徐州道
81%
南京 1号线 天隆寺
81%
南京 2号线 下马坊
81%
南京 S3号线(宁和线) 兰花塘
81%
南京 7号线 古平岗
81%
香港 港岛线 天后
81%
重庆 1号线 歇台子
81%
重庆 2号线 天堂堡
81%
重庆 4号线 龙兴
81%
重庆 5号线 人和
81%
重庆 5号线 歇台子
81%
重庆 9号线 刘家台
81%
重庆 环线 华龙
81%
杭州 绍兴1号线 鲁迅故里
81%
杭州 2号线 白洋
81%
杭州 4号线 新风
81%
杭州 9号线 龙安
81%
杭州 杭海城际 周王庙
81%
大连 3号线 泉水
81%
大连 九里线 泉水
81%
成都 2号线 龙泉驿
81%
成都 4号线 明蜀王陵
81%
成都 6号线 张家寺
81%
成都 10号线 应天寺
81%
成都 10号线 新平(宝墩)
81%
长春 6号线 腾跃街
81%
长春 6号线 吴家店
81%
苏州 4号线 同里
81%
苏州 7号线 木里
81%
昆明 6号线 岔街
81%
西安 2号线 龙首原
81%
西安 5号线 翱翔小镇
81%
西安 14号线 新寺
81%
西安 16号线 诗经里
81%
郑州 1号线 燕庄
81%
郑州 6号线 燕庄
81%
郑州 8号线 枣庄
81%
长沙 1号线 省政府·清风
81%
长沙 3号线 广生
81%
长沙 5号线 马王堆
81%
长沙 6号线 龙华
81%
无锡 2号线 柏庄
81%
无锡 2号线 小桃源
81%
无锡 4号线 丰润道
81%
青岛 1号线 水清沟
81%
青岛 3号线 人民会堂
81%
青岛 4号线 人民会堂
81%
合肥 3号线 图书馆
81%
合肥 4号线 青龙岗
81%
合肥 4号线 图书馆
81%
合肥 4号线 图书馆
81%
合肥 5号线 稻香楼
81%
合肥 5号线 清水冲
81%
贵阳 1号线 新寨
81%
乌鲁木齐 1号线 王家梁
81%
济南 1号线 工研院
81%
常州 1号线 旅游学校
81%
徐州 3号线 经贸学校
81%
太原 1号线 下元
81%
呼和浩特 1号线 人民会堂
81%
呼和浩特 2号线 诺和木勒
81%
北京 S1线 石厂
79%
北京 1号线八通线 木樨地
79%
北京 6号线 郝家府
79%
北京 8号线 育新
79%
北京 10号线 知春里
79%
北京 10号线 太阳宫
79%
北京 13号线 上地
79%
北京 16号线 木樨地
79%
北京 17号线北段 太阳宫
79%
北京 房山线 白盆窑
79%
广州 4号线 广隆
79%
广州 6号线 龙洞
79%
广州 7号线 锦龙
79%
广州 21号线 长平
79%
深圳 坪山云巴1号线 综合保税区
79%
深圳 2号线/8号线 水湾
79%
深圳 3号线/龙岗线 华新
79%
深圳 3号线/龙岗线 新生
79%
深圳 5号线/环中线 长龙
79%
深圳 7号线/西丽线 上沙
79%
深圳 7号线/西丽线 华新
79%
深圳 12号线/南宝线 沙井古墟
79%
深圳 12号线/南宝线 太子湾
79%
深圳 14号线/东部快线 锦龙
79%
武汉 1号线 丹水池
79%
武汉 2号线 杨家湾
79%
武汉 4号线 青鱼嘴
79%
武汉 5号线 厂前
79%
武汉 21号线(阳逻线) 高车
79%
武汉 21号线(阳逻线) 武生院
79%
天津 3号线 天士力
79%
天津 3号线 吴家窑
79%
天津 6号线 景荷道
79%
天津 6号线 景荔道
79%
天津 11号线 吴家窑
79%
南京 S3号线(宁和线) 高家冲
79%
南京 10号线 小行
79%
香港 观塘线 蓝田
79%
香港 荃湾线 深水埗
79%
重庆 1号线 小什字
79%
重庆 2号线 李子坝
79%
重庆 2号线 杨家坪
79%
重庆 3号线 龙头寺
79%
重庆 5号线 华岩寺
79%
重庆 6号线 小什字
79%
重庆 6号线 曹家湾
79%
重庆 6号线 龙凤溪
79%
重庆 18号线 杨家坪
79%
杭州 2号线 潘水
79%
杭州 2号线 文新
79%
杭州 4号线 杨家墩
79%
沈阳 2号线 综合保税区
79%
大连 13号线 长店堡
79%
成都 1号线 广都
79%
成都 1号线 高新
79%
成都 1号线 高新
79%
成都 2号线 牛王庙
79%
成都 2号线 惠王陵
79%
成都 4号线 来龙
79%
成都 4号线 马厂坝
79%
成都 5号线 青羊宫
79%
成都 5号线 省骨科医院
79%
成都 6号线 牛王庙
79%
成都 6号线 兰家沟
79%
成都 8号线 龙潭寺
79%
成都 8号线 龙潭立交
79%
成都 8号线 殷家林
79%
成都 27号线 双水碾
79%
长春 2号线 长青
79%
长春 6号线 亚泰足球基地
79%
苏州 3号线 倪浜·阳澄数谷
79%
苏州 3号线 新郭
79%
苏州 7号线 常楼
79%
苏州 7号线 林家潭
79%
佛山 7号线 锦龙
79%
昆明 4号线 和甸营
79%
昆明 4号线 吴家营
79%
西安 2号线 常宁宫
79%
西安 2号线 小寨
79%
西安 3号线 小寨
79%
西安 6号线 田家湾
79%
西安 9号线 香王
79%
西安 9号线 华清池
79%
西安 10号线 水流
79%
郑州 3号线 省骨科医院
79%
郑州 5号线 省骨科医院
79%
郑州 7号线 王胡砦
79%
郑州 8号线 省社科院
79%
郑州 城郊线 小乔
79%
郑州 城郊线 综合保税区
79%
长沙 2号线 橘子洲·青莲
79%
长沙 4号线 树木岭
79%
长沙 5号线 白茅铺
79%
长沙 6号线 白鸽咀
79%
长沙 6号线 龙峰
79%
宁波 3号线 明楼
79%
宁波 4号线 翠柏里
79%
宁波 4号线 白鹤
79%
青岛 1号线 安子
79%
青岛 蓝谷快线 蓝色硅谷
79%
青岛 西海岸快线 泊里
79%
南昌 3号线 上沙沟
79%
南昌 4号线 上沙沟
79%
福州 5号线 螺洲古镇
79%
福州 6号线 郑和
79%
福州 6号线 鹤上
79%
福州 6号线 沙京
79%
福州 6号线 下吴
79%
合肥 4号线 长安集
79%
贵阳 1号线 喷水池
79%
贵阳 2号线 喷水池
79%
贵阳 2号线 见龙洞
79%
贵阳 3号线 桐木岭(省委党校)
79%
厦门 3号线 林前
79%
哈尔滨 3号线 清真寺
79%
温州 S2线 新望
79%
济南 3号线 龙洞
79%
常州 1号线 清凉寺
79%
呼和浩特 2号线 新店
79%
北京 1号线八通线 环球度假区
77%
北京 2号线 积水潭
77%
北京 2号线 雍和宫
77%
北京 5号线 雍和宫
77%
北京 7号线 环球度假区
77%
北京 8号线 和义
77%
北京 10号线 纪家庙
77%
北京 10号线 火器营
77%
北京 11号线 新首钢
77%
北京 13号线 回龙观
77%
北京 15号线 后沙峪
77%
北京 19号线 积水潭
77%
北京 燕房线 饶乐府
77%
上海 5号线 闵行开发区
77%
上海 11号线 安亭
77%
上海 17号线 朱家角
77%
上海 18号线 下沙
77%
广州 佛山2号线 湾华
77%
广州 3号线 同和
77%
广州 4号线 新造
77%
广州 5号线 夏港
77%
广州 8号线 滘心
77%
广州 13号线 新塘
77%
广州 14号线支线(知识城线) 镇龙
77%
广州 21号线 镇龙
77%
广州 广佛线 龙溪
77%
深圳 2号线/8号线 新秀
77%
深圳 3号线/龙岗线 通新岭
77%
深圳 3号线/龙岗线 水贝
77%
深圳 3号线/龙岗线 双龙
77%
深圳 5号线/环中线 前湾
77%
深圳 6号线/光明线 上屋
77%
深圳 6号线/光明线 梅林关
77%
深圳 6号线/光明线 通新岭
77%
深圳 9号线/梅林线 前湾
77%
深圳 9号线/梅林线 下沙
77%
深圳 14号线/东部快线 沙田
77%
深圳 16号线/龙坪线 回龙埔
77%
深圳 16号线/龙坪线 双龙
77%
深圳 16号线/龙坪线 新塘围
77%
武汉 1号线 新荣
77%
武汉 2号线 宝通寺
77%
武汉 4号线 新农
77%
武汉 5号线 余家头
77%
武汉 21号线(阳逻线) 新荣
77%
天津 1号线 下瓦房
77%
天津 3号线 小淀
77%
天津 5号线 下瓦房
77%
天津 9号线 新立
77%
天津 11号线 迎宾馆
77%
南京 1号线 花神庙
77%
南京 4号线 蒋王庙
77%
南京 S7号线(宁溧线) 溧水
77%
南京 7号线 万寿
77%
南京 S8号线(宁天线) 龙池
77%
香港 东铁线 沙田
77%
香港 东铁线 沙田
77%
香港 机场快线 博览馆
77%
香港 屯马线 沙田围
77%
重庆 1号线 沙坪坝
77%
重庆 2号线 谢家湾
77%
重庆 2号线 刘家坝
77%
重庆 3号线 花溪
77%
重庆 3号线 双龙
77%
重庆 4号线 高石塔
77%
重庆 6号线 邱家湾
77%
重庆 6号线 刘家坪
77%
重庆 9号线 沙坪坝
77%
重庆 9号线 李家坪
77%
重庆 环线 沙坪坝
77%
重庆 环线 弹子石
77%
重庆 环线 谢家湾
77%
杭州 3号线 香积寺
77%
杭州 3号线 香积寺
77%
杭州 3号线 石马
77%
杭州 4号线 新塘
77%
杭州 7号线 塘新线
77%
沈阳 10号线 万莲
77%
沈阳 10号线 张沙布
77%
大连 2号线 湾家
77%
成都 1号线 文殊院
77%
成都 1号线 文殊院
77%
成都 3号线 钟楼
77%
成都 5号线 廖家湾
77%
成都 5号线 回龙
77%
成都 6号线 回龙
77%
成都 7号线 茶店子
77%
成都 7号线 崔家店
77%
成都 27号线 赖家店
77%
长春 6号线 省博物院
77%
苏州 5号线 龙墩
77%
苏州 6号线 徐家浜
77%
苏州 8号线 新元
77%
苏州 8号线 华池浜
77%
苏州 8号线 车坊
77%
佛山 佛山2号线 湾华
77%
佛山 3号线 广教
77%
佛山 3号线 湾华
77%
佛山 3号线 镇安
77%
佛山 广佛线 龙溪
77%
昆明 3号线 潘家湾
77%
昆明 4号线 苏家塘
77%
昆明 4号线 广卫
77%
西安 2号线 钟楼
77%
西安 3号线 胡家庙
77%
西安 3号线 辛家庙
77%
西安 3号线 新筑
77%
西安 6号线 钟楼
77%
西安 6号线 甘家寨
77%
西安 10号线 景家堡
77%
郑州 2号线 关虎屯
77%
郑州 6号线 卧龙岗
77%
郑州 10号线 庙王
77%
郑州 城郊线 沙窝李
77%
长沙 1号线 马厂
77%
长沙 5号线 芙蓉区政府
77%
长沙 6号线 芙蓉区政府
77%
长沙 6号线 木马塅
77%
宁波 5号线 张家潭
77%
无锡 S1线 青阳
77%
无锡 1号线 民丰
77%
无锡 2号线 广益
77%
无锡 3号线 广瑞
77%
青岛 6号线 薛家泊子
77%
青岛 蓝谷快线 水泊
77%
青岛 西海岸快线 龙湾
77%
南昌 2号线 国博
77%
南昌 2号线 龙岗
77%
南昌 4号线 丁家洲
77%
福州 1号线 达道
77%
福州 2号线 水部
77%
福州 2号线 紫阳
77%
福州 4号线 省立医院
77%
福州 6号线 万寿
77%
东莞 2号线 天宝
77%
南宁 2号线 石子塘
77%
南宁 5号线 周家坡
77%
合肥 2号线 龙岗
77%
合肥 3号线 乐平
77%
合肥 3号线 省博物院
77%
贵阳 1号线 阳关
77%
贵阳 2号线 紫林庵
77%
贵阳 2号线 小碧
77%
贵阳 3号线 新添
77%
厦门 1号线 乌石浦
77%
厦门 2号线 新垵
77%
石家庄 1号线 博物院
77%
石家庄 1号线 白佛
77%
温州 S2线 上望
77%
济南 1号线 创新谷
77%
兰州 1号线 焦家湾
77%
洛阳 1号线 谷水
77%
洛阳 1号线 史家湾
77%
北京 3号线 石佛营
74%
北京 4号线大兴线 生物医药基地
74%
北京 5号线 刘家窑
74%
北京 7号线 湾子
74%
北京 13号线 龙泽
74%
上海 2号线 陆家嘴
74%
上海 12号线 复兴岛
74%
上海 14号线 陆家嘴
74%
上海 16号线 书院
74%
广州 1号线 陈家祠
74%
广州 佛山2号线 石洲
74%
广州 佛山2号线 石湾
74%
广州 3号线 汉溪长隆
74%
广州 3号线 龙归
74%
广州 4号线 万胜围
74%
广州 6号线 高塘石
74%
广州 7号线 汉溪长隆
74%
广州 8号线 聚龙
74%
广州 8号线 上步
74%
广州 8号线 陈家祠
74%
广州 8号线 万胜围
74%
广州 11号线 龙潭
74%
广州 14号线 太和
74%
广州 18号线 龙潭
74%
深圳 坪山云巴1号线 龙背
74%
深圳 坪山云巴1号线 燕子岭
74%
深圳 2号线/8号线 福田
74%
深圳 2号线/8号线 沙头角
74%
深圳 2号线/8号线 鸿安围
74%
深圳 3号线/龙岗线 福田
74%
深圳 3号线/龙岗线 木棉湾
74%
深圳 4号线/龙华线 民乐
74%
深圳 4号线/龙华线 上塘
74%
深圳 4号线/龙华线 龙胜
74%
深圳 5号线/环中线 布心
74%
深圳 6号线/光明线 上芬
74%
深圳 7号线/西丽线 龙井
74%
深圳 11号线/机场线 宝安
74%
深圳 11号线/机场线 福田
74%
深圳 14号线/东部快线 石芽岭
74%
深圳 14号线/东部快线 宝龙
74%
武汉 1号线 太平洋
74%
武汉 2号线 宋家岗
74%
武汉 3号线 陶家岭
74%
武汉 3号线 赵家条
74%
武汉 4号线 永安堂
74%
武汉 6号线 建港
74%
武汉 8号线 赵家条
74%
天津 2号线 鼓楼
74%
天津 3号线 天塔
74%
天津 3号线 华苑
74%
天津 5号线 建昌道
74%
天津 6号线 宜宾道
74%
天津 6号线 双港
74%
天津 11号线 佟楼
74%
南京 1号线 鼓楼
74%
南京 2号线 明故宫
74%
南京 4号线 鼓楼
74%
香港 东铁线 太和
74%
香港 东铁线 太和
74%
香港 屯马线 土瓜湾
74%
香港 屯马线 乌溪沙
74%
重庆 1号线 石井坡
74%
重庆 2号线 平安
74%
重庆 3号线 麒龙
74%
重庆 5号线 冉家坝
74%
重庆 6号线 冉家坝
74%
重庆 18号线 茄子溪
74%
重庆 环线 冉家坝
74%
重庆 环线 罗家坝
74%
重庆 环线 陈家坪
74%
重庆 江跳线 圣泉寺
74%
杭州 2号线 虾龙圩
74%
杭州 5号线 和睦
74%
杭州 10号线 和睦
74%
沈阳 4号线 望花
74%
成都 1号线 骡马市
74%
成都 1号线 骡马市
74%
成都 S3(资阳)线 福田
74%
成都 3号线 李家沱
74%
成都 4号线 骡马市
74%
成都 4号线 文化宫
74%
成都 4号线 万盛
74%
成都 5号线 花牌坊
74%
成都 5号线 民乐
74%
成都 5号线 骑龙
74%
成都 6号线 沙湾
74%
成都 7号线 文化宫
74%
成都 7号线 龙爪堰
74%
成都 8号线 庆安
74%
成都 10号线 花源
74%
成都 10号线 刘家碾
74%
成都 18号线 福田
74%
成都 19号线 福田
74%
长春 6号线 轨道集团
74%
苏州 5号线 荷花荡
74%
苏州 5号线 花墩
74%
佛山 佛山2号线 石湾
74%
佛山 佛山2号线 石洲
74%
佛山 3号线 联和
74%
佛山 7号线 汉溪长隆
74%
昆明 1号线 巫家坝
74%
昆明 1号线 巫家坝
74%
昆明 2号线 司家营
74%
昆明 5号线 严家地
74%
西安 1号线 安谷
74%
西安 1号线 长乐坡
74%
西安 2号线 何家营
74%
西安 4号线 余家寨
74%
西安 6号线 穆将王
74%
西安 8号(环)线 余家寨
74%
郑州 2号线 花寨
74%
郑州 郑许线 葛天源
74%
长沙 1号线 桂花坪
74%
长沙 2号线 袁家岭
74%
长沙 3号线 湘龙
74%
长沙 3号线 星沙
74%
长沙 4号线 罐子岭
74%
长沙 4号线 平阳
74%
长沙 6号线 曹家坪
74%
宁波 1号线 鼓楼
74%
宁波 2号线 鼓楼
74%
无锡 1号线 文化宫
74%
无锡 2号线 云林
74%
青岛 1号线 薛家岛
74%
青岛 6号线 港头
74%
南昌 1号线 双港
74%
南昌 1号线 滕王阁
74%
福州 1号线 上藤
74%
福州 1号线 安平
74%
福州 2号线 上洋
74%
福州 4号线 林浦
74%
福州 6号线 林浦
74%
南宁 1号线 佛子岭
74%
南宁 2号线 石柱岭
74%
合肥 1号线 万年埠
74%
合肥 1号线 兴华苑
74%
合肥 2号线 祥和
74%
合肥 2号线 桂王
74%
合肥 3号线 李湾
74%
哈尔滨 2号线 太阳岛
74%
兰州 1号线 文化宫
74%
常州 1号线 文化宫
74%
常州 2号线 文化宫
74%
徐州 1号线 徐医附院
74%
北京 S1线 上岸
72%
北京 1号线八通线 高碑店
72%
北京 4号线大兴线 马家堡
72%
北京 6号线 慈寿寺
72%
北京 7号线 焦化厂
72%
北京 10号线 慈寿寺
72%
北京 14号线 丽泽商务区
72%
北京 15号线 花梨坎
72%
北京 15号线 马泉营
72%
北京 16号线 丽泽商务区
72%
北京 房山线 长阳
72%
北京 亦庄线 旧宫
72%
上海 1号线 徐家汇
72%
上海 9号线 徐家汇
72%
上海 11号线 徐家汇
72%
上海 11号线 徐家汇
72%
广州 佛山2号线 花卉世界
72%
广州 4号线 车陂
72%
广州 4号线 飞沙角
72%
广州 5号线 双沙
72%
广州 8号线 石井
72%
广州 11号线 上涌
72%
广州 14号线支线(知识城线) 何棠下
72%
广州 广佛线 石溪
72%
广州 广佛线 朝安
72%
深圳 5号线/环中线 太安
72%
深圳 7号线/西丽线 太安
72%
深圳 10号线/坂田线 木古
72%
深圳 11号线/机场线 后亭
72%
深圳 11号线/机场线 沙井
72%
深圳 16号线/龙坪线 石井
72%
武汉 1号线 滕子岗
72%
武汉 4号线 岳家嘴
72%
武汉 5号线 徐家棚
72%
武汉 6号线 唐家墩
72%
武汉 7号线 徐家棚
72%
武汉 8号线 徐家棚
72%
武汉 8号线 汪家墩
72%
武汉 8号线 岳家嘴
72%
武汉 11号线 左岭
72%
武汉 21号线(阳逻线) 幸福湾
72%
天津 3号线 王顶堤
72%
天津 10号线 环宇道
72%
天津 11号线 环宇道
72%
南京 3号线 鸡鸣寺
72%
南京 4号线 鸡鸣寺
72%
南京 S6号线 华阳
72%
南京 S8号线(宁天线) 雄州
72%
香港 东涌线 香港
72%
香港 港岛线 上环
72%
香港 港岛线 杏花邨
72%
香港 观塘线 何文田
72%
香港 观塘线 乐富
72%
香港 机场快线 香港
72%
香港 屯马线 何文田
72%
香港 屯马线 宋皇台
72%
香港 屯马线 恒安
72%
重庆 1号线 马家岩
72%
重庆 2号线 袁家岗
72%
重庆 轨道交通3号线(空港线) 举人坝
72%
重庆 4号线 太平冲
72%
重庆 5号线 鲁家沟
72%
重庆 6号线 向家岗
72%
重庆 9号线 何家梁
72%
重庆 9号线 青岗坪
72%
重庆 环线 上浩
72%
杭州 3号线 花坞
72%
杭州 3号线 花坞
72%
杭州 9号线 御道
72%
杭州 19号线 御道
72%
沈阳 9号线 榆树台
72%
大连 2号线 革镇堡
72%
大连 地铁3号线支线 开发区
72%
大连 3号线 开发区
72%
大连 3号线 保税区
72%
大连 九里线 开发区
72%
成都 1号线 华阳
72%
成都 5号线 赛云台
72%
成都 5号线 石羊立交
72%
成都 6号线 梁家巷
72%
成都 6号线 秦皇寺
72%
成都 7号线 花照壁
72%
成都 19号线 正兴湾
72%
成都 27号线 范家巷
72%
长春 1号线 市政府
72%
长春 3号线 孟家屯
72%
长春 8号线 地理所
72%
苏州 3号线 长亭
72%
苏州 6号线 儿童医院总院
72%
佛山 佛山2号线 花卉世界
72%
佛山 广佛线 朝安
72%
佛山 广佛线 石溪
72%
西安 3号线 鱼化寨
72%
西安 3号线 保税区
72%
西安 8号(环)线 米家崖
72%
西安 8号(环)线 缪家寨
72%
西安 10号线 杏王
72%
郑州 3号线 王砦
72%
郑州 4号线 果树所
72%
郑州 郑许线 双庙李
72%
长沙 1号线 侯家塘
72%
长沙 2号线 溁湾镇
72%
长沙 3号线 阳光
72%
长沙 3号线 侯家塘
72%
长沙 4号线 观沙岭
72%
长沙 4号线 溁湾镇
72%
长沙 4号线 杜家坪
72%
南昌 2号线 辛家庵
72%
南昌 3号线 梁万
72%
南昌 4号线 安丰
72%
南宁 3号线 青竹立交
72%
南宁 3号线 总部基地
72%
南宁 4号线 总部基地
72%
合肥 4号线 综保区
72%
合肥 4号线 综保区
72%
贵阳 2号线 阳明祠
72%
贵阳 3号线 浪风关
72%
厦门 3号线 安兜
72%
哈尔滨 2号线 省医院
72%
温州 S2线 万岙
72%
济南 3号线 裴家营
72%
济南 3号线 张马屯
72%
兰州 2号线 均家滩
72%
兰州 2号线 张苏滩
72%
常州 1号线 环球港
72%
呼和浩特 1号线 孔家营
72%
呼和浩特 1号线 市政府
72%
呼和浩特 2号线 帅家营
72%
北京 4号线大兴线 灵境胡同
70%
北京 10号线 分钟寺
70%
北京 14号线 将台
70%
北京 15号线 国展
70%
北京 昌平线 昌平
70%
上海 2号线 川沙
70%
广州 6号线 横沙
70%
广州 9号线 清塘
70%
广州 11号线 赤沙
70%
广州 11号线 流花
70%
广州 14号线 太平
70%
广州 14号线支线(知识城线) 枫下
70%
广州 18号线 沙溪
70%
深圳 2号线/8号线 景田
70%
深圳 3号线/龙岗线 少年宫
70%
深圳 4号线/龙华线 少年宫
70%
深圳 4号线/龙华线 松元厦
70%
深圳 5号线/环中线 宝华
70%
深圳 5号线/环中线 长岭陂
70%
深圳 7号线/西丽线 农林
70%
深圳 9号线/梅林线 景田
70%
深圳 10号线/坂田线 禾花
70%
深圳 10号线/坂田线 华为
70%
深圳 12号线/南宝线 国展
70%
深圳 16号线/龙坪线 盛平
70%
深圳 20号线 国展
70%
武汉 4号线 孟家铺
70%
武汉 5号线 青宜居
70%
武汉 21号线(阳逻线) 谌家矶
70%
天津 1号线 勤俭道
70%
天津 1号线 双林
70%
天津 5号线 肿瘤医院
70%
天津 6号线 天拖
70%
天津 6号线 肿瘤医院
70%
南京 S3号线(宁和线) 天保
70%
香港 观塘线 太子
70%
香港 荃湾线 太子
70%
重庆 2号线 曾家岩
70%
重庆 轨道交通3号线(空港线) 莲花
70%
重庆 3号线 狮子坪
70%
重庆 4号线 唐家沱
70%
重庆 6号线 蔡家
70%
重庆 9号线 土湾
70%
重庆 9号线 丛岩寺
70%
重庆 10号线 曾家岩
70%
重庆 轨道交通国博线 欢乐谷
70%
重庆 江跳线 双福
70%
杭州 1号线 打铁关
70%
杭州 1号线 打铁关
70%
杭州 绍兴1号线 钱清
70%
杭州 绍兴1号线 劳家葑
70%
杭州 2号线 杭发厂
70%
杭州 3号线 留下
70%
杭州 5号线 打铁关
70%
杭州 9号线 临平
70%
沈阳 3号线 翟家
70%
大连 1号线 姚家
70%
大连 2号线 辛寨子
70%
大连 地铁3号线支线 通世泰
70%
大连 5号线 后关
70%
大连 5号线 梭鱼湾
70%
大连 九里线 通世泰
70%
成都 1号线 韦家碾
70%
成都 1号线 韦家碾
70%
成都 S3(资阳)线 资阳临空
70%
成都 4号线 槐树店
70%
成都 6号线 松林
70%
成都 7号线 槐树店
70%
成都 8号线 同乐
70%
成都 8号线 净居寺
70%
成都 8号线 石羊
70%
成都 8号线 莲花
70%
成都 9号线 华兴
70%
成都 10号线 华兴
70%
成都 27号线 韦家碾
70%
成都 27号线 鲤鱼湾
70%
苏州 2号线 徐图港
70%
苏州 4号线 顾家荡
70%
苏州 8号线 古香圩
70%
昆明 2号线 塘子巷
70%
昆明 6号线 塘子巷
70%
西安 3号线 桃花潭
70%
西安 5号线 欢乐谷
70%
西安 14号线 秦宫
70%
西安 16号线 欢乐谷
70%
郑州 2号线 柳林
70%
郑州 3号线 同乐
70%
郑州 6号线 马寨
70%
郑州 8号线 同乐
70%
郑州 10号线 市委党校
70%
郑州 14号线 市委党校
70%
长沙 1号线 涂家冲
70%
长沙 6号线 湘雅医院
70%
宁波 2号线 倪家堰
70%
无锡 S1线 马镇
70%
无锡 4号线 夏家边
70%
青岛 4号线 段家埠
70%
南昌 1号线 太子殿
70%
南昌 3号线 墩子塘
70%
福州 1号线 排下
70%
福州 1号线 下洋
70%
福州 6号线 下洋
70%
福州 6号线 莲花
70%
南宁 1号线 清川
70%
合肥 4号线 桃花潭
70%
贵阳 3号线 皂角井
70%
哈尔滨 3号线 肿瘤医院
70%
哈尔滨 3号线 友谊宫
70%
石家庄 3号线 乐乡
70%
太原 1号线 郝家沟
70%
太原 2号线 缉虎营
70%
呼和浩特 1号线 附属医院
70%
呼和浩特 1号线 后不塔气
70%
洛阳 1号线 夹马营
70%
北京 1号线八通线 国贸
67%
北京 7号线 双井
67%
北京 10号线 国贸
67%
北京 10号线 双井
67%
上海 7号线 后滩
67%
上海 18号线 周浦
67%
广州 佛山2号线 沙岗
67%
广州 3号线 华师
67%
广州 8号线 亭岗
67%
广州 8号线 石潭
67%
广州 8号线 晓港
67%
广州 8号线 磨碟沙
67%
广州 11号线 华师
67%
广州 11号线 石围塘
67%
广州 18号线 磨碟沙
67%
广州 广佛线 澜石
67%
深圳 1号线/罗宝线 国贸
67%
深圳 坪山云巴1号线 文化聚落
67%
深圳 3号线/龙岗线 石厦
67%
深圳 4号线/龙华线 福民
67%
深圳 5号线/环中线 百鸽笼
67%
深圳 7号线/西丽线 沙尾
67%
深圳 7号线/西丽线 石厦
67%
深圳 7号线/西丽线 福民
67%
深圳 10号线/坂田线 福民
67%
深圳 12号线/南宝线 朗下
67%
武汉 6号线 琴台
67%
天津 10号线 于台
67%
南京 3号线 夫子庙
67%
南京 S6号线 古泉
67%
香港 东涌线 青衣
67%
香港 观塘线 石硖尾
67%
香港 观塘线 牛头角
67%
香港 机场快线 青衣
67%
香港 荃湾线 尖沙咀
67%
重庆 4号线 桐梓林
67%
重庆 4号线 保税港
67%
重庆 9号线 高滩岩
67%
重庆 9号线 保税港
67%
重庆 10号线 后堡
67%
重庆 18号线 电厂
67%
杭州 绍兴1号线 前梅
67%
杭州 绍兴1号线 凤林
67%
杭州 6号线 元宝塘
67%
杭州 6号线 星民
67%
杭州 6号线 元宝塘
67%
杭州 6号线 星民
67%
沈阳 3号线 李达
67%
成都 1号线 桐梓林
67%
成都 1号线 桐梓林
67%
成都 S3(资阳)线 宝台
67%
成都 4号线 宽窄巷子
67%
成都 27号线 旃檀寺
67%
成都 27号线 石佛
67%
长春 2号线 兴隆堡
67%
长春 3号线 伪满皇宫
67%
长春 4号线 伪满皇宫
67%
苏州 2号线 月亮湾
67%
苏州 5号线 华莲
67%
苏州 6号线 长泾
67%
苏州 11号线 鱼池泾
67%
佛山 佛山2号线 沙岗
67%
佛山 广佛线 澜石
67%
昆明 1号线 福德
67%
昆明 1号线 福德
67%
昆明 3号线 石咀
67%
昆明 4号线 菊华
67%
昆明 5号线 弥勒寺
67%
昆明 6号线 菊华
67%
西安 1号线 后卫寨
67%
郑州 1号线 碧沙岗
67%
郑州 3号线 凤凰台
67%
郑州 7号线 琉璃寺
67%
长沙 4号线 砂子塘
67%
长沙 6号线 长丰
67%
青岛 蓝谷快线 庙石
67%
南昌 4号线 鱼尾洲
67%
福州 6号线 营前
67%
南宁 1号线 石埠
67%
南宁 2号线 平良立交
67%
南宁 3号线 平良立交
67%
合肥 3号线 鸭林冲
67%
合肥 4号线 柳树塘
67%
合肥 4号线 柳树塘
67%
合肥 8号线 杏林
67%
贵阳 S1线 皂角坝
67%
贵阳 S1线 石板哨
67%
贵阳 1号线 老湾塘
67%
哈尔滨 2号线 气象台
67%
温州 S1线 瓯华
67%
兰州 1号线 马滩
67%
常州 2号线 紫云
67%
徐州 3号线 下淀
67%
洛阳 1号线 杨湾
67%
北京 14号线 菜户营
65%
广州 佛山2号线 石梁
65%
广州 2号线 石壁
65%
广州 3号线 永泰
65%
广州 4号线 石碁
65%
广州 6号线 苏元
65%
广州 6号线 沙贝
65%
广州 7号线 石壁
65%
广州 11号线 沙涌
65%
广州 21号线 苏元
65%
广州 22号线 陈头岗
65%
广州 广佛线 沙涌
65%
深圳 2号线/8号线 赤湾
65%
深圳 2号线/8号线 科苑
65%
深圳 5号线/环中线 赤湾
65%
深圳 6号线/光明线 光明
65%
深圳 6号线支线 光明
65%
深圳 6号线支线 深理工
65%
深圳 9号线/梅林线 荔林
65%
深圳 10号线/坂田线 冬瓜岭
65%
深圳 12号线/南宝线 沙蚝
65%
深圳 13号线/石岩线 科苑
65%
深圳 16号线/龙坪线 沙壆
65%
武汉 1号线 额头湾
65%
武汉 4号线 柏林
65%
武汉 7号线 马池
65%
武汉 16号线 枫林
65%
武汉 21号线(阳逻线) 阳逻
65%
天津 10号线 玛钢厂
65%
南京 1号线 燕子矶
65%
南京 2号线 元通
65%
南京 S9号线(宁高线) 石湫
65%
南京 10号线 元通
65%
香港 港岛线 铜锣湾
65%
香港 港岛线 鲗鱼涌
65%
香港 观塘线 油麻地
65%
香港 将军澳线 鲗鱼涌
65%
香港 将军澳线 鲗鱼涌
65%
香港 荃湾线 油麻地
65%
重庆 2号线 牛角沱
65%
重庆 2号线 佛图关
65%
重庆 3号线 牛角沱
65%
重庆 4号线 石船
65%
杭州 2号线 朝阳
65%
杭州 4号线 皋亭坝
65%
杭州 6号线 双浦
65%
沈阳 4号线 砂阳
65%
成都 2号线 成渝立交
65%
成都 3号线 武侯立交
65%
成都 6号线 梓潼宫
65%
成都 6号线 青杠
65%
成都 8号线 桂林
65%
成都 19号线 明光
65%
苏州 2号线 桑田岛
65%
苏州 6号线 桑田岛
65%
苏州 8号线 陆慕古巷
65%
苏州 11号线 共青
65%
佛山 佛山2号线 石梁
65%
佛山 7号线 石壁
65%
佛山 广佛线 沙涌
65%
昆明 5号线 石闸
65%
西安 5号线 钓台
65%
西安 6号线 造字台
65%
西安 14号线 长陵
65%
长沙 5号线 鸭子铺
65%
宁波 1号线 芦港
65%
宁波 2号线 石碶
65%
宁波 3号线 朝阳
65%
宁波 5号线 盎孟港
65%
宁波 5号线 泗港
65%
宁波 5号线 石碶
65%
无锡 3号线 周泾巷
65%
福州 2号线 沙堤
65%
福州 2号线 洪湾
65%
福州 5号线 台屿
65%
合肥 1号线 丙子铺
65%
合肥 3号线 幸福坝
65%
哈尔滨 1号线 烟厂
65%
济南 1号线 赵营
65%
洛阳 1号线 塔湾
65%
北京 12号线 驼房营
63%
北京 16号线 永丰
63%
北京 16号线 马连洼
63%
上海 11号线 迪士尼
63%
上海 11号线 迪士尼
63%
广州 2号线 嘉禾望岗
63%
广州 3号线 高增
63%
广州 3号线 嘉禾望岗
63%
广州 7号线 长洲
63%
广州 9号线 高增
63%
广州 9号线 清布
63%
广州 11号线 梓元岗
63%
广州 13号线 双岗
63%
广州 14号线 嘉禾望岗
63%
广州 14号线 马沥
63%
深圳 2号线/8号线 湾厦
63%
深圳 5号线/环中线 桂湾
63%
深圳 6号线/光明线 溪头
63%
深圳 11号线/机场线 福永
63%
深圳 11号线/机场线 福星
63%
深圳 12号线/南宝线 福永
63%
深圳 12号线/南宝线 福围
63%
深圳 12号线/南宝线 兴围
63%
南京 S3号线(宁和线) 马骡圩
63%
南京 S9号线(宁高线) 高淳
63%
香港 迪士尼 迪士尼
63%
香港 东铁线 火炭
63%
香港 东铁线 落马洲
63%
香港 东铁线 火炭
63%
香港 观塘线 调景岭
63%
香港 将军澳线 调景岭
63%
香港 将军澳线 调景岭
63%
重庆 2号线 鱼洞
63%
重庆 3号线 鱼洞
63%
重庆 3号线 铜元局
63%
重庆 4号线 普福
63%
重庆 9号线 鲤鱼池
63%
重庆 10号线 鲤鱼池
63%
杭州 5号线 永福
63%
成都 2号线 书房
63%
成都 6号线 兴盛
63%
成都 8号线 永丰
63%
长春 2号线 双丰
63%
长春 6号线 双丰
63%
苏州 4号线 活力岛
63%
苏州 6号线 秋塘浜
63%
佛山 7号线 长洲
63%
西安 5号线 马腾空
63%
西安 8号(环)线 马腾空
63%
郑州 1号线 兰寨
63%
郑州 3号线 营岗
63%
长沙 1号线 文昌阁
63%
长沙 4号线 赤岗岭
63%
长沙 6号线 长庆
63%
长沙 6号线 文昌阁
63%
南昌 4号线 桃苑
63%
南昌 4号线 火炬
63%
福州 4号线 鳌峰洲
63%
东莞 2号线 蛤地
63%
合肥 3号线 洪岗
63%
合肥 3号线 文浍苑
63%
合肥 4号线 复兴集
63%
合肥 5号线 沈湾
63%
厦门 1号线 殿前
63%
厦门 1号线 高崎
63%
厦门 2号线 后埔
63%
哈尔滨 2号线 省政府
63%
石家庄 3号线 高柱
63%
兰州 1号线 省政府
63%
北京 7号线 双合
60%
北京 7号线 化工
60%
北京 14号线 望京
60%
北京 14号线 景泰
60%
北京 15号线 望京
60%
北京 燕房线 紫草坞
60%
上海 2号线 唐镇
60%
上海 11号线 马陆
60%
上海 11号线 马陆
60%
广州 5号线 鱼珠
60%
广州 5号线 庙头
60%
广州 6号线 柯木塱
60%
广州 7号线 深井
60%
广州 13号线 鱼珠
60%
深圳 5号线/环中线 杨美
60%
深圳 6号线/光明线 松岗
60%
深圳 6号线/光明线 元芬
60%
深圳 7号线/西丽线 深云
60%
深圳 9号线/梅林线 深湾
60%
深圳 9号线/梅林线 香梅
60%
深圳 11号线/机场线 松岗
60%
深圳 12号线/南宝线 松岗
60%
武汉 5号线 彭刘杨
60%
南京 2号线 鱼嘴
60%
南京 2号线 马群
60%
南京 S6号线 马群
60%
香港 港岛线 太古
60%
重庆 3号线 工贸
60%
重庆 4号线 鱼嘴
60%
重庆 6号线 状元碑
60%
重庆 轨道交通国博线 复兴
60%
沈阳 1号线 张士
60%
沈阳 3号线 马贝
60%
大连 2号线 前革
60%
成都 5号线 神仙树
60%
成都 6号线 钓鱼嘴
60%
成都 7号线 神仙树
60%
成都 8号线 顺风
60%
佛山 7号线 深井
60%
西安 3号线 双寨
60%
西安 14号线 双寨
60%
郑州 3号线 兴隆铺
60%
郑州 4号线 杨君刘
60%
郑州 6号线 冯湾
60%
长沙 1号线 尚双塘
60%
长沙 2号线 光达
60%
长沙 3号线 阿弥岭
60%
长沙 4号线 光达
60%
宁波 1号线 泽民
60%
青岛 1号线 流亭
60%
青岛 1号线 凤凰岛
60%
福州 2号线 前屿
60%
福州 4号线 螺洲温泉
60%
福州 4号线 前屿
60%
福州 5号线 马榕
60%
福州 5号线 前锦
60%
南宁 4号线 那洪立交
60%
南宁 5号线 那洪立交
60%
合肥 3号线 方庙
60%
合肥 4号线 方庙
60%
合肥 4号线 方庙
60%
合肥 5号线 义兴
60%
贵阳 3号线 洛湾
60%
温州 S2线 永兴
60%
兰州 1号线 陈官营
60%
徐州 2号线 李沃
60%
北京 4号线大兴线 陶然亭
58%
北京 6号线 常营
58%
北京 7号线 达官营
58%
北京 16号线 达官营
58%
广州 2号线 昌岗
58%
广州 6号线 香雪
58%
广州 6号线 浔峰岗
58%
广州 7号线 裕丰围
58%
广州 8号线 昌岗
58%
广州 13号线 裕丰围
58%
广州 21号线 凤岗
58%
广州 21号线 钟岗
58%
深圳 1号线/罗宝线 宝体
58%
深圳 1号线/罗宝线 后瑞
58%
深圳 3号线/龙岗线 益田
58%
深圳 3号线/龙岗线 丹竹头
58%
深圳 5号线/环中线 荔湾
58%
深圳 5号线/环中线 妈湾
58%
深圳 5号线/环中线 民治
58%
深圳 5号线/环中线 坂田
58%
深圳 6号线/光明线 薯田埔
58%
深圳 6号线/光明线 长圳
58%
深圳 10号线/坂田线 岗头
58%
武汉 1号线 堤角
58%
武汉 1号线 宗关
58%
武汉 2号线 虎泉
58%
武汉 3号线 宗关
58%
武汉 7号线 横店
58%
武汉 7号线 常码头
58%
武汉 11号线 虎泉
58%
天津 3号线 宜兴埠
58%
天津 11号线 陈塘
58%
香港 港岛线 湾仔
58%
香港 港岛线 筲箕湾
58%
香港 港岛线 柴湾
58%
香港 荃湾线 荃湾
58%
香港 荃湾线 荔枝角
58%
重庆 3号线 回兴
58%
重庆 4号线 头塘
58%
重庆 9号线 头塘
58%
重庆 18号线 伏牛溪
58%
杭州 绍兴1号线 衙前
58%
大连 3号线 后盐
58%
大连 5号线 后盐
58%
大连 九里线 后盐
58%
成都 4号线 涌泉
58%
成都 6号线 芦角
58%
苏州 1号线 木渎
58%
佛山 3号线 潭洲会展
58%
佛山 7号线 裕丰围
58%
昆明 5号线 宝丰
58%
西安 1号线 陈杨寨
58%
西安 2号线 草滩
58%
西安 10号线 泾渭半岛
58%
西安 10号线 杨官寨
58%
西安 16号线 细柳营
58%
郑州 8号线 鲁庙
58%
长沙 5号线 毛竹塘
58%
无锡 3号线 苏庙
58%
南昌 2号线 顺外
58%
福州 1号线 茶亭
58%
福州 2号线 宁化
58%
福州 5号线 荆溪厚屿
58%
福州 5号线 洪塘
58%
合肥 2号线 撮镇
58%
合肥 8号线 双凤
58%
贵阳 1号线 雅关
58%
贵阳 3号线 甘荫塘
58%
厦门 3号线 浦边
58%
石家庄 2号线 义堂
58%
济南 3号线 滩头
58%
呼和浩特 1号线 伊利健康谷
58%
北京 6号线 草房
56%
北京 10号线 巴沟
56%
北京 房山线 稻田
56%
北京 西郊线 巴沟
56%
上海 18号线 航头
56%
广州 佛山2号线 登洲
56%
广州 2号线 洛溪
56%
广州 4号线 庆盛
56%
广州 6号线 长湴
56%
广州 7号线 美的
56%
广州 8号线 同德
56%
广州 9号线 飞鹅岭
56%
广州 广佛线 菊树
56%
深圳 2号线/8号线 盐田墟
56%
深圳 3号线/龙岗线 福保
56%
深圳 3号线/龙岗线 田贝
56%
深圳 6号线/光明线 官田
56%
深圳 7号线/西丽线 茶光
56%
深圳 7号线/西丽线 珠光
56%
深圳 7号线/西丽线 田贝
56%
深圳 9号线/梅林线 梅景
56%
深圳 11号线/机场线 塘尾
56%
武汉 2号线 佛祖岭
56%
武汉 3号线 双墩
56%
天津 9号线 泰达
56%
南京 S6号线 崇明
56%
南京 S8号线(宁天线) 长芦
56%
香港 东涌线 奥运
56%
香港 观塘线 旺角
56%
香港 观塘线 油塘
56%
香港 将军澳线 油塘
56%
香港 将军澳线 油塘
56%
香港 屯马线 元朗
56%
香港 荃湾线 旺角
56%
重庆 3号线 翠云
56%
重庆 9号线 溉澜溪
56%
杭州 绍兴1号线 芳泉
56%
杭州 7号线 观音塘
56%
杭州 9号线 观音塘
56%
大连 1号线 春柳
56%
大连 2号线 后革
56%
成都 6号线 蒲草塘
56%
成都 8号线 文星
56%
成都 18号线 兴隆
56%
苏州 3号线 唯亭
56%
苏州 3号线 横塘
56%
苏州 6号线 梅巷
56%
苏州 7号线 登云
56%
苏州 11号线 唯亭
56%
佛山 佛山2号线 登洲
56%
佛山 7号线 美的
56%
佛山 广佛线 菊树
56%
昆明 4号线 羊甫头
56%
昆明 5号线 福保
56%
西安 4号线 含元殿
56%
西安 5号线 镐京
56%
郑州 8号线 圃田
56%
郑州 郑许线 电气谷
56%
长沙 3号线 坪塘
56%
长沙 5号线 板塘冲
56%
无锡 1号线 刘潭
56%
无锡 4号线 刘潭
56%
南昌 4号线 观洲
56%
南宁 1号线 凤岭
56%
南宁 2号线 玉洞
56%
合肥 1号线 长淮
56%
合肥 3号线 凉亭
56%
合肥 3号线 竹丝滩
56%
合肥 8号线 双墩
56%
贵阳 2号线 云盘
56%
贵阳 3号线 茶店
56%
石家庄 1号线 福泽
56%
温州 S2线 鲍田
56%
温州 S2线 汀田
56%
济南 2号线 老屯
56%
太原 1号线 双塔
56%
北京 14号线 阜通
53%
北京 14号线 枣营
53%
上海 7号线 刘行
53%
上海 9号线 洞泾
53%
上海 17号线 赵巷
53%
广州 3号线 燕塘
53%
广州 4号线 塘坑
53%
广州 6号线 燕塘
53%
广州 6号线 如意坊
53%
广州 8号线 赤岗
53%
广州 9号线 莲塘
53%
广州 11号线 如意坊
53%
广州 11号线 燕岗
53%
广州 14号线 赤草
53%
广州 广佛线 燕岗
53%
深圳 2号线/8号线 莲塘
53%
深圳 3号线/龙岗线 塘坑
53%
深圳 3号线/龙岗线 横岗
53%
深圳 9号线/梅林线 文锦
53%
深圳 12号线/南宝线 流塘
53%
武汉 5号线 武钢
53%
香港 东铁线 粉岭
53%
香港 东铁线 粉岭
53%
香港 观塘线 观塘
53%
香港 荃湾线 葵兴
53%
重庆 1号线 鹅岭
53%
杭州 3号线 全丰
53%
杭州 4号线 景芳
53%
成都 2号线 羊犀立交
53%
成都 3号线 川藏立交
53%
成都 27号线 羊犀立交
53%
苏州 6号线 虎丘
53%
苏州 7号线 越溪
53%
佛山 广佛线 燕岗
53%
西安 2号线 凤栖原
53%
西安 5号线 月登阁
53%
西安 9号线 洪庆
53%
郑州 8号线 祥营
53%
长沙 3号线 桐溪
53%
宁波 2号线 孔浦
53%
青岛 1号线 团岛
53%
青岛 2号线 麦岛
53%
南昌 4号线 璜溪
53%
福州 1号线 树兜
53%
福州 4号线 后屿
53%
福州 6号线 吴航
53%
南宁 4号线 良庆圩
53%
厦门 1号线 塘边
53%
厦门 2号线 蔡塘
53%
温州 S1线 德政
53%
温州 S1线 瑶溪
53%
北京 8号线 霍营
51%
北京 13号线 霍营
51%
北京 15号线 顺义
51%
上海 5号线 萧塘
51%
上海 8号线 杨思
51%
广州 1号线 杨箕
51%
广州 4号线 官洲
51%
广州 5号线 杨箕
51%
广州 5号线 文冲
51%
广州 14号线 神岗
51%
深圳 1号线/罗宝线 岗厦
51%
深圳 1号线/罗宝线 坪洲
51%
深圳 5号线/环中线 塘朗
51%
深圳 6号线/光明线 翰岭
51%
深圳 9号线/梅林线 孖岭
51%
深圳 10号线/坂田线 孖岭
51%
深圳 10号线/坂田线 岗厦
51%
天津 2号线 卞兴
51%
天津 9号线 塘沽
51%
南京 2号线 孝陵卫
51%
南京 S3号线(宁和线) 双垅
51%
南京 S7号线(宁溧线) 柘塘
51%
南京 S8号线(宁天线) 葛塘
51%
南京 S9号线(宁高线) 明觉
51%
香港 东涌线 荔景
51%
香港 荃湾线 荔景
51%
重庆 1号线 双碑
51%
重庆 4号线 复盛
51%
重庆 5号线 重光
51%
杭州 绍兴1号线 张墅
51%
杭州 4号线 浦沿
51%
杭州 4号线 黎明
51%
杭州 7号线 兴议
51%
杭州 7号线 莫邪塘
51%
沈阳 3号线 宁官
51%
成都 2号线 犀浦
51%
成都 3号线 衣冠庙
51%
成都 6号线 犀浦
51%
成都 9号线 培风
51%
苏州 3号线 跨塘
51%
苏州 5号线 斜塘
51%
苏州 6号线 保丰
51%
苏州 8号线 斜塘
51%
苏州 11号线 神童泾
51%
西安 9号线 凤凰池
51%
郑州 1号线 铁炉
51%
郑州 14号线 铁炉
51%
长沙 3号线 螺丝塘
51%
长沙 4号线 圭塘
51%
长沙 4号线 粟塘
51%
长沙 5号线 圭塘
51%
长沙 6号线 涧塘
51%
宁波 1号线 霞浦
51%
无锡 3号线 叙丰
51%
青岛 3号线 错埠岭
51%
青岛 4号线 错埠岭
51%
青岛 6号线 辛屯
51%
青岛 西海岸快线 辛屯
51%
福州 2号线 苏洋
51%
福州 4号线 凤凰池
51%
合肥 1号线 张洼
51%
合肥 2号线 排头
51%
厦门 1号线 将军祠
51%
厦门 2号线 岭兜
51%
温州 S1线 桐岭
51%
呼和浩特 2号线 毫沁营
51%
呼和浩特 2号线 喇嘛营
51%
洛阳 2号线 邙岭
51%
北京 10号线 劲松
49%
北京 16号线 屯佃
49%
广州 1号线 农讲所
49%
广州 佛山2号线 仙涌
49%
广州 佛山2号线 张槎
49%
广州 2号线 纪念堂
49%
广州 3号线 岗顶
49%
广州 8号线 琶洲
49%
广州 11号线 琶洲
49%
广州 14号线 夏良
49%
广州 14号线 钟落潭
49%
深圳 1号线/罗宝线 世界之窗
49%
深圳 2号线/8号线 世界之窗
49%
深圳 6号线支线 圳美
49%
深圳 12号线/南宝线 怀德
49%
深圳 16号线/龙坪线 尚景
49%
天津 津静线 精武
49%
香港 将军澳线 将军澳
49%
香港 将军澳线 将军澳
49%
香港 屯马线 美孚
49%
香港 屯马线 启德
49%
香港 荃湾线 美孚
49%
杭州 3号线 古荡
49%
杭州 3号线 古荡
49%
苏州 1号线 养育巷
49%
苏州 8号线 夏圩
49%
佛山 佛山2号线 张槎
49%
佛山 佛山2号线 仙涌
49%
西安 2号线 电视塔
49%
西安 8号(环)线 电视塔
49%
西安 14号线 摆旗寨
49%
宁波 5号线 庙堰
49%
南昌 3号线 柏岗
49%
东莞 2号线 珊美
49%
南宁 5号线 邕宾立交
49%
合肥 1号线 朱岗
49%
石家庄 3号线 位同
49%
济南 3号线 川流
49%
常州 2号线 怀德
49%
太原 2号线 尖草坪
49%
呼和浩特 1号线 什兰岱
49%
北京 7号线 垡头
47%
北京 8号线 德茂
47%
北京 10号线 首经贸
47%
北京 房山线 篱笆房
47%
北京 房山线 首经贸
47%
广州 4号线 低涌
47%
广州 5号线 猎德
47%
广州 广佛线 鹤洞
47%
广州 广佛线 祖庙
47%
深圳 2号线/8号线 侨香
47%
深圳 2号线/8号线 香蜜
47%
深圳 3号线/龙岗线 富坪
47%
深圳 5号线/环中线 留仙洞
47%
深圳 5号线/环中线 怡景
47%
深圳 7号线/西丽线 赤尾
47%
深圳 11号线/机场线 碧头
47%
深圳 12号线/南宝线 步涌
47%
武汉 5号线 光霞
47%
武汉 21号线(阳逻线) 施岗
47%
南京 1号线 吉祥庵
47%
大连 3号线 香炉礁
47%
大连 九里线 香炉礁
47%
苏州 3号线 铜墩
47%
佛山 广佛线 祖庙
47%
佛山 广佛线 鹤洞
47%
郑州 4号线 老鸦陈
47%
长沙 6号线 韶光
47%
福州 6号线 壶井
47%
合肥 1号线 骆岗
47%
合肥 4号线 烧脉岗
47%
厦门 1号线 文灶
47%
济南 3号线 临空
47%
兰州 1号线 省气象局
47%
兰州 1号线 拱星墩
47%
北京 13号线 柳芳
44%
广州 2号线 萧岗
44%
广州 6号线 萝岗
44%
广州 6号线 暹岗
44%
广州 7号线 萝岗
44%
广州 7号线 员岗
44%
广州 广佛线 礌岗
44%
广州 广佛线 世纪莲
44%
深圳 7号线/西丽线 笋岗
44%
深圳 9号线/梅林线 泥岗
44%
武汉 2号线 航空总部
44%
南京 S6号线 童世界
44%
香港 东铁线 会展
44%
香港 东铁线 会展
44%
重庆 4号线 寸滩
44%
重庆 5号线 丹鹤
44%
重庆 璧铜线 庆隆
44%
杭州 6号线 虎啸杏
44%
杭州 7号线 义蓬
44%
成都 6号线 望丛祠
44%
成都 27号线 慈义
44%
苏州 2号线 郭巷
44%
苏州 7号线 洋泾
44%
苏州 7号线 郭巷
44%
佛山 南海有轨电车1号线 礌岗
44%
佛山 7号线 萝岗
44%
佛山 7号线 员岗
44%
佛山 广佛线 世纪莲
44%
佛山 广佛线 礌岗
44%
长沙 3号线 灵官渡
44%
宁波 5号线 梅堰
44%
无锡 3号线 盛岸
44%
无锡 4号线 盛岸
44%
南昌 2号线 生米
44%
福州 4号线 竹屿
44%
福州 5号线 义序
44%
南宁 5号线 虎邱
44%
厦门 1号线 岩内
44%
北京 7号线 群芳
42%
北京 10号线 芍药居
42%
北京 13号线 芍药居
42%
北京 16号线 看丹
42%
北京 17号线 次渠
42%
北京 亦庄线 次渠
42%
广州 3号线 厦滘
42%
广州 7号线 姬堂
42%
广州 14号线 竹料
42%
广州 18号线 横沥
42%
深圳 3号线/龙岗线 翠竹
42%
深圳 3号线/龙岗线 草埔
42%
深圳 3号线/龙岗线 布吉
42%
深圳 5号线/环中线 灵芝
42%
深圳 5号线/环中线 布吉
42%
深圳 10号线/坂田线 雪象
42%
深圳 12号线/南宝线 灵芝
42%
深圳 14号线/东部快线 布吉
42%
深圳 16号线/龙坪线 坪环
42%
香港 将军澳线 宝琳
42%
重庆 6号线 礼嘉
42%
重庆 轨道交通国博线 思源
42%
重庆 轨道交通国博线 礼嘉
42%
重庆 江跳线 享堂
42%
杭州 1号线 翁梅
42%
杭州 5号线 葛巷
42%
杭州 9号线 翁梅
42%
大连 5号线 桃源
42%
苏州 4号线 苏锦
42%
苏州 6号线 苏锦
42%
苏州 7号线 板泾
42%
佛山 7号线 姬堂
42%
昆明 4号线 塔密
42%
青岛 1号线 沟岔
42%
青岛 8号线 观涛
42%
哈尔滨 1号线 哈达
42%
石家庄 2号线 塔坛
42%
常州 1号线 翠竹
42%
呼和浩特 1号线 将军衙署
42%
上海 11号线 真如
40%
上海 11号线 真如
40%
上海 14号线 真如
40%
深圳 2号线/8号线 深康
40%
深圳 3号线/龙岗线 吉祥
40%
深圳 10号线/坂田线 雅宝
40%
香港 屯马线 柯士甸
40%
香港 荃湾线 葵芳
40%
重庆 1号线 尖顶坡
40%
重庆 10号线 悦来
40%
重庆 轨道交通国博线 悦来
40%
苏州 11号线 集善
40%
郑州 7号线 荆胡
40%
宁波 1号线 宝幢
40%
宁波 2号线 藕池
40%
无锡 1号线 雪浪
40%
无锡 2号线 荣巷
40%
青岛 西海岸快线 积米崖
40%
合肥 1号线 紫庐
40%
贵阳 3号线 贵医
40%
厦门 2号线 钟宅
40%
厦门 3号线 洪坑
40%
温州 S1线 灵昆
40%
温州 S2线 灵昆
40%
徐州 2号线 淮塔
40%
徐州 3号线 淮塔
40%
北京 10号线 泥洼
37%
北京 西郊线 茶棚
37%
上海 9号线 泗泾
37%
深圳 4号线/龙华线 观澜
37%
深圳 10号线/坂田线 甘坑
37%
深圳 12号线/南宝线 蚝乡
37%
南京 S7号线(宁溧线) 群力
37%
香港 观塘线 彩虹
37%
重庆 1号线 烈士墓
37%
杭州 1号线 乔司
37%
杭州 3号线 屏峰
37%
杭州 9号线 乔司
37%
沈阳 3号线 甘官
37%
成都 2号线 界牌
37%
苏州 2号线 友联
37%
苏州 7号线 群力
37%
郑州 7号线 陈砦
37%
宁波 5号线 布政
37%
福州 1号线 象峰
37%
东莞 2号线 陈屋
37%
南宁 2号线 苏卢
37%
南宁 2号线 坛泽
37%
合肥 3号线 幼儿师范
37%
石家庄 3号线 塔冢
37%
乌鲁木齐 1号线 宣仁墩
37%
上海 14号线 封浜
35%
南京 S9号线(宁高线) 团结圩
35%
重庆 环线 渝鲁
35%
沈阳 3号线 余良
35%
苏州 6号线 富强
35%
西安 8号(环)线 韩森寨
35%
郑州 5号线 齐礼阎
35%
青岛 西海岸快线 隐珠
35%
福州 4号线 横屿
35%
合肥 2号线 漕冲
35%
贵阳 2号线 贵钢
35%
济南 1号线 方特
35%
广州 5号线 坦尾
33%
广州 6号线 坦尾
33%
深圳 2号线/8号线 登良
33%
深圳 3号线/龙岗线 爱联
33%
武汉 4号线 知音
33%
香港 屯马线 兆康
33%
重庆 环线 仁济
33%
大连 12号线 旅顺
33%
宁波 4号线 矮柳
33%
宁波 5号线 柳隘
33%
太原 2号线 嘉节
33%
广州 3号线 沥滘
30%
广州 21号线 坑贝
30%
广州 广佛线 沥滘
30%
南京 S6号线 句容
30%
重庆 轨道交通3号线(空港线) 碧津
30%
重庆 3号线 碧津
30%
杭州 杭海城际 盐官
30%
成都 6号线 陆肖
30%
佛山 广佛线 沥滘
30%
宁波 5号线 曹隘
30%
福州 1号线 梁厝
30%
福州 6号线 梁厝
30%
深圳 14号线/东部快线 坑梓
28%
苏州 2号线 陆慕
28%
佛山 3号线 岳步
28%
佛山 3号线 叠滘
28%
西安 1号线 半坡
28%
长沙 3号线 丝茅冲
28%
福州 6号线 潘墩
28%
东莞 2号线 寮厦
28%
贵阳 1号线 窦官
28%
厦门 1号线 官任
28%
哈尔滨 1号线 瓦盆窑
28%
徐州 3号线 蟠桃
28%
北京 6号线 褡裢坡
26%
广州 8号线 鹅掌坦
26%
深圳 3号线/龙岗线 晒布
26%
天津 5号线 直沽
26%
天津 9号线 直沽
26%
香港 迪士尼 欣澳
26%
香港 东涌线 欣澳
26%
香港 屯马线 显径
26%
杭州 2号线 良渚
26%
杭州 3号线 善贤
26%
杭州 3号线 善贤
26%
杭州 5号线 善贤
26%
沈阳 9号线 曹仲
26%
成都 10号线 簇锦
26%
苏州 4号线 姚祥
26%
苏州 6号线 琼姬墩
26%
苏州 8号线 御窑
26%
苏州 8号线 琼姬墩
26%
西安 8号(环)线 寒窑
26%
西安 10号线 崇皇
26%
西安 10号线 榆楚
26%
长沙 S2线 磁浮榔梨
26%
青岛 蓝谷快线 枯桃
26%
福州 2号线 祥坂
26%
福州 5号线 盘屿
26%
厦门 2号线 何厝
26%
常州 2号线 勤业
26%
常州 2号线 丁堰
26%
深圳 4号线/龙华线 茜坑
23%
武汉 4号线 集贤
23%
重庆 4号线 雁坪
23%
杭州 1号线 彭埠
23%
杭州 1号线 彭埠
23%
杭州 4号线 彭埠
23%
杭州 5号线 杭氧
23%
沈阳 9号线 滑翔
23%
苏州 11号线 正仪
23%
宁波 1号线 梁祝
23%
合肥 3号线 芮祠
23%
厦门 1号线 莲坂
23%
厦门 3号线 鼓锣
23%
厦门 3号线 蔡厝
23%
深圳 5号线/环中线 翻身
21%
南京 S8号线(宁天线) 卸甲甸
21%
重庆 5号线 忠恕沱
21%
重庆 9号线 蚂蝗梁
21%
杭州 6号线 枸桔弄
21%
杭州 6号线 枸桔弄
21%
郑州 5号线 桐淮
21%
郑州 6号线 桐淮
21%
长沙 6号线 象鼻窝
21%
无锡 1号线 扬名
21%
厦门 1号线 吕厝
21%
厦门 2号线 吕厝
21%
济南 2号线 祝甸
21%
北京 15号线 俸伯
19%
香港 荃湾线 佐敦
19%
成都 6号线 檬梓
19%
苏州 11号线 兵希
19%
佛山 3号线 伦教
19%
郑州 6号线 贾峪
19%
宁波 5号线 雅渡
19%
青岛 4号线 登瀛
19%
厦门 3号线 坂尚
19%
香港 屯马线 朗屏
16%
重庆 4号线 鹿栖
16%
成都 5号线 抚琴
16%
宁波 2号线 压赛堰
16%
南昌 3号线 邓埠
16%
温州 S2线 盐盆
16%
郑州 6号线 嵩淮
14%
南昌 3号线 施尧
14%
深圳 1号线/罗宝线 固戍
12%
深圳 3号线/龙岗线 荷坳
12%
杭州 6号线 受降
12%
苏州 11号线 绣衣
12%
宁波 2号线 栎社
12%
福州 1号线 胪雷
12%
福州 2号线 厚庭
12%
福州 5号线 阵坂
12%
福州 5号线 霞镜
12%
石家庄 1号线 谈固
12%
武汉 2号线 螃蟹岬
9%
武汉 7号线 螃蟹岬
9%
武汉 16号线 纱帽
9%
成都 S3(资阳)线 芦葭
9%
苏州 7号线 娄葑
9%
西安 14号线 贺韶
9%
福州 1号线 葫芦阵
9%
福州 6号线 樟岚
9%
深圳 14号线/东部快线 嶂背
7%
武汉 11号线 豹澥
7%
苏州 7号线 蠡墅
7%
西安 10号线 帽珥冢
7%
宁波 1号线 邬隘
7%
宁波 3号线 琎琳
7%
南宁 2号线 秀厢
7%
温州 S2线 莘塍
7%
深圳 14号线/东部快线 坳背
5%
重庆 3号线 鸳鸯
5%
重庆 5号线 跳磴
5%
重庆 18号线 跳磴
5%
重庆 江跳线 跳磴
5%
成都 6号线 郫筒
5%
宁波 3号线 仇毕
5%
温州 S2线 翁垟
5%
苏州 11号线 菉葭
2%
无锡 S1线 峭岐
2%
青岛 蓝谷快线 皋虞
2%
青岛 西海岸快线 琅琊
2%
No matching quizzes found
Score Distribution
Percent of People with Each Score
Percentile by Number Answered
Your Score History
You have not taken this quiz